{"text_format":"3","workbook":"xlsx","n_sheets":6,"sheets":["25'03월","companyproduct","25'03월 (2)","Sheet1","PRODUCTID","거래처ID"],"not_rendered":{"defined_names":2},"read":"whole","date_system":"1900"}

{"sheet":"25'03월","index":0,"n_rows":133,"n_cols":33,"rows_kept":133,"merged":[[3,1,3,6],[3,8,4,8],[3,9,4,9],[3,11,4,11],[3,12,4,12],[3,13,4,13],[3,14,4,14],[3,15,4,15],[3,16,3,18],[3,19,3,21],[3,22,3,24],[3,25,3,27],[3,28,3,30],[3,31,4,31],[40,9,48,9],[50,9,54,9]]}
[]
[]
[null,"2025년 03월 재고 현황",{"$nulls":9},"리즈톡신",1,"unit",8.8,"cc"]
[null,"거래처",{"$nulls":6},"진료구분","구분",null,"제품명","재고관리용량","재고관리용량단위","사용시 용량","사용시 용량단위","이월",null,null,"입고",null,null,"실사용",null,null,"과부족",null,null,"실재 재고",null,null,"사유"]
[null,"거래처명","사업자번호","담당자명","연락처","이메일","거래처 메모","재고구분ID",{"$nulls":8},"단가","수량","금액","단가","수량","입고금액","단가","수량","사용금액","단가","수량","사용금액","단가","수량","재고금액"]
[{"$f":"VLOOKUP(B6,거래처ID!$A$2:$B$36,2,FALSE)","v":"C173258871030100000000057"},"휴젤","확인필요","이창기","010-2869-0068",null,"㈜블루엠텍",{"$f":"VLOOKUP(I6,Sheet1!$A$1:$B$5,2,FALSE)","v":"C1713152686736000000047"},"쁘띠","필러",{"$f":"VLOOKUP(L6,PRODUCTID!C2:D127,2,FALSE)","v":"P174533104211000000000170"},"채움프리미엄 1",2,"cc",1,"cc",{"v":18000,"d":"18,000"},16,{"$f":"+Q6*R6","v":{"v":288000,"d":"288,000"}},{"v":18000,"d":"18,000"},-6,{"$f":"+T6*U6","v":{"v":-108000,"d":"-108,000"}},{"v":18000,"d":"18,000"},{"v":11,"d":"11.0"},{"$f":"+W6*X6","v":{"v":198000,"d":"198,000"}},null,{"v":1,"d":"1.0"},{"$f":"+Z6*AA6","v":0},{"$f":"+Q6","v":{"v":18000,"d":"18,000"}},{"$f":"+R6+U6-X6+AA6","v":0},{"$f":"+AC6*AD6","v":0},"시술 축소로 일부 제고 반품",{"$f":"\"UPDATE MU_PRODUCT SET MU_TREATMENT_ID = '\" & H6 & \"' WHERE MU_PRODUCT_ID = '\" & K6 & \"';\"","v":"UPDATE MU_PRODUCT SET MU_TREATMENT_ID = 'C1713152686736000000047' WHERE MU_PRODUCT_ID = 'P174533104211000000000170';"}]
[{"$f":"VLOOKUP(B7,거래처ID!$A$2:$B$36,2,FALSE)","v":"C173258871030100000000057"},"휴젤","확인필요","이창기","010-2869-0068",null,null,{"$f":"VLOOKUP(I7,Sheet1!$A$1:$B$5,2,FALSE)","v":"C1713152686736000000047"},"쁘띠","필러",{"$f":"VLOOKUP(L7,PRODUCTID!C3:D128,2,FALSE)","v":"P174533104211000000000171"},"체움프리미엄 2",2,"cc",1,"cc",{"v":18000,"d":"18,000"},23,{"$f":"+Q7*R7","v":{"v":414000,"d":"414,000"}},{"v":18000,"d":"18,000"},-10,{"v":-180000,"d":"-180,000"},{"v":18000,"d":"18,000"},{"v":14,"d":"14.0"},{"v":252000,"d":"252,000"},null,{"v":1,"d":"1.0"},0,{"$f":"+Q7","v":{"v":18000,"d":"18,000"}},{"$f":"+R7+U7-X7+AA7","v":0},0,"시술 축소로 일부 제고 반품",{"$f":"\"UPDATE MU_PRODUCT SET MU_TREATMENT_ID = '\" & H7 & \"' WHERE MU_PRODUCT_ID = '\" & K7 & \"';\"","v":"UPDATE MU_PRODUCT SET MU_TREATMENT_ID = 'C1713152686736000000047' WHERE MU_PRODUCT_ID = 'P174533104211000000000171';"}]
[{"$f":"VLOOKUP(B8,거래처ID!$A$2:$B$36,2,FALSE)","v":"C173258871030100000000057"},"휴젤","확인필요","이창기","010-2869-0068",null,null,{"$f":"VLOOKUP(I8,Sheet1!$A$1:$B$5,2,FALSE)","v":"C1713152686736000000047"},"쁘띠","필러",{"$f":"VLOOKUP(L8,PRODUCTID!C4:D129,2,FALSE)","v":"P174533104211000000000172"},"채움프리미엄 3",2,"cc",1,"cc",{"v":18000,"d":"18,000"},25,{"v":450000,"d":"450,000"},{"v":18000,"d":"18,000"},-10,{"v":-180000,"d":"-180,000"},{"v":18000,"d":"18,000"},{"v":11,"d":"11.0"},{"v":198000,"d":"198,000"},null,0,0,{"v":18000,"d":"18,000"},{"v":4,"d":"4.0"},{"v":72000,"d":"72,000"},"시술 축소로 일부 제고 반품","UPDATE MU_PRODUCT SET MU_TREATMENT_ID = 'C1713152686736000000047' WHERE MU_PRODUCT_ID = 'P174533104211000000000172';"]
[{"$f":"VLOOKUP(B9,거래처ID!$A$2:$B$36,2,FALSE)","v":"C173258871030100000000041"},"뉴메코","264-81-13092","윤진섭과장","010-4757-0391",null,null,{"$f":"VLOOKUP(I9,Sheet1!$A$1:$B$5,2,FALSE)","v":"C1713152686736000000047"},"쁘띠","필러",{"$f":"VLOOKUP(L9,PRODUCTID!C5:D130,2,FALSE)","v":"P174533104211000000000173"},"뉴라미스라이트",1,"cc",1,"cc",{"v":14000,"d":"14,000"},24,{"v":336000,"d":"336,000"},null,null,0,{"v":14000,"d":"14,000"},{"v":1,"d":"1.0"},{"v":14000,"d":"14,000"},null,0,0,{"v":14000,"d":"14,000"},{"v":23,"d":"23.0"},{"v":322000,"d":"322,000"},null,"UPDATE MU_PRODUCT SET MU_TREATMENT_ID = 'C1713152686736000000047' WHERE MU_PRODUCT_ID = 'P174533104211000000000173';"]
[{"$f":"VLOOKUP(B10,거래처ID!$A$2:$B$36,2,FALSE)","v":"C173258871030100000000041"},"뉴메코","264-81-13092","윤진섭과장","010-4757-0391",null,null,{"$f":"VLOOKUP(I10,Sheet1!$A$1:$B$5,2,FALSE)","v":"C1713152686736000000047"},"쁘띠","필러",{"$f":"VLOOKUP(L10,PRODUCTID!C6:D131,2,FALSE)","v":"P174533104211000000000174"},"뉴라미스리도카인",1,"cc",1,"cc",{"v":18000,"d":"18,000"},20,{"v":360000,"d":"360,000"},null,null,0,{"v":18000,"d":"18,000"},{"v":2,"d":"2.0"},{"v":36000,"d":"36,000"},null,{"v":1,"d":"1.0"},0,{"v":18000,"d":"18,000"},{"v":19,"d":"19.0"},{"v":342000,"d":"342,000"},null,"UPDATE MU_PRODUCT SET MU_TREATMENT_ID = 'C1713152686736000000047' WHERE MU_PRODUCT_ID = 'P174533104211000000000174';"]
[{"$f":"VLOOKUP(B11,거래처ID!$A$2:$B$36,2,FALSE)","v":"C173258871030100000000041"},"뉴메코","264-81-13092","윤진섭과장","010-4757-0391",null,null,{"$f":"VLOOKUP(I11,Sheet1!$A$1:$B$5,2,FALSE)","v":"C1713152686736000000047"},"쁘띠","필러",{"$f":"VLOOKUP(L11,PRODUCTID!C7:D132,2,FALSE)","v":"P174533104211000000000175"},"뉴라미스볼륨",1,"cc",1,"cc",{"v":18000,"d":"18,000"},11,{"v":198000,"d":"198,000"},null,null,0,{"v":18000,"d":"18,000"},{"v":1,"d":"1.0"},{"v":18000,"d":"18,000"},null,0,0,{"v":18000,"d":"18,000"},{"v":10,"d":"10.0"},{"v":180000,"d":"180,000"},null,"UPDATE MU_PRODUCT SET MU_TREATMENT_ID = 'C1713152686736000000047' WHERE MU_PRODUCT_ID = 'P174533104211000000000175';"]
[{"$f":"VLOOKUP(B12,거래처ID!$A$2:$B$36,2,FALSE)","v":"C173258871030100000000043"},"한국애브비㈜","120-87-80221","김주현차장","010-4097-2589",null,null,{"$f":"VLOOKUP(I12,Sheet1!$A$1:$B$5,2,FALSE)","v":"C1713152686736000000047"},"쁘띠","필러",{"$f":"VLOOKUP(L12,PRODUCTID!C8:D133,2,FALSE)","v":"P174533104211000000000176"},"쥬비덤 볼벨라",2,"cc",1,"cc",{"v":130164,"d":"130,164"},18,{"v":2342952,"d":"2,342,952"},{"v":130164,"d":"130,164"},20,{"v":2603280,"d":"2,603,280"},{"v":130164,"d":"130,164"},{"v":21,"d":"21.0"},{"v":2733444,"d":"2,733,444"},null,{"v":6,"d":"6.0"},0,{"$f":"+Q12","v":{"v":130164,"d":"130,164"}},{"v":23,"d":"23.0"},{"v":2993772,"d":"2,993,772"},null,"UPDATE MU_PRODUCT SET MU_TREATMENT_ID = 'C1713152686736000000047' WHERE MU_PRODUCT_ID = 'P174533104211000000000176';"]
[{"$f":"VLOOKUP(B13,거래처ID!$A$2:$B$36,2,FALSE)","v":"C173258871030100000000043"},"한국애브비㈜","120-87-80221","김주현차장","010-4097-2589",null,null,{"$f":"VLOOKUP(I13,Sheet1!$A$1:$B$5,2,FALSE)","v":"C1713152686736000000047"},"쁘띠","필러",{"$f":"VLOOKUP(L13,PRODUCTID!C9:D134,2,FALSE)","v":"P174533104211000000000177"},"쥬비덤 볼리프트",2,"cc",1,"cc",{"v":130164.1,"d":"130,164"},27,{"v":3514430.7,"d":"3,514,431"},{"v":130164,"d":"130,164"},20,{"v":2603280,"d":"2,603,280"},{"v":130164,"d":"130,164"},{"v":19,"d":"19.0"},{"v":2473116,"d":"2,473,116"},null,{"v":1,"d":"1.0"},0,{"$f":"+Q13","v":{"v":130164.1,"d":"130,164"}},{"v":29,"d":"29.0"},{"v":3774758.9000000004,"d":"3,774,759"},null,"UPDATE MU_PRODUCT SET MU_TREATMENT_ID = 'C1713152686736000000047' WHERE MU_PRODUCT_ID = 'P174533104211000000000177';"]
[{"$f":"VLOOKUP(B14,거래처ID!$A$2:$B$36,2,FALSE)","v":"C173258871030100000000043"},"한국애브비㈜","120-87-80221","김주현차장","010-4097-2589",null,null,{"$f":"VLOOKUP(I14,Sheet1!$A$1:$B$5,2,FALSE)","v":"C1713152686736000000047"},"쁘띠","필러",{"$f":"VLOOKUP(L14,PRODUCTID!C10:D135,2,FALSE)","v":"P174533104211000000000178"},"쥬비덤 볼루마",2,"cc",1,"cc",{"v":130164,"d":"130,164"},36,{"v":4685904,"d":"4,685,904"},null,null,0,{"v":130164,"d":"130,164"},{"v":5,"d":"5.0"},{"v":650820,"d":"650,820"},null,{"v":1,"d":"1.0"},0,{"$f":"+Q14","v":{"v":130164,"d":"130,164"}},{"v":32,"d":"32.0"},{"v":4165248,"d":"4,165,248"},null,"UPDATE MU_PRODUCT SET MU_TREATMENT_ID = 'C1713152686736000000047' WHERE MU_PRODUCT_ID = 'P174533104211000000000178';"]
[{"$f":"VLOOKUP(B15,거래처ID!$A$2:$B$36,2,FALSE)","v":"C173258871030100000000044"},"우노스킨","128-36-45769","한수정","010-4787-5735",null,null,{"$f":"VLOOKUP(I15,Sheet1!$A$1:$B$5,2,FALSE)","v":"C1713152686736000000047"},"쁘띠","필러",{"$f":"VLOOKUP(L15,PRODUCTID!C11:D136,2,FALSE)","v":"P174533104211000000000179"},"레스틸렌비탈",1,"cc",1,"cc",{"v":115500,"d":"115,500"},9,{"v":1039500,"d":"1,039,500"},null,null,0,{"v":115500,"d":"115,500"},{"v":1,"d":"1.0"},{"v":115500,"d":"115,500"},null,{"v":9,"d":"9.0"},0,{"v":115500,"d":"115,500"},{"v":17,"d":"17.0"},{"v":1963500,"d":"1,963,500"},"유통기한 폐기 교환","UPDATE MU_PRODUCT SET MU_TREATMENT_ID = 'C1713152686736000000047' WHERE MU_PRODUCT_ID = 'P174533104211000000000179';"]
[{"$f":"VLOOKUP(B16,거래처ID!$A$2:$B$36,2,FALSE)","v":"C173258871030100000000044"},"우노스킨","128-36-45769","한수정","010-4787-5735",null,null,{"$f":"VLOOKUP(I16,Sheet1!$A$1:$B$5,2,FALSE)","v":"C1713152686736000000047"},"쁘띠","필러",{"$f":"VLOOKUP(L16,PRODUCTID!C12:D137,2,FALSE)","v":"P174533104211000000000180"},"레스틸렌리파인",1,"cc",1,"cc",{"v":110000,"d":"110,000"},18,{"v":1980000,"d":"1,980,000"},null,null,0,{"v":110000,"d":"110,000"},0,0,null,{"v":7,"d":"7.0"},0,{"v":110000,"d":"110,000"},{"v":25,"d":"25.0"},{"v":2750000,"d":"2,750,000"},"유통기한 폐기 교환","UPDATE MU_PRODUCT SET MU_TREATMENT_ID = 'C1713152686736000000047' WHERE MU_PRODUCT_ID = 'P174533104211000000000180';"]
[{"$f":"VLOOKUP(B17,거래처ID!$A$2:$B$36,2,FALSE)","v":"C173258871030100000000044"},"우노스킨","128-36-45769","한수정","010-4787-5735",null,null,{"$f":"VLOOKUP(I17,Sheet1!$A$1:$B$5,2,FALSE)","v":"C1713152686736000000047"},"쁘띠","필러",{"$f":"VLOOKUP(L17,PRODUCTID!C13:D138,2,FALSE)","v":"P174533104211000000000181"},"레스틸렌디파인",1,"cc",1,"cc",{"v":110000,"d":"110,000"},15,{"v":1650000,"d":"1,650,000"},null,null,0,{"v":110000,"d":"110,000"},{"v":4,"d":"4.0"},{"v":440000,"d":"440,000"},null,{"v":1,"d":"1.0"},0,{"v":110000,"d":"110,000"},{"v":12,"d":"12.0"},{"v":1320000,"d":"1,320,000"},"불량 교환","UPDATE MU_PRODUCT SET MU_TREATMENT_ID = 'C1713152686736000000047' WHERE MU_PRODUCT_ID = 'P174533104211000000000181';"]
[{"$f":"VLOOKUP(B18,거래처ID!$A$2:$B$36,2,FALSE)","v":"C173258871030100000000045"},"한국싱클레어(유)","530-87-00797","확인필요","010-8837-7677",null,null,{"$f":"VLOOKUP(I18,Sheet1!$A$1:$B$5,2,FALSE)","v":"C1713152686736000000047"},"쁘띠","필러",{"$f":"VLOOKUP(L18,PRODUCTID!C14:D139,2,FALSE)","v":"P174533104211000000000182"},"엘란쎄M(1)",2,"cc",1,"cc",{"v":211747,"d":"211,747"},32,{"v":6775904,"d":"6,775,904"},null,null,0,{"v":211747,"d":"211,747"},19.8,{"$f":"+W18*X18","v":{"v":4192590.6,"d":"4,192,591"}},null,{"v":-1,"d":"-1.0"},0,{"$f":"+Q18","v":{"v":211747,"d":"211,747"}},11.2,{"v":2371566.4,"d":"2,371,566"},"믹스 폐기","UPDATE MU_PRODUCT SET MU_TREATMENT_ID = 'C1713152686736000000047' WHERE MU_PRODUCT_ID = 'P174533104211000000000182';"]
[{"$f":"VLOOKUP(B19,거래처ID!$A$2:$B$36,2,FALSE)","v":"C173258871030100000000045"},"한국싱클레어(유)","530-87-00797","확인필요","010-8837-7677",null,null,{"$f":"VLOOKUP(I19,Sheet1!$A$1:$B$5,2,FALSE)","v":"C1713152686736000000047"},"쁘띠","필러",{"$f":"VLOOKUP(L19,PRODUCTID!C15:D140,2,FALSE)","v":"P174533104211000000000183"},"엘란쎄M(2)",2,"cc",1,"cc",{"v":211612.52,"d":"211,613"},120,{"v":25393502.4,"d":"25,393,502"},null,null,0,{"v":211613,"d":"211,613"},0,{"$f":"+W19*X19","v":0},null,0,0,{"$f":"+Q19","v":{"v":211612.52,"d":"211,613"}},{"v":120,"d":"120.0"},{"v":25393502.4,"d":"25,393,502"},null,"UPDATE MU_PRODUCT SET MU_TREATMENT_ID = 'C1713152686736000000047' WHERE MU_PRODUCT_ID = 'P174533104211000000000183';"]
[{"$f":"VLOOKUP(B20,거래처ID!$A$2:$B$36,2,FALSE)","v":"C173258871030100000000046"},"(주)한용팜","214-87-99253","한수정","010-4787-5735",null,null,{"$f":"VLOOKUP(I20,Sheet1!$A$1:$B$5,2,FALSE)","v":"C1713152686736000000047"},"쁘띠","필러",{"$f":"VLOOKUP(L20,PRODUCTID!C16:D141,2,FALSE)","v":"P174533104211000000000184"},"스컬트라",10,"cc",1,"cc",{"v":242000,"d":"242,000"},40,{"v":9680000,"d":"9,680,000"},{"v":242000,"d":"242,000"},50,{"v":12100000,"d":"12,100,000"},{"v":242000,"d":"242,000"},31.8,{"v":7695600,"d":"7,695,600"},null,{"v":4,"d":"4.0"},0,{"v":242000,"d":"242,000"},62.2,{"v":15052400,"d":"15,052,400"},null,"UPDATE MU_PRODUCT SET MU_TREATMENT_ID = 'C1713152686736000000047' WHERE MU_PRODUCT_ID = 'P174533104211000000000184';"]
[{"$f":"VLOOKUP(B21,거래처ID!$A$2:$B$36,2,FALSE)","v":"C173258871030100000000052"},"바임글로벌","757-87-01595","조봉근대리","010-3033-0729",null,null,{"$f":"VLOOKUP(I21,Sheet1!$A$1:$B$5,2,FALSE)","v":"C1713152686736000000047"},"쁘띠","필러",{"$f":"VLOOKUP(L21,PRODUCTID!C17:D142,2,FALSE)","v":"P174533104211000000000185"},"쥬베룩볼륨",9,"cc",1,"cc",{"v":110000,"d":"110,000"},12,{"v":1320000,"d":"1,320,000"},null,null,0,{"v":110000,"d":"110,000"},{"v":3.13,"d":"3.1"},{"v":344300,"d":"344,300"},null,0.1,0,{"v":110000,"d":"110,000"},{"v":8.97,"d":"9.0"},{"v":986700.0000000001,"d":"986,700"},null,"UPDATE MU_PRODUCT SET MU_TREATMENT_ID = 'C1713152686736000000047' WHERE MU_PRODUCT_ID = 'P174533104211000000000185';"]
[{"$f":"VLOOKUP(B22,거래처ID!$A$2:$B$36,2,FALSE)","v":"C173258871030100000000042"},"멀츠아시아퍼스픽피티이엘티디","211-84-10660","최진성","010-2942-0907",null,null,{"$f":"VLOOKUP(I22,Sheet1!$A$1:$B$5,2,FALSE)","v":"C1713152686736000000047"},"쁘띠","필러",{"$f":"VLOOKUP(L22,PRODUCTID!C18:D143,2,FALSE)","v":"P174533104211000000000186"},"벨로테로소프트(1)",1,"cc",1,"cc",{"v":91000,"d":"91,000"},55,{"v":5005000,"d":"5,005,000"},null,null,0,{"v":91000,"d":"91,000"},{"v":7,"d":"7.0"},{"v":637000,"d":"637,000"},null,{"v":2,"d":"2.0"},0,{"v":91000,"d":"91,000"},{"v":50,"d":"50.0"},{"v":4550000,"d":"4,550,000"},null,"UPDATE MU_PRODUCT SET MU_TREATMENT_ID = 'C1713152686736000000047' WHERE MU_PRODUCT_ID = 'P174533104211000000000186';"]
[{"$f":"VLOOKUP(B23,거래처ID!$A$2:$B$36,2,FALSE)","v":"C173258871030100000000042"},"멀츠아시아퍼스픽피티이엘티디","211-84-10660","최진성","010-2942-0907",null,null,{"$f":"VLOOKUP(I23,Sheet1!$A$1:$B$5,2,FALSE)","v":"C1713152686736000000047"},"쁘띠","필러",{"$f":"VLOOKUP(L23,PRODUCTID!C19:D144,2,FALSE)","v":"P174533104211000000000187"},"벨로테로소프트(2)",1,"cc",1,"cc",{"v":82727,"d":"82,727"},3,{"v":248181,"d":"248,181"},null,null,0,{"v":82727,"d":"82,727"},{"v":3,"d":"3.0"},{"v":248181,"d":"248,181"},null,0,0,{"v":82727,"d":"82,727"},0,0,null,"UPDATE MU_PRODUCT SET MU_TREATMENT_ID = 'C1713152686736000000047' WHERE MU_PRODUCT_ID = 'P174533104211000000000187';"]
[{"$f":"VLOOKUP(B24,거래처ID!$A$2:$B$36,2,FALSE)","v":"C173258871030100000000040"},"㈜휴메딕스","204-81-76343","김정국차장","010-8824-5615",null,null,{"$f":"VLOOKUP(I24,Sheet1!$A$1:$B$5,2,FALSE)","v":"C1713152686736000000047"},"쁘띠","보톡스",{"$f":"VLOOKUP(L24,PRODUCTID!C20:D145,2,FALSE)","v":"P174533104211000000000188"},"리즈톡신",200,"unit",8,"cc",{"v":25000,"d":"25,000"},54,{"v":1350000,"d":"1,350,000"},{"v":25000,"d":"25,000"},50,{"v":1250000,"d":"1,250,000"},{"v":25000,"d":"25,000"},{"v":43.32,"d":"43.3"},{"v":1083000,"d":"1,083,000"},null,2.3,0,{"v":25000,"d":"25,000"},{"v":62.98,"d":"63.0"},{"v":1574500,"d":"1,574,500"},null,"UPDATE MU_PRODUCT SET MU_TREATMENT_ID = 'C1713152686736000000047' WHERE MU_PRODUCT_ID = 'P174533104211000000000188';"]
[{"$f":"VLOOKUP(B25,거래처ID!$A$2:$B$36,2,FALSE)","v":"C173258871030100000000041"},"뉴메코","264-81-13092","윤진섭과장","010-4757-0391",null,null,{"$f":"VLOOKUP(I25,Sheet1!$A$1:$B$5,2,FALSE)","v":"C1713152686736000000047"},"쁘띠","보톡스",{"$f":"VLOOKUP(L25,PRODUCTID!C21:D146,2,FALSE)","v":"P174533104211000000000189"},"코어톡스",100,"unit",4,"cc",{"v":33000,"d":"33,000"},37,{"v":1221000,"d":"1,221,000"},{"v":33000,"d":"33,000"},50,{"v":1650000,"d":"1,650,000"},{"v":33000,"d":"33,000"},{"v":53.79,"d":"53.8"},{"v":1775070,"d":"1,775,070"},null,5.8,0,{"v":33000,"d":"33,000"},{"$f":"+R25+U25-X25+AA25","v":{"v":39.01,"d":"39.0"}},{"v":1287330,"d":"1,287,330"},null,"UPDATE MU_PRODUCT SET MU_TREATMENT_ID = 'C1713152686736000000047' WHERE MU_PRODUCT_ID = 'P174533104211000000000189';"]
[{"$f":"VLOOKUP(B26,거래처ID!$A$2:$B$36,2,FALSE)","v":"C173258871030100000000042"},"멀츠아시아퍼스픽피티이엘티디","211-84-10660","최진성","010-2942-0907",null,null,{"$f":"VLOOKUP(I26,Sheet1!$A$1:$B$5,2,FALSE)","v":"C1713152686736000000047"},"쁘띠","보톡스",{"$f":"VLOOKUP(L26,PRODUCTID!C22:D147,2,FALSE)","v":"P174533104211000000000190"},"제오민(1)",100,"unit",4,"cc",{"v":110000,"d":"110,000"},13,{"v":1430000,"d":"1,430,000"},null,null,0,{"v":110000,"d":"110,000"},{"v":13,"d":"13.0"},{"v":1430000,"d":"1,430,000"},null,0,0,{"v":110000,"d":"110,000"},0,0,null,"UPDATE MU_PRODUCT SET MU_TREATMENT_ID = 'C1713152686736000000047' WHERE MU_PRODUCT_ID = 'P174533104211000000000190';"]
[{"$f":"VLOOKUP(B27,거래처ID!$A$2:$B$36,2,FALSE)","v":"C173258871030100000000042"},"멀츠아시아퍼스픽피티이엘티디","211-84-10660","최진성","010-2942-0907",null,null,{"$f":"VLOOKUP(I27,Sheet1!$A$1:$B$5,2,FALSE)","v":"C1713152686736000000047"},"쁘띠","보톡스",{"$f":"VLOOKUP(L27,PRODUCTID!C23:D148,2,FALSE)","v":"P174533104211000000000191"},"제오민(2)",100,"unit",4,"cc",{"v":120000,"d":"120,000"},30,{"v":3600000,"d":"3,600,000"},{"v":120000,"d":"120,000"},5,{"v":600000,"d":"600,000"},{"v":120000,"d":"120,000"},{"v":33.53,"d":"33.5"},{"v":4023600,"d":"4,023,600"},null,2.5,null,{"v":120000,"d":"120,000"},{"v":3.969999999999999,"d":"4.0"},{"v":476399.9999999999,"d":"476,400"},null,"UPDATE MU_PRODUCT SET MU_TREATMENT_ID = 'C1713152686736000000047' WHERE MU_PRODUCT_ID = 'P174533104211000000000191';"]
[{"$f":"VLOOKUP(B28,거래처ID!$A$2:$B$36,2,FALSE)","v":"C173258871030100000000051"},"파마리서치","220-86-07450","장형곤","010-4117-6855",null,null,{"$f":"VLOOKUP(I28,Sheet1!$A$1:$B$5,2,FALSE)","v":"C1713152686736000000047"},"쁘띠","스킨부스터",{"$f":"VLOOKUP(L28,PRODUCTID!C24:D149,2,FALSE)","v":"P174533104211000000000192"},"리쥬란아이",1,"cc",1,"cc",{"v":52923,"d":"52,923"},25,{"v":1323075,"d":"1,323,075"},{"v":52923.2,"d":"52,923"},50,{"v":2646160,"d":"2,646,160"},{"v":52923,"d":"52,923"},{"v":39,"d":"39.0"},{"v":2063997,"d":"2,063,997"},null,0,0,{"v":52923,"d":"52,923"},{"v":36,"d":"36.0"},{"v":1905228,"d":"1,905,228"},null,"UPDATE MU_PRODUCT SET MU_TREATMENT_ID = 'C1713152686736000000047' WHERE MU_PRODUCT_ID = 'P174533104211000000000192';"]
[{"$f":"VLOOKUP(B29,거래처ID!$A$2:$B$36,2,FALSE)","v":"C173258871030100000000051"},"파마리서치","220-86-07450","장형곤","010-4117-6855",null,null,{"$f":"VLOOKUP(I29,Sheet1!$A$1:$B$5,2,FALSE)","v":"C1713152686736000000047"},"쁘띠","스킨부스터",{"$f":"VLOOKUP(L29,PRODUCTID!C25:D150,2,FALSE)","v":"P174533104211000000000193"},"리쥬란",4,"cc",2,"cc",{"v":94430,"d":"94,430"},126,{"v":11898180,"d":"11,898,180"},{"v":94429.5,"d":"94,430"},100,{"v":9442950,"d":"9,442,950"},{"v":94430,"d":"94,430"},{"v":109,"d":"109.0"},{"v":10292870,"d":"10,292,870"},null,0,0,{"v":94430,"d":"94,430"},{"v":117,"d":"117.0"},{"v":11048310,"d":"11,048,310"},null,"UPDATE MU_PRODUCT SET MU_TREATMENT_ID = 'C1713152686736000000047' WHERE MU_PRODUCT_ID = 'P174533104211000000000193';"]
[{"$f":"VLOOKUP(B30,거래처ID!$A$2:$B$36,2,FALSE)","v":"C173258871030100000000051"},"파마리서치","220-86-07450","장형곤","010-4117-6855",null,null,{"$f":"VLOOKUP(I30,Sheet1!$A$1:$B$5,2,FALSE)","v":"C1713152686736000000047"},"쁘띠","스킨부스터",{"$f":"VLOOKUP(L30,PRODUCTID!C26:D151,2,FALSE)","v":"P174533104211000000000194"},"리쥬란HB",1,"cc",1,"cc",{"v":55377,"d":"55,377"},51,{"v":2824227,"d":"2,824,227"},{"v":55377.3,"d":"55,377"},50,{"v":2768865,"d":"2,768,865"},{"v":55377,"d":"55,377"},{"v":63,"d":"63.0"},{"v":3488751,"d":"3,488,751"},null,{"v":1,"d":"1.0"},0,{"v":55377,"d":"55,377"},39,{"v":2159703,"d":"2,159,703"},null,"UPDATE MU_PRODUCT SET MU_TREATMENT_ID = 'C1713152686736000000047' WHERE MU_PRODUCT_ID = 'P174533104211000000000194';"]
[{"$f":"VLOOKUP(B31,거래처ID!$A$2:$B$36,2,FALSE)","v":"C173258871030100000000053"},"㈜아이더마바이오","610-87-00680","장영철차장","010-2580-4489",null,null,{"$f":"VLOOKUP(I31,Sheet1!$A$1:$B$5,2,FALSE)","v":"C1713152686736000000047"},"쁘띠","스킨부스터",{"$f":"VLOOKUP(L31,PRODUCTID!C27:D152,2,FALSE)","v":"P174533104211000000000195"},"샤넬",3,"cc",1,"cc",{"v":55648,"d":"55,648"},81,{"v":4507488,"d":"4,507,488"},null,null,0,{"v":55648,"d":"55,648"},{"v":12,"d":"12.0"},{"v":667776,"d":"667,776"},null,0,0,{"v":55648,"d":"55,648"},{"v":69,"d":"69.0"},{"v":3839712,"d":"3,839,712"},null,"UPDATE MU_PRODUCT SET MU_TREATMENT_ID = 'C1713152686736000000047' WHERE MU_PRODUCT_ID = 'P174533104211000000000195';"]
[{"$f":"VLOOKUP(B32,거래처ID!$A$2:$B$36,2,FALSE)","v":"C173258871030100000000052"},"바임글로벌","757-87-01595","조봉근대리","010-3033-0729",null,null,{"$f":"VLOOKUP(I32,Sheet1!$A$1:$B$5,2,FALSE)","v":"C1713152686736000000047"},"쁘띠","스킨부스터",{"$f":"VLOOKUP(L32,PRODUCTID!C28:D153,2,FALSE)","v":"P174533104211000000000196"},"쥬베룩(1)",8,"cc",1,"cc",{"v":100000,"d":"100,000"},16,{"v":1600000,"d":"1,600,000"},null,null,0,{"v":100000,"d":"100,000"},{"v":10.74,"d":"10.7"},{"v":1074000,"d":"1,074,000"},null,1.7,0,{"v":100000,"d":"100,000"},{"v":6.96,"d":"7.0"},{"v":696000,"d":"696,000"},null,"UPDATE MU_PRODUCT SET MU_TREATMENT_ID = 'C1713152686736000000047' WHERE MU_PRODUCT_ID = 'P174533104211000000000196';"]
[{"$f":"VLOOKUP(B33,거래처ID!$A$2:$B$36,2,FALSE)","v":"C173258871030100000000052"},"바임글로벌","757-87-01595","조봉근대리","010-3033-0729",null,null,{"$f":"VLOOKUP(I33,Sheet1!$A$1:$B$5,2,FALSE)","v":"C1713152686736000000047"},"쁘띠","스킨부스터",{"$f":"VLOOKUP(L33,PRODUCTID!C29:D154,2,FALSE)","v":"P174533104211000000000197"},"쥬베룩(2)",8,"cc",1,"cc",{"v":121000,"d":"121,000"},50,{"v":6050000,"d":"6,050,000"},null,null,0,{"v":121000,"d":"121,000"},0,0,null,0,0,{"v":121000,"d":"121,000"},{"v":50,"d":"50.0"},{"v":6050000,"d":"6,050,000"},null,"UPDATE MU_PRODUCT SET MU_TREATMENT_ID = 'C1713152686736000000047' WHERE MU_PRODUCT_ID = 'P174533104211000000000197';"]
["C174541386371200000000039","기타","확인필요","확인필요","확인필요",null,null,{"$f":"VLOOKUP(I34,Sheet1!$A$1:$B$5,2,FALSE)","v":"C1713152686736000000047"},"쁘띠","스킨부스터",{"$f":"VLOOKUP(L34,PRODUCTID!C30:D155,2,FALSE)","v":"P174533104211000000000198"},"하이주",6,"cc",1,"cc",{"v":9616,"d":"9,616"},52,{"v":500032,"d":"500,032"},null,null,0,{"v":9616,"d":"9,616"},27.5,{"v":264440,"d":"264,440"},null,1.5,0,{"v":9616,"d":"9,616"},{"v":26,"d":"26.0"},{"v":250016,"d":"250,016"},null,"UPDATE MU_PRODUCT SET MU_TREATMENT_ID = 'C1713152686736000000047' WHERE MU_PRODUCT_ID = 'P174533104211000000000198';"]
[{"$f":"VLOOKUP(B35,거래처ID!$A$2:$B$36,2,FALSE)","v":"C173258871030100000000047"},"라윤코리아","220-10-07251","윤지혜대표","010-2728-5010",null,null,{"$f":"VLOOKUP(I35,Sheet1!$A$1:$B$5,2,FALSE)","v":"C1713152686736000000050"},"기타","실리프팅",{"$f":"VLOOKUP(L35,PRODUCTID!C31:D156,2,FALSE)","v":"P174533104211000000000199"},"하이코(4cm)",4,"ea",4,"ea",{"v":4950,"d":"4,950"},84,{"v":415800,"d":"415,800"},null,null,0,{"v":4950,"d":"4,950"},{"v":20,"d":"20.0"},{"v":99000,"d":"99,000"},null,0,0,{"v":4950,"d":"4,950"},{"v":64,"d":"64.0"},{"v":316800,"d":"316,800"},null,"UPDATE MU_PRODUCT SET MU_TREATMENT_ID = 'C1713152686736000000050' WHERE MU_PRODUCT_ID = 'P174533104211000000000199';"]
[{"$f":"VLOOKUP(B36,거래처ID!$A$2:$B$36,2,FALSE)","v":"C173258871030100000000047"},"라윤코리아","220-10-07251","윤지혜대표","010-2728-5010",null,null,{"$f":"VLOOKUP(I36,Sheet1!$A$1:$B$5,2,FALSE)","v":"C1713152686736000000050"},"기타","실리프팅",{"$f":"VLOOKUP(L36,PRODUCTID!C32:D157,2,FALSE)","v":"P174533104211000000000200"},"메이드코(6cm)",4,"ea",4,"ea",{"v":4950,"d":"4,950"},20,{"v":99000,"d":"99,000"},{"v":4950,"d":"4,950"},24,{"v":118800,"d":"118,800"},{"v":4950,"d":"4,950"},{"v":12,"d":"12.0"},{"v":59400,"d":"59,400"},null,{"v":-4,"d":"-4.0"},0,{"v":4950,"d":"4,950"},{"v":28,"d":"28.0"},{"v":138600,"d":"138,600"},"유통기한 폐기 / 교환 안되서 폐기 진행","UPDATE MU_PRODUCT SET MU_TREATMENT_ID = 'C1713152686736000000050' WHERE MU_PRODUCT_ID = 'P174533104211000000000200';"]
[{"$f":"VLOOKUP(B37,거래처ID!$A$2:$B$36,2,FALSE)","v":"C173258871030100000000058"},"(주)아프로메디온","확인필요","박세호부장","010-6411-0772",null,null,{"$f":"VLOOKUP(I37,Sheet1!$A$1:$B$5,2,FALSE)","v":"C1713152686736000000050"},"기타","실리프팅",{"$f":"VLOOKUP(L37,PRODUCTID!C33:D158,2,FALSE)","v":"P174533104211000000000201"},"오메가",2,"ea",2,"ea",{"v":5500,"d":"5,500"},188,{"v":1034000,"d":"1,034,000"},null,null,0,{"v":5500,"d":"5,500"},{"v":38,"d":"38.0"},{"v":209000,"d":"209,000"},null,0,0,{"v":5500,"d":"5,500"},{"v":150,"d":"150.0"},{"v":825000,"d":"825,000"},null,"UPDATE MU_PRODUCT SET MU_TREATMENT_ID = 'C1713152686736000000050' WHERE MU_PRODUCT_ID = 'P174533104211000000000201';"]
[{"$f":"VLOOKUP(B38,거래처ID!$A$2:$B$36,2,FALSE)","v":"C173258871030100000000047"},"라윤코리아","220-10-07251","윤지혜대표","010-2728-5010",null,null,{"$f":"VLOOKUP(I38,Sheet1!$A$1:$B$5,2,FALSE)","v":"C1713152686736000000050"},"기타","실리프팅",{"$f":"VLOOKUP(L38,PRODUCTID!C34:D159,2,FALSE)","v":"P174533104211000000000202"},"울트라V",10,"ea",10,"ea",550,960,{"v":528000,"d":"528,000"},null,null,0,550,{"v":90,"d":"90.0"},{"v":49500,"d":"49,500"},null,0,0,550,{"v":870,"d":"870.0"},{"v":478500,"d":"478,500"},null,"UPDATE MU_PRODUCT SET MU_TREATMENT_ID = 'C1713152686736000000050' WHERE MU_PRODUCT_ID = 'P174533104211000000000202';"]
[{"$f":"VLOOKUP(B39,거래처ID!$A$2:$B$36,2,FALSE)","v":"C173258871030100000000050"},"민트메디컬㈜","755-87-01997","김민수","010-7210-2215",null,null,{"$f":"VLOOKUP(I39,Sheet1!$A$1:$B$5,2,FALSE)","v":"C1713152686736000000050"},"기타","실리프팅",{"$f":"VLOOKUP(L39,PRODUCTID!C35:D160,2,FALSE)","v":"P174533104211000000000203"},"민트쁘띠",4,"ea",4,"ea",{"v":9000,"d":"9,000"},168,{"v":1512000,"d":"1,512,000"},null,null,0,{"v":9000,"d":"9,000"},{"v":8,"d":"8.0"},{"v":72000,"d":"72,000"},null,0,0,{"v":9000,"d":"9,000"},{"v":160,"d":"160.0"},{"v":1440000,"d":"1,440,000"},null,"UPDATE MU_PRODUCT SET MU_TREATMENT_ID = 'C1713152686736000000050' WHERE MU_PRODUCT_ID = 'P174533104211000000000203';"]
[{"$f":"VLOOKUP(B40,거래처ID!$A$2:$B$36,2,FALSE)","v":"C173258871030100000000045"},"한국싱클레어(유)","530-87-00797","확인필요","010-8837-7677",null,null,{"$f":"VLOOKUP(I40,Sheet1!$A$1:$B$5,2,FALSE)","v":"C1713152686736000000050"},"기타","실리프팅",{"$f":"VLOOKUP(L40,PRODUCTID!C36:D161,2,FALSE)","v":"P174533104211000000000204"},"실루엣8콘",2,"ea",2,"ea",{"v":107250,"d":"107,250"},28,{"v":3003000,"d":"3,003,000"},null,null,0,{"v":107250,"d":"107,250"},0,0,null,0,0,{"v":107250,"d":"107,250"},{"v":28,"d":"28.0"},{"v":3003000,"d":"3,003,000"},null,"UPDATE MU_PRODUCT SET MU_TREATMENT_ID = 'C1713152686736000000050' WHERE MU_PRODUCT_ID = 'P174533104211000000000204';"]
[{"$f":"VLOOKUP(B41,거래처ID!$A$2:$B$36,2,FALSE)","v":"C173258871030100000000049"},"케어캠프㈜","211-86-94742","황정필","010-6649-8881",null,null,{"$f":"VLOOKUP(I41,Sheet1!$A$1:$B$5,2,FALSE)","v":"C1713152686736000000046"},"피부","레이저",{"$f":"VLOOKUP(L41,PRODUCTID!C37:D162,2,FALSE)","v":"P174533104211000000000205"},"울쎄라-DS 10-1.5N(1)",2400,"shot",1,"shot",{"v":1271,"d":"1,271"},{"v":1106,"d":"1,106"},{"v":1405726,"d":"1,405,726"},null,null,0,{"v":1271,"d":"1,271"},{"v":1100,"d":"1,100.0"},{"v":1398100,"d":"1,398,100"},null,0,0,{"v":1271,"d":"1,271"},{"$f":"+R41+U41-X41+AA41","v":{"v":6,"d":"6.0"}},{"v":7626,"d":"7,626"},null,"UPDATE MU_PRODUCT SET MU_TREATMENT_ID = 'C1713152686736000000046' WHERE MU_PRODUCT_ID = 'P174533104211000000000205';"]
[{"$f":"VLOOKUP(B42,거래처ID!$A$2:$B$36,2,FALSE)","v":"C173258871030100000000049"},"케어캠프㈜","211-86-94742","황정필","010-6649-8881",null,null,{"$f":"VLOOKUP(I42,Sheet1!$A$1:$B$5,2,FALSE)","v":"C1713152686736000000046"},"피부",null,{"$f":"VLOOKUP(L42,PRODUCTID!C38:D163,2,FALSE)","v":"P174533104211000000000206"},"울쎄라-DS 10-1.5N(2)",2400,"shot",1,"shot",{"v":1121,"d":"1,121"},{"v":12000,"d":"12,000"},{"v":13452000,"d":"13,452,000"},null,null,0,{"v":1121,"d":"1,121"},0,0,null,0,0,{"v":1121,"d":"1,121"},{"$f":"+R42+U42-X42+AA42","v":{"v":12000,"d":"12,000.0"}},{"v":13452000,"d":"13,452,000"},null,"UPDATE MU_PRODUCT SET MU_TREATMENT_ID = 'C1713152686736000000046' WHERE MU_PRODUCT_ID = 'P174533104211000000000206';"]
[{"$f":"VLOOKUP(B43,거래처ID!$A$2:$B$36,2,FALSE)","v":"C173258871030100000000049"},"케어캠프㈜","211-86-94742","황정필","010-6649-8881",null,null,{"$f":"VLOOKUP(I43,Sheet1!$A$1:$B$5,2,FALSE)","v":"C1713152686736000000046"},"피부",null,{"$f":"VLOOKUP(L43,PRODUCTID!C39:D164,2,FALSE)","v":"P174533104211000000000207"},"울쎄라-DS 7-3.0(1)",2400,"shot",1,"shot",{"v":1121,"d":"1,121"},{"v":1419,"d":"1,419"},{"v":1590699,"d":"1,590,699"},{"v":1270.83333333,"d":"1,271"},{"v":2400,"d":"2,400"},{"v":3049999.999992,"d":"3,050,000"},{"v":1121,"d":"1,121"},{"v":1419,"d":"1,419.0"},{"v":1590699,"d":"1,590,699"},null,0,0,{"v":1121,"d":"1,121"},{"$f":"+R43+U43-X43+AA43","v":{"v":2400,"d":"2,400.0"}},{"v":2690400,"d":"2,690,400"},null,"UPDATE MU_PRODUCT SET MU_TREATMENT_ID = 'C1713152686736000000046' WHERE MU_PRODUCT_ID = 'P174533104211000000000207';"]
[{"$f":"VLOOKUP(B44,거래처ID!$A$2:$B$36,2,FALSE)","v":"C173258871030100000000049"},"케어캠프㈜","211-86-94742","황정필","010-6649-8881",null,null,{"$f":"VLOOKUP(I44,Sheet1!$A$1:$B$5,2,FALSE)","v":"C1713152686736000000046"},"피부",null,{"$f":"VLOOKUP(L44,PRODUCTID!C40:D165,2,FALSE)","v":"P174533104211000000000208"},"울쎄라-DS 7-3.0(2)",2400,"shot",1,"shot",{"v":1145.9,"d":"1,146"},{"v":12000,"d":"12,000"},{"v":13750800.000000002,"d":"13,750,800"},null,null,0,{"v":1146,"d":"1,146"},{"v":5100,"d":"5,100.0"},{"v":5844600,"d":"5,844,600"},null,0,0,{"v":1145.9,"d":"1,146"},{"$f":"+R44+U44-X44+AA44","v":{"v":6900,"d":"6,900.0"}},{"v":7906710.000000001,"d":"7,906,710"},null,"UPDATE MU_PRODUCT SET MU_TREATMENT_ID = 'C1713152686736000000046' WHERE MU_PRODUCT_ID = 'P174533104211000000000208';"]
[{"$f":"VLOOKUP(B45,거래처ID!$A$2:$B$36,2,FALSE)","v":"C173258871030100000000049"},"케어캠프㈜","211-86-94742","황정필","010-6649-8881",null,null,{"$f":"VLOOKUP(I45,Sheet1!$A$1:$B$5,2,FALSE)","v":"C1713152686736000000046"},"피부",null,{"$f":"VLOOKUP(L45,PRODUCTID!C41:D166,2,FALSE)","v":"P174533104211000000000209"},"울쎄라-DS 4-4.5",2400,"shot",1,"shot",{"v":1145.9,"d":"1,146"},{"v":98243,"d":"98,243"},{"v":112576653.7,"d":"112,576,654"},{"v":1270.83333333,"d":"1,271"},{"v":9600,"d":"9,600"},{"v":12199999.999968,"d":"12,200,000"},{"v":1146,"d":"1,146"},{"v":9600,"d":"9,600.0"},{"v":11001600,"d":"11,001,600"},null,{"v":-86024,"d":"-86,024"},0,{"v":1145.9,"d":"1,146"},{"$f":"+R45+U45-X45+AA45","v":{"v":12219,"d":"12,219.0"}},{"v":14001752.100000001,"d":"14,001,752"},"엑셀 잘못 기입(crm 재고는 맞아요)","UPDATE MU_PRODUCT SET MU_TREATMENT_ID = 'C1713152686736000000046' WHERE MU_PRODUCT_ID = 'P174533104211000000000209';"]
[{"$f":"VLOOKUP(B46,거래처ID!$A$2:$B$36,2,FALSE)","v":"C173258871030100000000039"},"㈜클래시스","107-88-39288","확인필요","확인필요",null,null,{"$f":"VLOOKUP(I46,Sheet1!$A$1:$B$5,2,FALSE)","v":"C1713152686736000000048"},"비만",null,{"$f":"VLOOKUP(L46,PRODUCTID!C42:D167,2,FALSE)","v":"P174533104211000000000210"},"울핏6.0",60100,"shot",1,"shot",22,{"v":67892,"d":"67,892"},{"v":1493624,"d":"1,493,624"},null,null,0,22,{"v":13213,"d":"13,213.0"},{"v":290686,"d":"290,686"},null,{"v":-481,"d":"-481.0"},0,22,{"v":54198,"d":"54,198.0"},{"v":1192356,"d":"1,192,356"},"3월 말 기준 재고 확인 후 정리 / 팁as 이번달 정리","UPDATE MU_PRODUCT SET MU_TREATMENT_ID = 'C1713152686736000000048' WHERE MU_PRODUCT_ID = 'P174533104211000000000210';"]
[{"$f":"VLOOKUP(B47,거래처ID!$A$2:$B$36,2,FALSE)","v":"C173258871030100000000039"},"㈜클래시스","107-88-39288","확인필요","확인필요",null,null,{"$f":"VLOOKUP(I47,Sheet1!$A$1:$B$5,2,FALSE)","v":"C1713152686736000000048"},"비만",null,{"$f":"VLOOKUP(L47,PRODUCTID!C43:D168,2,FALSE)","v":"P174533104211000000000211"},"울핏9.0",60100,"shot",1,"shot",22,{"v":69660,"d":"69,660"},{"v":1532520,"d":"1,532,520"},null,null,0,22,{"v":4403,"d":"4,403.0"},{"v":96866,"d":"96,866"},null,-909,0,22,{"v":64348,"d":"64,348.0"},{"v":1415656,"d":"1,415,656"},"3월 말 기준 재고 확인 후 정리 / 팁as 이번달 정리","UPDATE MU_PRODUCT SET MU_TREATMENT_ID = 'C1713152686736000000048' WHERE MU_PRODUCT_ID = 'P174533104211000000000211';"]
[{"$f":"VLOOKUP(B48,거래처ID!$A$2:$B$36,2,FALSE)","v":"C173258871030100000000048"},"㈜지오영","109-81-78726","정상목주임","010-5105-0629",null,null,{"$f":"VLOOKUP(I48,Sheet1!$A$1:$B$5,2,FALSE)","v":"C1713152686736000000046"},"피부",null,{"$f":"VLOOKUP(L48,PRODUCTID!C44:D169,2,FALSE)","v":"P174533104211000000000212"},"써마지 FLX 600샷",600,"shot",600,"shot",0,0,0,{"v":840000,"d":"840,000"},60,{"v":50400000,"d":"50,400,000"},{"v":840000,"d":"840,000"},null,0,null,0,null,0,{"v":60,"d":"60.0"},0,null,"UPDATE MU_PRODUCT SET MU_TREATMENT_ID = 'C1713152686736000000046' WHERE MU_PRODUCT_ID = 'P174533104211000000000212';"]
[{"$f":"VLOOKUP(B49,거래처ID!$A$2:$B$36,2,FALSE)","v":"C173258871030100000000048"},"㈜지오영","109-81-78726","정상목주임","010-5105-0629",null,null,{"$f":"VLOOKUP(I49,Sheet1!$A$1:$B$5,2,FALSE)","v":"C1713152686736000000046"},"피부",null,{"$f":"VLOOKUP(L49,PRODUCTID!C45:D170,2,FALSE)","v":"P174533104211000000000213"},"써마지 FLX 600샷",600,"shot",600,"shot",{"v":960000,"d":"960,000"},18,{"v":17280000,"d":"17,280,000"},null,null,0,{"v":960000,"d":"960,000"},{"v":13,"d":"13.0"},{"v":12480000,"d":"12,480,000"},null,0,null,{"v":960000,"d":"960,000"},{"v":5,"d":"5.0"},{"v":4800000,"d":"4,800,000"},null,"UPDATE MU_PRODUCT SET MU_TREATMENT_ID = 'C1713152686736000000046' WHERE MU_PRODUCT_ID = 'P174533104211000000000213';"]
[{"$f":"VLOOKUP(B50,거래처ID!$A$2:$B$36,2,FALSE)","v":"C173258871030100000000048"},"㈜지오영","109-81-78726","정상목주임","010-5105-0629",null,null,{"$f":"VLOOKUP(I50,Sheet1!$A$1:$B$5,2,FALSE)","v":"C1713152686736000000046"},"피부",null,{"$f":"VLOOKUP(L50,PRODUCTID!C46:D171,2,FALSE)","v":"P174533104211000000000214"},"써마지 FLX 300샷",300,"shot",300,"shot",{"$nulls":16},"UPDATE MU_PRODUCT SET MU_TREATMENT_ID = 'C1713152686736000000046' WHERE MU_PRODUCT_ID = 'P174533104211000000000214';"]
["C174541386371200000000039","기타","확인필요","확인필요","확인필요",null,null,{"$f":"VLOOKUP(I51,Sheet1!$A$1:$B$5,2,FALSE)","v":"C1713152686736000000050"},"기타",null,{"$f":"VLOOKUP(L51,PRODUCTID!C47:D172,2,FALSE)","v":"P174533104211000000000215"},"멀티블루",10,"cc",10,"cc",{"v":8800,"d":"8,800"},19,{"v":167200,"d":"167,200"},{"v":8800,"d":"8,800"},25,{"v":220000,"d":"220,000"},{"v":8800,"d":"8,800"},{"v":9,"d":"9.0"},{"v":79200,"d":"79,200"},null,0,0,{"v":8800,"d":"8,800"},{"v":35,"d":"35.0"},{"v":308000,"d":"308,000"},null,"UPDATE MU_PRODUCT SET MU_TREATMENT_ID = 'C1713152686736000000050' WHERE MU_PRODUCT_ID = 'P174533104211000000000215';"]
["C174541386371200000000039","기타","확인필요","확인필요","확인필요",null,null,{"$f":"VLOOKUP(I52,Sheet1!$A$1:$B$5,2,FALSE)","v":"C1713152686736000000048"},"비만",null,{"$f":"VLOOKUP(L52,PRODUCTID!C48:D173,2,FALSE)","v":"P174533104211000000000216"},"아르기닌",100,"cc",100,"cc",{"v":20000,"d":"20,000"},16,{"v":320000,"d":"320,000"},{"v":20000,"d":"20,000"},20,{"v":400000,"d":"400,000"},{"v":20000,"d":"20,000"},{"v":11,"d":"11.0"},{"v":220000,"d":"220,000"},null,0,0,{"v":20000,"d":"20,000"},{"v":25,"d":"25.0"},{"v":500000,"d":"500,000"},null,"UPDATE MU_PRODUCT SET MU_TREATMENT_ID = 'C1713152686736000000048' WHERE MU_PRODUCT_ID = 'P174533104211000000000216';"]
["C174541386371200000000039","기타","확인필요","확인필요","확인필요",null,null,{"$f":"VLOOKUP(I53,Sheet1!$A$1:$B$5,2,FALSE)","v":"C1713152686736000000050"},"기타",null,{"$f":"VLOOKUP(L53,PRODUCTID!C49:D174,2,FALSE)","v":"P174533104211000000000217"},"BSC-30",1,"ea",1,"ea",{"v":170000,"d":"170,000"},3,{"v":510000,"d":"510,000"},null,null,0,{"v":170000,"d":"170,000"},0,0,null,0,0,{"v":170000,"d":"170,000"},{"v":3,"d":"3.0"},{"v":510000,"d":"510,000"},null,"UPDATE MU_PRODUCT SET MU_TREATMENT_ID = 'C1713152686736000000050' WHERE MU_PRODUCT_ID = 'P174533104211000000000217';"]
["C174541386371200000000039","기타","확인필요","확인필요","확인필요",null,null,{"$f":"VLOOKUP(I54,Sheet1!$A$1:$B$5,2,FALSE)","v":"C1713152686736000000050"},"기타",null,{"$f":"VLOOKUP(L54,PRODUCTID!C50:D175,2,FALSE)","v":"P174533104211000000000218"},"BSC-60",1,"ea",1,"ea",{"v":350000,"d":"350,000"},6,{"v":2100000,"d":"2,100,000"},null,null,0,{"v":350000,"d":"350,000"},0,0,null,0,0,{"v":350000,"d":"350,000"},{"v":6,"d":"6.0"},{"v":2100000,"d":"2,100,000"},null,"UPDATE MU_PRODUCT SET MU_TREATMENT_ID = 'C1713152686736000000050' WHERE MU_PRODUCT_ID = 'P174533104211000000000218';"]
["C174541386371200000000039","기타","확인필요","확인필요","확인필요",null,null,{"$f":"VLOOKUP(I55,Sheet1!$A$1:$B$5,2,FALSE)","v":"C1713152686736000000050"},"기타",null,{"$f":"VLOOKUP(L55,PRODUCTID!C51:D176,2,FALSE)","v":"P174533104211000000000219"},"BSC-120",1,"ea",1,"ea",{"v":600000,"d":"600,000"},3,{"v":1800000,"d":"1,800,000"},null,null,0,{"v":600000,"d":"600,000"},0,0,null,0,0,{"v":600000,"d":"600,000"},{"v":3,"d":"3.0"},{"v":1800000,"d":"1,800,000"},null,"UPDATE MU_PRODUCT SET MU_TREATMENT_ID = 'C1713152686736000000050' WHERE MU_PRODUCT_ID = 'P174533104211000000000219';"]
[{"$f":"VLOOKUP(B56,거래처ID!$A$2:$B$36,2,FALSE)","v":"C173258871030100000000059"},"유벤타헬스케어",{"$f":"VLOOKUP(B56,$B$6:$C$55,2,0)","v":{"$error":"#N/A"}},{"$f":"VLOOKUP(B56,$B$6:$D$55,3,0)","v":{"$error":"#N/A"}},{"$f":"VLOOKUP(B56,$B$6:$L$55,4,0)","v":{"$error":"#N/A"}},null,null,{"$f":"VLOOKUP(I56,Sheet1!$A$1:$B$5,2,FALSE)","v":"C1713152686736000000046"},"피부",null,{"$f":"VLOOKUP(L56,PRODUCTID!C52:D177,2,FALSE)","v":"P174533104211000000000220"},"NDA플러스",1,"cc",1,"cc",{"v":15400,"d":"15,400"},55,{"$f":"+Q56*R56","v":{"v":847000,"d":"847,000"}},null,null,{"$f":"+T56*U56","v":0},null,null,{"$f":"+W56*X56","v":0},{"$f":"+W56","v":0},null,{"$f":"+Z56*AA56","v":0},{"$f":"+Q56","v":{"v":15400,"d":"15,400"}},{"$f":"+R56+U56-X56+AA56","v":{"v":55,"d":"55.0"}},{"$f":"+AC56*AD56","v":{"v":847000,"d":"847,000"}},null,"UPDATE MU_PRODUCT SET MU_TREATMENT_ID = 'C1713152686736000000046' WHERE MU_PRODUCT_ID = 'P174533104211000000000220';"]
[{"$f":"VLOOKUP(B57,거래처ID!$A$2:$B$36,2,FALSE)","v":"C173258871030100000000060"},"에스테팜",{"$error":"#N/A"},{"$error":"#N/A"},{"$error":"#N/A"},null,null,{"$f":"VLOOKUP(I57,Sheet1!$A$1:$B$5,2,FALSE)","v":"C1713152686736000000046"},"피부",null,{"$f":"VLOOKUP(L57,PRODUCTID!C53:D178,2,FALSE)","v":"P174533104211000000000221"},"큐티셀",1,"ea",1,"ea",{"v":33000,"d":"33,000"},24,{"v":792000,"d":"792,000"},null,null,0,null,null,0,0,null,0,{"v":33000,"d":"33,000"},{"v":24,"d":"24.0"},{"v":792000,"d":"792,000"},null,"UPDATE MU_PRODUCT SET MU_TREATMENT_ID = 'C1713152686736000000046' WHERE MU_PRODUCT_ID = 'P174533104211000000000221';"]
[{"$f":"VLOOKUP(B58,거래처ID!$A$2:$B$36,2,FALSE)","v":"C173258871030100000000061"},"제이시스","424-87-00852",{"$error":"#N/A"},{"$error":"#N/A"},null,null,{"$f":"VLOOKUP(I58,Sheet1!$A$1:$B$5,2,FALSE)","v":"C1713152686736000000046"},"피부",null,{"$f":"VLOOKUP(L58,PRODUCTID!C54:D179,2,FALSE)","v":"P174533104211000000000222"},"N-25",1,"ea",1,"ea",{"v":33000,"d":"33,000"},14,{"v":462000,"d":"462,000"},null,null,0,null,null,0,{"$nulls":3},{"v":33000,"d":"33,000.0"},{"v":14,"d":"14.0"},{"v":462000,"d":"462,000"},null,"UPDATE MU_PRODUCT SET MU_TREATMENT_ID = 'C1713152686736000000046' WHERE MU_PRODUCT_ID = 'P174533104211000000000222';"]
[{"$f":"VLOOKUP(B59,거래처ID!$A$2:$B$36,2,FALSE)","v":"C173258871030100000000061"},"제이시스","424-87-00852",{"$error":"#N/A"},{"$error":"#N/A"},null,null,{"$f":"VLOOKUP(I59,Sheet1!$A$1:$B$5,2,FALSE)","v":"C1713152686736000000046"},"피부",null,{"$f":"VLOOKUP(L59,PRODUCTID!C55:D180,2,FALSE)","v":"P174533104211000000000223"},"I-25",1,"ea",1,"ea",{"v":33000,"d":"33,000"},7,{"v":231000,"d":"231,000"},null,null,0,null,null,0,0,null,null,{"v":33000,"d":"33,000.0"},{"v":7,"d":"7.0"},{"v":231000,"d":"231,000"},null,"UPDATE MU_PRODUCT SET MU_TREATMENT_ID = 'C1713152686736000000046' WHERE MU_PRODUCT_ID = 'P174533104211000000000223';"]
[{"$f":"VLOOKUP(B60,거래처ID!$A$2:$B$36,2,FALSE)","v":"C173258871030100000000061"},"제이시스","424-87-00852",{"$error":"#N/A"},{"$error":"#N/A"},null,null,{"$f":"VLOOKUP(I60,Sheet1!$A$1:$B$5,2,FALSE)","v":"C1713152686736000000046"},"피부",null,{"$f":"VLOOKUP(L60,PRODUCTID!C56:D181,2,FALSE)","v":"P174533104211000000000224"},"CP-25",1,"ea",1,"ea",{"v":49000,"d":"49,000"},38,{"v":1862000,"d":"1,862,000"},null,null,0,null,null,0,0,null,null,{"v":49000,"d":"49,000.0"},{"v":38,"d":"38.0"},{"v":1862000,"d":"1,862,000"},null,"UPDATE MU_PRODUCT SET MU_TREATMENT_ID = 'C1713152686736000000046' WHERE MU_PRODUCT_ID = 'P174533104211000000000224';"]
[{"$f":"VLOOKUP(B61,거래처ID!$A$2:$B$36,2,FALSE)","v":"C173258871030100000000061"},"제이시스","424-87-00852",{"$error":"#N/A"},{"$error":"#N/A"},null,null,{"$f":"VLOOKUP(I61,Sheet1!$A$1:$B$5,2,FALSE)","v":"C1713152686736000000046"},"피부",null,{"$f":"VLOOKUP(L61,PRODUCTID!C57:D182,2,FALSE)","v":"P174533104211000000000225"},"DDR",5000,"ea",1,"ea",44,{"v":7954,"d":"7,954"},{"v":349976,"d":"349,976"},null,null,0,null,null,0,{"$nulls":3},{"v":44,"d":"44.0"},{"v":7954,"d":"7,954.0"},{"v":349976,"d":"349,976"},null,"UPDATE MU_PRODUCT SET MU_TREATMENT_ID = 'C1713152686736000000046' WHERE MU_PRODUCT_ID = 'P174533104211000000000225';"]
[{"$f":"VLOOKUP(B62,거래처ID!$A$2:$B$36,2,FALSE)","v":"C173258871030100000000061"},"제이시스","424-87-00852",{"$error":"#N/A"},{"$error":"#N/A"},null,null,{"$f":"VLOOKUP(I62,Sheet1!$A$1:$B$5,2,FALSE)","v":"C1713152686736000000046"},"피부",null,{"$f":"VLOOKUP(L62,PRODUCTID!C58:D183,2,FALSE)","v":"P174533104211000000000226"},"DIA",10000,"ea",1,"ea",165,{"v":10901,"d":"10,901"},{"v":1798665,"d":"1,798,665"},null,null,0,null,null,0,0,null,null,165,{"v":10901,"d":"10,901.0"},{"v":1798665,"d":"1,798,665"},null,"UPDATE MU_PRODUCT SET MU_TREATMENT_ID = 'C1713152686736000000046' WHERE MU_PRODUCT_ID = 'P174533104211000000000226';"]
[{"$f":"VLOOKUP(B63,거래처ID!$A$2:$B$36,2,FALSE)","v":"C173258871030100000000061"},"제이시스","424-87-00852",{"$error":"#N/A"},{"$error":"#N/A"},null,null,{"$f":"VLOOKUP(I63,Sheet1!$A$1:$B$5,2,FALSE)","v":"C1713152686736000000046"},"피부",null,{"$f":"VLOOKUP(L63,PRODUCTID!C59:D184,2,FALSE)","v":"P174533104211000000000227"},"포텐자 젤(s.v)","확인필요","확인필요","확인필요","확인필요",0,4,0,null,null,0,0,0,0,null,null,0,0,{"v":4,"d":"4.0"},0,null,"UPDATE MU_PRODUCT SET MU_TREATMENT_ID = 'C1713152686736000000046' WHERE MU_PRODUCT_ID = 'P174533104211000000000227';"]
[{"$f":"VLOOKUP(B64,거래처ID!$A$2:$B$36,2,FALSE)","v":"C173258871030100000000062"},"은성메디컬",{"$error":"#N/A"},{"$error":"#N/A"},"010-5323-3196",null,null,{"$f":"VLOOKUP(I64,Sheet1!$A$1:$B$5,2,FALSE)","v":"C1713152686736000000046"},"피부",null,{"$f":"VLOOKUP(L64,PRODUCTID!C60:D185,2,FALSE)","v":"P174533104211000000000228"},"듀엣써마지 팁",1,"ea",1,"ea",11,{"v":3153,"d":"3,153"},{"v":34683,"d":"34,683"},null,null,0,null,null,0,0,null,0,11,{"v":3153,"d":"3,153.0"},{"v":34683,"d":"34,683"},null,"UPDATE MU_PRODUCT SET MU_TREATMENT_ID = 'C1713152686736000000046' WHERE MU_PRODUCT_ID = 'P174533104211000000000228';"]
[{"$f":"VLOOKUP(B65,거래처ID!$A$2:$B$36,2,FALSE)","v":"C173258871030100000000062"},"은성메디컬",{"$error":"#N/A"},{"$error":"#N/A"},"010-5323-3196",null,null,{"$f":"VLOOKUP(I65,Sheet1!$A$1:$B$5,2,FALSE)","v":"C1713152686736000000046"},"피부",null,{"$f":"VLOOKUP(L65,PRODUCTID!C61:D186,2,FALSE)","v":"P174533104211000000000229"},"듀엣써마지 패드",1,"ea",1,"ea",{"v":5500,"d":"5,500"},19,{"v":104500,"d":"104,500"},null,null,0,null,null,0,0,null,0,{"v":5500,"d":"5,500"},{"v":19,"d":"19.0"},{"v":104500,"d":"104,500"},null,"UPDATE MU_PRODUCT SET MU_TREATMENT_ID = 'C1713152686736000000046' WHERE MU_PRODUCT_ID = 'P174533104211000000000229';"]
[{"$f":"VLOOKUP(B66,거래처ID!$A$2:$B$36,2,FALSE)","v":"C173258871030100000000039"},"㈜클래시스","107-88-39288","확인필요",{"$f":"VLOOKUP(B66,$B$6:$L$55,4,0)","v":"확인필요"},null,null,{"$f":"VLOOKUP(I66,Sheet1!$A$1:$B$5,2,FALSE)","v":"C1713152686736000000046"},"피부",null,{"$f":"VLOOKUP(L66,PRODUCTID!C62:D187,2,FALSE)","v":"P174533104211000000000230"},"슈링크U L-4.5(2만)",20100,"샷",1,"샷",110,{"v":48505,"d":"48,505"},{"v":5335550,"d":"5,335,550"},null,null,0,null,null,{"$f":"+W66*X66","v":0},{"$nulls":3},110,{"v":48505,"d":"48,505.0"},{"v":5335550,"d":"5,335,550"},null,"UPDATE MU_PRODUCT SET MU_TREATMENT_ID = 'C1713152686736000000046' WHERE MU_PRODUCT_ID = 'P174533104211000000000230';"]
[{"$f":"VLOOKUP(B67,거래처ID!$A$2:$B$36,2,FALSE)","v":"C173258871030100000000039"},"㈜클래시스","107-88-39288","확인필요","확인필요",null,null,{"$f":"VLOOKUP(I67,Sheet1!$A$1:$B$5,2,FALSE)","v":"C1713152686736000000046"},"피부",null,{"$f":"VLOOKUP(L67,PRODUCTID!C63:D188,2,FALSE)","v":"P174533104211000000000231"},"슈링크U C-3.0(2만)",20100,"샷",1,"샷",110,{"v":45443,"d":"45,443"},{"v":4998730,"d":"4,998,730"},null,null,0,null,null,0,{"$nulls":3},110,{"v":45443,"d":"45,443.0"},{"v":4998730,"d":"4,998,730"},null,"UPDATE MU_PRODUCT SET MU_TREATMENT_ID = 'C1713152686736000000046' WHERE MU_PRODUCT_ID = 'P174533104211000000000231';"]
[{"$f":"VLOOKUP(B68,거래처ID!$A$2:$B$36,2,FALSE)","v":"C173258871030100000000039"},"㈜클래시스","107-88-39288","확인필요","확인필요",null,null,{"$f":"VLOOKUP(I68,Sheet1!$A$1:$B$5,2,FALSE)","v":"C1713152686736000000046"},"피부",null,{"$f":"VLOOKUP(L68,PRODUCTID!C64:D189,2,FALSE)","v":"P174533104211000000000232"},"슈링크U I-.2.0(2만)",20100,"샷",1,"샷",110,{"v":11690,"d":"11,690"},{"v":1285900,"d":"1,285,900"},null,null,0,null,null,0,0,null,0,110,{"v":11690,"d":"11,690.0"},{"v":1285900,"d":"1,285,900"},null,"UPDATE MU_PRODUCT SET MU_TREATMENT_ID = 'C1713152686736000000046' WHERE MU_PRODUCT_ID = 'P174533104211000000000232';"]
[{"$f":"VLOOKUP(B69,거래처ID!$A$2:$B$36,2,FALSE)","v":"C173258871030100000000039"},"㈜클래시스","107-88-39288","확인필요","확인필요",null,null,{"$f":"VLOOKUP(I69,Sheet1!$A$1:$B$5,2,FALSE)","v":"C1713152686736000000046"},"피부",null,{"$f":"VLOOKUP(L69,PRODUCTID!C65:D190,2,FALSE)","v":"P174533104211000000000233"},"슈링크B L-.4.5",100,"샷",1,"샷",87,{"v":3682,"d":"3,682"},{"v":320334,"d":"320,334"},null,null,0,null,null,{"$f":"+W69*X69","v":0},0,null,0,87,{"v":3682,"d":"3,682.0"},{"v":320334,"d":"320,334"},null,"UPDATE MU_PRODUCT SET MU_TREATMENT_ID = 'C1713152686736000000046' WHERE MU_PRODUCT_ID = 'P174533104211000000000233';"]
[{"$f":"VLOOKUP(B70,거래처ID!$A$2:$B$36,2,FALSE)","v":"C173258871030100000000039"},"㈜클래시스","107-88-39288","확인필요","확인필요",null,null,{"$f":"VLOOKUP(I70,Sheet1!$A$1:$B$5,2,FALSE)","v":"C1713152686736000000046"},"피부",null,{"$f":"VLOOKUP(L70,PRODUCTID!C66:D191,2,FALSE)","v":"P174533104211000000000234"},"슈링크B D-1.5",100,"샷",1,"샷",87,{"v":1527,"d":"1,527"},{"v":132849,"d":"132,849"},null,null,0,null,null,{"$f":"+W70*X70","v":0},0,null,0,87,{"v":1527,"d":"1,527.0"},{"v":132849,"d":"132,849"},null,"UPDATE MU_PRODUCT SET MU_TREATMENT_ID = 'C1713152686736000000046' WHERE MU_PRODUCT_ID = 'P174533104211000000000234';"]
[{"$f":"VLOOKUP(B71,거래처ID!$A$2:$B$36,2,FALSE)","v":"C173258871030100000000039"},"㈜클래시스","107-88-39288","확인필요","확인필요",null,null,{"$f":"VLOOKUP(I71,Sheet1!$A$1:$B$5,2,FALSE)","v":"C1713152686736000000046"},"피부",null,{"$f":"VLOOKUP(L71,PRODUCTID!C67:D192,2,FALSE)","v":"P174533104211000000000235"},"슈링크B L-4.5(2만)",100,"샷",1,"샷",87,0,0,null,null,0,null,null,0,0,null,0,87,0,0,null,{"$f":"\"UPDATE MU_PRODUCT SET MU_TREATMENT_ID = '\" & H71 & \"' WHERE MU_PRODUCT_ID = '\" & K71 & \"';\"","v":"UPDATE MU_PRODUCT SET MU_TREATMENT_ID = 'C1713152686736000000046' WHERE MU_PRODUCT_ID = 'P174533104211000000000235';"}]
[{"$f":"VLOOKUP(B72,거래처ID!$A$2:$B$36,2,FALSE)","v":"C173258871030100000000039"},"㈜클래시스","107-88-39288","확인필요","확인필요",null,null,{"$f":"VLOOKUP(I72,Sheet1!$A$1:$B$5,2,FALSE)","v":"C1713152686736000000046"},"피부",null,{"$f":"VLOOKUP(L72,PRODUCTID!C68:D193,2,FALSE)","v":"P174533104211000000000236"},"슈링크B C-3.0(2만)",100,"샷",1,"샷",87,{"v":15570,"d":"15,570"},{"v":1354590,"d":"1,354,590"},null,null,0,null,null,0,0,null,0,87,{"v":15570,"d":"15,570.0"},{"v":1354590,"d":"1,354,590"},null,"UPDATE MU_PRODUCT SET MU_TREATMENT_ID = 'C1713152686736000000046' WHERE MU_PRODUCT_ID = 'P174533104211000000000236';"]
[{"$f":"VLOOKUP(B73,거래처ID!$A$2:$B$36,2,FALSE)","v":"C173258871030100000000039"},"㈜클래시스","107-88-39288","확인필요","확인필요",null,null,{"$f":"VLOOKUP(I73,Sheet1!$A$1:$B$5,2,FALSE)","v":"C1713152686736000000046"},"피부",null,{"$f":"VLOOKUP(L73,PRODUCTID!C69:D194,2,FALSE)","v":"P174533104211000000000237"},"슈링크B D-1.5(2만)",100,"샷",1,"샷",87,0,0,null,null,0,null,null,0,0,null,0,87,0,0,null,"UPDATE MU_PRODUCT SET MU_TREATMENT_ID = 'C1713152686736000000046' WHERE MU_PRODUCT_ID = 'P174533104211000000000237';"]
[{"$f":"VLOOKUP(B74,거래처ID!$A$2:$B$36,2,FALSE)","v":"C173258871030100000000039"},"㈜클래시스","107-88-39288","확인필요","확인필요",null,null,{"$f":"VLOOKUP(I74,Sheet1!$A$1:$B$5,2,FALSE)","v":"C1713152686736000000046"},"피부",null,{"$f":"VLOOKUP(L74,PRODUCTID!C70:D195,2,FALSE)","v":"P174533104211000000000238"},"GT38앰플",1,"ea",1,"cc",{"v":5000,"d":"5,000"},34,{"v":170000,"d":"170,000"},null,null,0,null,null,0,0,null,0,{"v":5000,"d":"5,000"},{"v":34,"d":"34.0"},{"v":170000,"d":"170,000"},null,"UPDATE MU_PRODUCT SET MU_TREATMENT_ID = 'C1713152686736000000046' WHERE MU_PRODUCT_ID = 'P174533104211000000000238';"]
[{"$f":"VLOOKUP(B75,거래처ID!$A$2:$B$36,2,FALSE)","v":"C173258871030100000000063"},"하이로닉",{"$error":"#N/A"},{"$error":"#N/A"},{"$error":"#N/A"},null,null,{"$f":"VLOOKUP(I75,Sheet1!$A$1:$B$5,2,FALSE)","v":"C1713152686736000000046"},"피부",null,{"$f":"VLOOKUP(L75,PRODUCTID!C71:D196,2,FALSE)","v":"P174533104211000000000239"},"더블로M7","확인필요","확인필요","확인필요","확인필요",104,{"v":12513,"d":"12,513"},{"v":1301352,"d":"1,301,352"},null,null,0,null,null,0,0,null,{"$f":"+Z75*AA75","v":0},104,{"v":12513,"d":"12,513.0"},{"v":1301352,"d":"1,301,352"},null,"UPDATE MU_PRODUCT SET MU_TREATMENT_ID = 'C1713152686736000000046' WHERE MU_PRODUCT_ID = 'P174533104211000000000239';"]
[{"$f":"VLOOKUP(B76,거래처ID!$A$2:$B$36,2,FALSE)","v":"C173258871030100000000063"},"하이로닉",{"$error":"#N/A"},{"$error":"#N/A"},{"$error":"#N/A"},null,null,{"$f":"VLOOKUP(I76,Sheet1!$A$1:$B$5,2,FALSE)","v":"C1713152686736000000046"},"피부",null,{"$f":"VLOOKUP(L76,PRODUCTID!C72:D197,2,FALSE)","v":"P174533104211000000000240"},"더블러D4","확인필요","확인필요","확인필요","확인필요",104,721,{"v":74984,"d":"74,984"},null,null,0,null,null,0,0,null,{"$f":"+Z76*AA76","v":0},104,{"v":721,"d":"721.0"},{"v":74984,"d":"74,984"},null,"UPDATE MU_PRODUCT SET MU_TREATMENT_ID = 'C1713152686736000000046' WHERE MU_PRODUCT_ID = 'P174533104211000000000240';"]
[{"$f":"VLOOKUP(B77,거래처ID!$A$2:$B$36,2,FALSE)","v":"C173258871030100000000064"},"에이치투메디",{"$error":"#N/A"},{"$error":"#N/A"},{"$error":"#N/A"},null,null,{"$f":"VLOOKUP(I77,Sheet1!$A$1:$B$5,2,FALSE)","v":"C1713152686736000000046"},"피부",null,{"$f":"VLOOKUP(L77,PRODUCTID!C73:D198,2,FALSE)","v":"P174533104211000000000241"},"라라필 폼클렌져",1,"ea",1,"ea",{"v":29700,"d":"29,700"},1,{"v":29700,"d":"29,700"},null,null,0,null,null,0,0,null,null,{"v":29700,"d":"29,700"},{"v":1,"d":"1.0"},{"v":29700,"d":"29,700"},null,"UPDATE MU_PRODUCT SET MU_TREATMENT_ID = 'C1713152686736000000046' WHERE MU_PRODUCT_ID = 'P174533104211000000000241';"]
[{"$f":"VLOOKUP(B78,거래처ID!$A$2:$B$36,2,FALSE)","v":"C173258871030100000000064"},"에이치투메디",{"$error":"#N/A"},{"$error":"#N/A"},{"$error":"#N/A"},null,null,{"$f":"VLOOKUP(I78,Sheet1!$A$1:$B$5,2,FALSE)","v":"C1713152686736000000046"},"피부",null,{"$f":"VLOOKUP(L78,PRODUCTID!C74:D199,2,FALSE)","v":"P174533104211000000000242"},"라라필 1제",1,"ea",1,"ea",{"v":55000,"d":"55,000"},2,{"v":110000,"d":"110,000"},null,null,0,null,null,0,{"$nulls":3},{"v":55000,"d":"55,000"},{"v":2,"d":"2.0"},{"v":110000,"d":"110,000"},null,"UPDATE MU_PRODUCT SET MU_TREATMENT_ID = 'C1713152686736000000046' WHERE MU_PRODUCT_ID = 'P174533104211000000000242';"]
[{"$f":"VLOOKUP(B79,거래처ID!$A$2:$B$36,2,FALSE)","v":"C173258871030100000000064"},"에이치투메디",{"$error":"#N/A"},{"$error":"#N/A"},{"$error":"#N/A"},null,null,{"$f":"VLOOKUP(I79,Sheet1!$A$1:$B$5,2,FALSE)","v":"C1713152686736000000046"},"피부",null,{"$f":"VLOOKUP(L79,PRODUCTID!C75:D200,2,FALSE)","v":"P174533104211000000000243"},"라라필 2제",1,"ea",1,"ea",{"v":55000,"d":"55,000"},4,{"v":220000,"d":"220,000"},null,null,0,{"$nulls":6},{"v":55000,"d":"55,000"},{"v":4,"d":"4.0"},{"v":220000,"d":"220,000"},null,"UPDATE MU_PRODUCT SET MU_TREATMENT_ID = 'C1713152686736000000046' WHERE MU_PRODUCT_ID = 'P174533104211000000000243';"]
[{"$f":"VLOOKUP(B80,거래처ID!$A$2:$B$36,2,FALSE)","v":"C173258871030100000000064"},"에이치투메디",{"$error":"#N/A"},{"$error":"#N/A"},{"$error":"#N/A"},null,null,{"$f":"VLOOKUP(I80,Sheet1!$A$1:$B$5,2,FALSE)","v":"C1713152686736000000046"},"피부",null,{"$f":"VLOOKUP(L80,PRODUCTID!C76:D201,2,FALSE)","v":"P174533104211000000000244"},"라라필 마스크팩",1,"ea",1,"ea",{"v":4125,"d":"4,125"},37,{"v":152625,"d":"152,625"},null,null,0,null,null,0,{"$nulls":3},{"v":4125,"d":"4,125"},{"v":37,"d":"37.0"},{"v":152625,"d":"152,625"},null,"UPDATE MU_PRODUCT SET MU_TREATMENT_ID = 'C1713152686736000000046' WHERE MU_PRODUCT_ID = 'P174533104211000000000244';"]
["C174541386371200000000039","기타","확인필요","확인필요","확인필요",null,null,{"$f":"VLOOKUP(I81,Sheet1!$A$1:$B$5,2,FALSE)","v":"C1713152686736000000046"},"피부",null,{"$f":"VLOOKUP(L81,PRODUCTID!C77:D202,2,FALSE)","v":"P174533104211000000000245"},"라라젯 x로션 1",1,"ea",1,"ea",{"v":55000,"d":"55,000"},3,{"v":165000,"d":"165,000"},null,null,0,null,null,0,{"$nulls":3},{"v":55000,"d":"55,000"},{"v":3,"d":"3.0"},{"v":165000,"d":"165,000"},null,"UPDATE MU_PRODUCT SET MU_TREATMENT_ID = 'C1713152686736000000046' WHERE MU_PRODUCT_ID = 'P174533104211000000000245';"]
[{"$f":"VLOOKUP(B82,거래처ID!$A$2:$B$36,2,FALSE)","v":"C173258871030100000000055"},"㈜엠제이메디컬","406-87-01396","이만재 대표","010-4420-1825",null,null,{"$f":"VLOOKUP(I82,Sheet1!$A$1:$B$5,2,FALSE)","v":"C1713152686736000000046"},"피부",null,{"$f":"VLOOKUP(L82,PRODUCTID!C78:D203,2,FALSE)","v":"P174533104211000000000246"},"라라젯 s1",1,"ea",1,"ea",{"v":55000,"d":"55,000"},1,{"v":55000,"d":"55,000"},null,null,0,null,null,0,0,null,null,{"v":55000,"d":"55,000"},{"v":1,"d":"1.0"},{"v":55000,"d":"55,000"},null,"UPDATE MU_PRODUCT SET MU_TREATMENT_ID = 'C1713152686736000000046' WHERE MU_PRODUCT_ID = 'P174533104211000000000246';"]
[{"$f":"VLOOKUP(B83,거래처ID!$A$2:$B$36,2,FALSE)","v":"C173258871030100000000055"},"㈜엠제이메디컬","406-87-01396","이만재 대표","010-4420-1825",null,null,{"$f":"VLOOKUP(I83,Sheet1!$A$1:$B$5,2,FALSE)","v":"C1713152686736000000046"},"피부",null,{"$f":"VLOOKUP(L83,PRODUCTID!C79:D204,2,FALSE)","v":"P174533104211000000000247"},"라라젯 s2",1,"ea",1,"ea",{"v":55000,"d":"55,000"},3,{"v":165000,"d":"165,000"},null,null,0,null,null,0,0,null,null,{"v":55000,"d":"55,000"},{"v":3,"d":"3.0"},{"v":165000,"d":"165,000"},null,"UPDATE MU_PRODUCT SET MU_TREATMENT_ID = 'C1713152686736000000046' WHERE MU_PRODUCT_ID = 'P174533104211000000000247';"]
[{"$f":"VLOOKUP(B84,거래처ID!$A$2:$B$36,2,FALSE)","v":"C173258871030100000000055"},"㈜엠제이메디컬","406-87-01396","이만재 대표","010-4420-1825",null,null,{"$f":"VLOOKUP(I84,Sheet1!$A$1:$B$5,2,FALSE)","v":"C1713152686736000000046"},"피부",null,{"$f":"VLOOKUP(L84,PRODUCTID!C80:D205,2,FALSE)","v":"P174533104211000000000248"},"라라젯 s3",1,"ea",1,"ea",{"v":55000,"d":"55,000"},1,{"v":55000,"d":"55,000"},null,null,0,null,null,0,0,null,null,{"v":55000,"d":"55,000"},{"v":1,"d":"1.0"},{"v":55000,"d":"55,000"},null,"UPDATE MU_PRODUCT SET MU_TREATMENT_ID = 'C1713152686736000000046' WHERE MU_PRODUCT_ID = 'P174533104211000000000248';"]
[{"$f":"VLOOKUP(B85,거래처ID!$A$2:$B$36,2,FALSE)","v":"C173258871030100000000055"},"㈜엠제이메디컬","406-87-01396","이만재 대표","010-4420-1825",null,null,{"$f":"VLOOKUP(I85,Sheet1!$A$1:$B$5,2,FALSE)","v":"C1713152686736000000046"},"피부",null,{"$f":"VLOOKUP(L85,PRODUCTID!C81:D206,2,FALSE)","v":"P174533104211000000000249"},"라라젯 팁",1,"ea",1,"ea",{"v":2750,"d":"2,750"},39,{"v":107250,"d":"107,250"},null,null,0,null,null,0,{"$nulls":3},{"v":2750,"d":"2,750"},{"v":39,"d":"39.0"},{"v":107250,"d":"107,250"},null,"UPDATE MU_PRODUCT SET MU_TREATMENT_ID = 'C1713152686736000000046' WHERE MU_PRODUCT_ID = 'P174533104211000000000249';"]
[{"$f":"VLOOKUP(B86,거래처ID!$A$2:$B$36,2,FALSE)","v":"C173258871030100000000055"},"㈜엠제이메디컬","406-87-01396","이만재 대표","010-4420-1825",null,null,{"$f":"VLOOKUP(I86,Sheet1!$A$1:$B$5,2,FALSE)","v":"C1713152686736000000046"},"피부",null,{"$f":"VLOOKUP(L86,PRODUCTID!C82:D207,2,FALSE)","v":"P174533104211000000000250"},"아쿠아필S1",1,"ea",1,"ea",{"v":11000,"d":"11,000"},10,{"v":110000,"d":"110,000"},null,null,0,null,null,0,0,null,0,{"v":11000,"d":"11,000"},{"v":10,"d":"10.0"},{"v":110000,"d":"110,000"},null,"UPDATE MU_PRODUCT SET MU_TREATMENT_ID = 'C1713152686736000000046' WHERE MU_PRODUCT_ID = 'P174533104211000000000250';"]
[{"$f":"VLOOKUP(B87,거래처ID!$A$2:$B$36,2,FALSE)","v":"C173258871030100000000055"},"㈜엠제이메디컬","406-87-01396","이만재 대표","010-4420-1825",null,null,{"$f":"VLOOKUP(I87,Sheet1!$A$1:$B$5,2,FALSE)","v":"C1713152686736000000046"},"피부",null,{"$f":"VLOOKUP(L87,PRODUCTID!C83:D208,2,FALSE)","v":"P174533104211000000000251"},"아쿠아필S2",1,"ea",1,"ea",{"v":11000,"d":"11,000"},15,{"v":165000,"d":"165,000"},null,null,0,null,null,0,0,null,0,{"v":11000,"d":"11,000"},{"v":15,"d":"15.0"},{"v":165000,"d":"165,000"},null,"UPDATE MU_PRODUCT SET MU_TREATMENT_ID = 'C1713152686736000000046' WHERE MU_PRODUCT_ID = 'P174533104211000000000251';"]
[{"$f":"VLOOKUP(B88,거래처ID!$A$2:$B$36,2,FALSE)","v":"C173258871030100000000055"},"㈜엠제이메디컬","406-87-01396","이만재 대표","010-4420-1825",null,null,{"$f":"VLOOKUP(I88,Sheet1!$A$1:$B$5,2,FALSE)","v":"C1713152686736000000046"},"피부",null,{"$f":"VLOOKUP(L88,PRODUCTID!C84:D209,2,FALSE)","v":"P174533104211000000000252"},"아쿠아필S3",1,"ea",1,"ea",{"v":11000,"d":"11,000"},9,{"v":99000,"d":"99,000"},null,null,0,null,null,0,0,null,0,{"v":11000,"d":"11,000"},{"v":9,"d":"9.0"},{"v":99000,"d":"99,000"},null,"UPDATE MU_PRODUCT SET MU_TREATMENT_ID = 'C1713152686736000000046' WHERE MU_PRODUCT_ID = 'P174533104211000000000252';"]
[{"$f":"VLOOKUP(B89,거래처ID!$A$2:$B$36,2,FALSE)","v":"C173258871030100000000055"},"㈜엠제이메디컬","406-87-01396","이만재 대표","010-4420-1825",null,null,{"$f":"VLOOKUP(I89,Sheet1!$A$1:$B$5,2,FALSE)","v":"C1713152686736000000046"},"피부",null,{"$f":"VLOOKUP(L89,PRODUCTID!C85:D210,2,FALSE)","v":"P174533104211000000000253"},"디아지팁(인트라셀)",1,"ea",1,"ea",{"v":22000,"d":"22,000"},15,{"v":330000,"d":"330,000"},null,null,0,null,null,0,0,null,0,{"v":22000,"d":"22,000"},{"v":15,"d":"15.0"},{"v":330000,"d":"330,000"},null,"UPDATE MU_PRODUCT SET MU_TREATMENT_ID = 'C1713152686736000000046' WHERE MU_PRODUCT_ID = 'P174533104211000000000253';"]
[{"$f":"VLOOKUP(B90,거래처ID!$A$2:$B$36,2,FALSE)","v":"C173258871030100000000055"},"㈜엠제이메디컬","406-87-01396","이만재 대표","010-4420-1825",null,null,{"$f":"VLOOKUP(I90,Sheet1!$A$1:$B$5,2,FALSE)","v":"C1713152686736000000046"},"피부",null,{"$f":"VLOOKUP(L90,PRODUCTID!C86:D211,2,FALSE)","v":"P174533104211000000000254"},"PDT",1,"ea",1,"ea",{"v":14850,"d":"14,850"},29,{"v":430650,"d":"430,650"},null,null,0,null,null,0,0,null,0,{"v":14850,"d":"14,850"},{"v":29,"d":"29.0"},{"v":430650,"d":"430,650"},null,"UPDATE MU_PRODUCT SET MU_TREATMENT_ID = 'C1713152686736000000046' WHERE MU_PRODUCT_ID = 'P174533104211000000000254';"]
[{"$f":"VLOOKUP(B91,거래처ID!$A$2:$B$36,2,FALSE)","v":"C173258871030100000000065"},"원진메디팜",{"$f":"VLOOKUP(B91,$B$6:$C$55,2,0)","v":{"$error":"#N/A"}},{"$f":"VLOOKUP(B91,$B$6:$D$55,3,0)","v":{"$error":"#N/A"}},{"$f":"VLOOKUP(B91,$B$6:$L$55,4,0)","v":{"$error":"#N/A"}},null,null,{"$f":"VLOOKUP(I91,Sheet1!$A$1:$B$5,2,FALSE)","v":"C1713152686736000000046"},"피부",null,{"$f":"VLOOKUP(L91,PRODUCTID!C87:D212,2,FALSE)","v":"P174533104211000000000255"},"골드PTT",1,"ea",1,"ea",{"v":29333,"d":"29,333"},23,{"v":674659,"d":"674,659"},null,null,0,null,null,0,0,null,0,{"v":29333,"d":"29,333"},{"v":23,"d":"23.0"},{"v":674659,"d":"674,659"},null,"UPDATE MU_PRODUCT SET MU_TREATMENT_ID = 'C1713152686736000000046' WHERE MU_PRODUCT_ID = 'P174533104211000000000255';"]
[{"$f":"VLOOKUP(B92,거래처ID!$A$2:$B$36,2,FALSE)","v":"C173258871030100000000066"},"더메스테릭스",{"$error":"#N/A"},{"$error":"#N/A"},{"$error":"#N/A"},null,null,{"$f":"VLOOKUP(I92,Sheet1!$A$1:$B$5,2,FALSE)","v":"C1713152686736000000046"},"피부",null,{"$f":"VLOOKUP(L92,PRODUCTID!C88:D213,2,FALSE)","v":"P174533104211000000000256"},"산소필1-젤",1,"ea",1,"ea",{"v":75000,"d":"75,000"},1,{"v":75000,"d":"75,000"},null,null,0,null,null,0,0,null,0,{"v":75000,"d":"75,000"},{"v":1,"d":"1.0"},{"v":75000,"d":"75,000"},null,"UPDATE MU_PRODUCT SET MU_TREATMENT_ID = 'C1713152686736000000046' WHERE MU_PRODUCT_ID = 'P174533104211000000000256';"]
[{"$f":"VLOOKUP(B93,거래처ID!$A$2:$B$36,2,FALSE)","v":"C173258871030100000000066"},"더메스테릭스",{"$error":"#N/A"},{"$error":"#N/A"},{"$error":"#N/A"},null,null,{"$f":"VLOOKUP(I93,Sheet1!$A$1:$B$5,2,FALSE)","v":"C1713152686736000000046"},"피부",null,{"$f":"VLOOKUP(L93,PRODUCTID!C89:D214,2,FALSE)","v":"P174533104211000000000257"},"산소필2-젤",1,"ea",1,"ea",{"v":75000,"d":"75,000"},0,0,null,null,0,null,null,0,0,null,0,{"v":75000,"d":"75,000"},0,0,null,"UPDATE MU_PRODUCT SET MU_TREATMENT_ID = 'C1713152686736000000046' WHERE MU_PRODUCT_ID = 'P174533104211000000000257';"]
[{"$f":"VLOOKUP(B94,거래처ID!$A$2:$B$36,2,FALSE)","v":"C173258871030100000000066"},"더메스테릭스",{"$error":"#N/A"},{"$error":"#N/A"},{"$error":"#N/A"},null,null,{"$f":"VLOOKUP(I94,Sheet1!$A$1:$B$5,2,FALSE)","v":"C1713152686736000000046"},"피부",null,{"$f":"VLOOKUP(L94,PRODUCTID!C90:D215,2,FALSE)","v":"P174533104211000000000258"},"비타민C파우더",1,"ea",1,"ea",{"v":89000,"d":"89,000"},0,0,null,null,0,{"v":89000,"d":"89,000"},0,0,{"v":89000,"d":"89,000"},null,0,{"v":89000,"d":"89,000"},0,0,null,"UPDATE MU_PRODUCT SET MU_TREATMENT_ID = 'C1713152686736000000046' WHERE MU_PRODUCT_ID = 'P174533104211000000000258';"]
[{"$f":"VLOOKUP(B95,거래처ID!$A$2:$B$36,2,FALSE)","v":"C173258871030100000000067"},"쎄라덤",{"$error":"#N/A"},{"$error":"#N/A"},{"$error":"#N/A"},null,null,{"$f":"VLOOKUP(I95,Sheet1!$A$1:$B$5,2,FALSE)","v":"C1713152686736000000046"},"피부",null,{"$f":"VLOOKUP(L95,PRODUCTID!C91:D216,2,FALSE)","v":"P174533104211000000000259"},"씨위드 크림팩",1,"ea",1,"ea",{"v":44000,"d":"44,000"},1,{"v":44000,"d":"44,000"},null,null,0,null,null,0,0,null,0,{"v":44000,"d":"44,000"},{"v":1,"d":"1.0"},{"v":44000,"d":"44,000"},null,"UPDATE MU_PRODUCT SET MU_TREATMENT_ID = 'C1713152686736000000046' WHERE MU_PRODUCT_ID = 'P174533104211000000000259';"]
[{"$f":"VLOOKUP(B96,거래처ID!$A$2:$B$36,2,FALSE)","v":"C173258871030100000000067"},"쎄라덤",{"$error":"#N/A"},{"$error":"#N/A"},{"$error":"#N/A"},null,null,{"$f":"VLOOKUP(I96,Sheet1!$A$1:$B$5,2,FALSE)","v":"C1713152686736000000046"},"피부",null,{"$f":"VLOOKUP(L96,PRODUCTID!C92:D217,2,FALSE)","v":"P174533104211000000000260"},"아세로라크림팩",1,"ea",1,"ea",{"v":44000,"d":"44,000"},1,{"v":44000,"d":"44,000"},null,null,0,null,null,0,0,null,0,{"v":44000,"d":"44,000"},{"v":1,"d":"1.0"},{"v":44000,"d":"44,000"},null,"UPDATE MU_PRODUCT SET MU_TREATMENT_ID = 'C1713152686736000000046' WHERE MU_PRODUCT_ID = 'P174533104211000000000260';"]
[{"$f":"VLOOKUP(B97,거래처ID!$A$2:$B$36,2,FALSE)","v":"C173258871030100000000067"},"쎄라덤",{"$error":"#N/A"},{"$error":"#N/A"},{"$error":"#N/A"},null,null,{"$f":"VLOOKUP(I97,Sheet1!$A$1:$B$5,2,FALSE)","v":"C1713152686736000000046"},"피부",null,{"$f":"VLOOKUP(L97,PRODUCTID!C93:D218,2,FALSE)","v":"P174533104211000000000261"},"야쥴렌크림팩",1,"ea",1,"ea",{"v":44000,"d":"44,000"},0,0,null,null,0,null,null,0,0,null,0,{"v":44000,"d":"44,000"},0,0,null,"UPDATE MU_PRODUCT SET MU_TREATMENT_ID = 'C1713152686736000000046' WHERE MU_PRODUCT_ID = 'P174533104211000000000261';"]
[{"$f":"VLOOKUP(B98,거래처ID!$A$2:$B$36,2,FALSE)","v":"C173258871030100000000067"},"쎄라덤",{"$error":"#N/A"},{"$error":"#N/A"},{"$error":"#N/A"},null,null,{"$f":"VLOOKUP(I98,Sheet1!$A$1:$B$5,2,FALSE)","v":"C1713152686736000000046"},"피부",null,{"$f":"VLOOKUP(L98,PRODUCTID!C94:D219,2,FALSE)","v":"P174533104211000000000262"},"캄퍼크림팩",1,"ea",1,"ea",{"v":44000,"d":"44,000"},0,0,null,null,0,null,null,0,0,null,0,{"v":44000,"d":"44,000"},0,0,null,"UPDATE MU_PRODUCT SET MU_TREATMENT_ID = 'C1713152686736000000046' WHERE MU_PRODUCT_ID = 'P174533104211000000000262';"]
["C174541386371200000000039","기타","확인필요","확인필요","확인필요",null,null,{"$f":"VLOOKUP(I99,Sheet1!$A$1:$B$5,2,FALSE)","v":"C1713152686736000000046"},"피부",null,{"$f":"VLOOKUP(L99,PRODUCTID!C95:D220,2,FALSE)","v":"P174533104211000000000263"},"데콘겔",1,"ea",1,"ea",{"v":18700,"d":"18,700"},0,0,null,null,0,null,null,0,0,null,0,{"v":18700,"d":"18,700"},0,0,null,"UPDATE MU_PRODUCT SET MU_TREATMENT_ID = 'C1713152686736000000046' WHERE MU_PRODUCT_ID = 'P174533104211000000000263';"]
[{"$f":"VLOOKUP(B100,거래처ID!$A$2:$B$36,2,FALSE)","v":"C173258871030100000000067"},"쎄라덤",{"$error":"#N/A"},{"$error":"#N/A"},{"$error":"#N/A"},null,null,{"$f":"VLOOKUP(I100,Sheet1!$A$1:$B$5,2,FALSE)","v":"C1713152686736000000046"},"피부",null,{"$f":"VLOOKUP(L100,PRODUCTID!C96:D221,2,FALSE)","v":"P174533104211000000000264"},"블랙필",1,"ea",1,"ea",{"v":73333,"d":"73,333"},3,{"v":219999,"d":"219,999"},null,null,0,null,null,0,0,null,0,{"v":73333,"d":"73,333"},{"v":3,"d":"3.0"},{"v":219999,"d":"219,999"},null,"UPDATE MU_PRODUCT SET MU_TREATMENT_ID = 'C1713152686736000000046' WHERE MU_PRODUCT_ID = 'P174533104211000000000264';"]
[{"$f":"VLOOKUP(B101,거래처ID!$A$2:$B$36,2,FALSE)","v":"C173258871030100000000067"},"쎄라덤",{"$error":"#N/A"},{"$error":"#N/A"},{"$error":"#N/A"},null,null,{"$f":"VLOOKUP(I101,Sheet1!$A$1:$B$5,2,FALSE)","v":"C1713152686736000000046"},"피부",null,{"$f":"VLOOKUP(L101,PRODUCTID!C97:D222,2,FALSE)","v":"P174533104211000000000265"},"그린티중화제",1,"ea",1,"ea",{"v":27500,"d":"27,500"},2,{"v":55000,"d":"55,000"},null,null,0,null,null,0,0,null,0,{"v":27500,"d":"27,500"},{"v":2,"d":"2.0"},{"v":55000,"d":"55,000"},null,"UPDATE MU_PRODUCT SET MU_TREATMENT_ID = 'C1713152686736000000046' WHERE MU_PRODUCT_ID = 'P174533104211000000000265';"]
[{"$f":"VLOOKUP(B102,거래처ID!$A$2:$B$36,2,FALSE)","v":"C173258871030100000000067"},"쎄라덤",{"$error":"#N/A"},{"$error":"#N/A"},{"$error":"#N/A"},null,null,{"$f":"VLOOKUP(I102,Sheet1!$A$1:$B$5,2,FALSE)","v":"C1713152686736000000046"},"피부",null,{"$f":"VLOOKUP(L102,PRODUCTID!C98:D223,2,FALSE)","v":"P174533104211000000000266"},"GA 40%",1,"ea",1,"ea",{"v":75200,"d":"75,200"},1,{"v":75200,"d":"75,200"},null,null,0,null,null,0,0,null,0,{"v":75200,"d":"75,200"},{"v":1,"d":"1.0"},{"v":75200,"d":"75,200"},null,"UPDATE MU_PRODUCT SET MU_TREATMENT_ID = 'C1713152686736000000046' WHERE MU_PRODUCT_ID = 'P174533104211000000000266';"]
[{"$f":"VLOOKUP(B103,거래처ID!$A$2:$B$36,2,FALSE)","v":"C173258871030100000000068"},"C&K",{"$error":"#N/A"},{"$error":"#N/A"},{"$error":"#N/A"},null,null,{"$f":"VLOOKUP(I103,Sheet1!$A$1:$B$5,2,FALSE)","v":"C1713152686736000000046"},"피부",null,{"$f":"VLOOKUP(L103,PRODUCTID!C99:D224,2,FALSE)","v":"P174533104211000000000267"},"벨벳M",1,"ea",1,"ea",{"v":8500,"d":"8,500"},84,{"v":714000,"d":"714,000"},null,null,0,null,null,0,0,null,0,{"v":8500,"d":"8,500"},{"v":84,"d":"84.0"},{"v":714000,"d":"714,000"},null,"UPDATE MU_PRODUCT SET MU_TREATMENT_ID = 'C1713152686736000000046' WHERE MU_PRODUCT_ID = 'P174533104211000000000267';"]
[{"$f":"VLOOKUP(B104,거래처ID!$A$2:$B$36,2,FALSE)","v":"C173258871030100000000069"},"히스토랩",{"$error":"#N/A"},"성기문 팀장","010-8502-1669",null,null,{"$f":"VLOOKUP(I104,Sheet1!$A$1:$B$5,2,FALSE)","v":"C1713152686736000000050"},"기타",null,{"$f":"VLOOKUP(L104,PRODUCTID!C100:D225,2,FALSE)","v":"P174533104211000000000268"},"K크림(멍크림)",1,"ea",1,"ea",0,2,0,null,null,0,0,0,0,0,null,0,0,{"v":2,"d":"2.0"},0,null,"UPDATE MU_PRODUCT SET MU_TREATMENT_ID = 'C1713152686736000000050' WHERE MU_PRODUCT_ID = 'P174533104211000000000268';"]
[{"$f":"VLOOKUP(B105,거래처ID!$A$2:$B$36,2,FALSE)","v":"C173258871030100000000069"},"히스토랩",{"$error":"#N/A"},"성기문 팀장","010-8502-1669",null,null,{"$f":"VLOOKUP(I105,Sheet1!$A$1:$B$5,2,FALSE)","v":"C1713152686736000000050"},"기타",null,{"$f":"VLOOKUP(L105,PRODUCTID!C101:D226,2,FALSE)","v":"P174533104211000000000269"},"밀크클렌져",1,"ea",1,"ea",{"v":32857.1428,"d":"32,857"},6,{"v":197142.8568,"d":"197,143"},null,null,0,null,null,0,{"$nulls":3},{"v":32857.1428,"d":"32,857"},{"v":6,"d":"6.0"},{"v":197142.8568,"d":"197,143"},null,"UPDATE MU_PRODUCT SET MU_TREATMENT_ID = 'C1713152686736000000050' WHERE MU_PRODUCT_ID = 'P174533104211000000000269';"]
[{"$f":"VLOOKUP(B106,거래처ID!$A$2:$B$36,2,FALSE)","v":"C173258871030100000000069"},"히스토랩",{"$error":"#N/A"},"성기문 팀장","010-8502-1669",null,null,{"$f":"VLOOKUP(I106,Sheet1!$A$1:$B$5,2,FALSE)","v":"C1713152686736000000050"},"기타",null,{"$f":"VLOOKUP(L106,PRODUCTID!C102:D227,2,FALSE)","v":"P174533104211000000000270"},"폼클렌저",1,"ea",1,"ea",{"v":30000,"d":"30,000"},3,{"v":90000,"d":"90,000"},null,null,0,null,null,0,0,null,0,{"v":30000,"d":"30,000"},{"v":3,"d":"3.0"},{"v":90000,"d":"90,000"},null,"UPDATE MU_PRODUCT SET MU_TREATMENT_ID = 'C1713152686736000000050' WHERE MU_PRODUCT_ID = 'P174533104211000000000270';"]
[{"$f":"VLOOKUP(B107,거래처ID!$A$2:$B$36,2,FALSE)","v":"C173258871030100000000069"},"히스토랩",{"$error":"#N/A"},"성기문 팀장","010-8502-1669",null,null,{"$f":"VLOOKUP(I107,Sheet1!$A$1:$B$5,2,FALSE)","v":"C1713152686736000000050"},"기타",null,{"$f":"VLOOKUP(L107,PRODUCTID!C103:D228,2,FALSE)","v":"P174533104211000000000271"},"클리어로션",1,"ea",1,"ea",{"v":53600,"d":"53,600"},0,0,null,null,0,null,null,0,0,null,0,{"v":53600,"d":"53,600"},0,0,null,"UPDATE MU_PRODUCT SET MU_TREATMENT_ID = 'C1713152686736000000050' WHERE MU_PRODUCT_ID = 'P174533104211000000000271';"]
[{"$f":"VLOOKUP(B108,거래처ID!$A$2:$B$36,2,FALSE)","v":"C173258871030100000000069"},"히스토랩",{"$error":"#N/A"},"성기문 팀장","010-8502-1669",null,null,{"$f":"VLOOKUP(I108,Sheet1!$A$1:$B$5,2,FALSE)","v":"C1713152686736000000046"},"피부",null,{"$f":"VLOOKUP(L108,PRODUCTID!C104:D229,2,FALSE)","v":"P174533104211000000000272"},"이온토비타민",1,"ea",1,"ea",{"v":2500,"d":"2,500"},10,{"v":25000,"d":"25,000"},null,null,0,null,null,0,0,null,0,{"v":2500,"d":"2,500"},{"v":10,"d":"10.0"},{"v":25000,"d":"25,000"},null,"UPDATE MU_PRODUCT SET MU_TREATMENT_ID = 'C1713152686736000000046' WHERE MU_PRODUCT_ID = 'P174533104211000000000272';"]
[{"$f":"VLOOKUP(B109,거래처ID!$A$2:$B$36,2,FALSE)","v":"C173258871030100000000070"},"아일글로벌",{"$error":"#N/A"},{"$f":"VLOOKUP(B109,$B$6:$D$55,3,0)","v":{"$error":"#N/A"}},{"$f":"VLOOKUP(B109,$B$6:$L$55,4,0)","v":{"$error":"#N/A"}},null,null,{"$f":"VLOOKUP(I109,Sheet1!$A$1:$B$5,2,FALSE)","v":"C1713152686736000000046"},"피부",null,{"$f":"VLOOKUP(L109,PRODUCTID!C105:D230,2,FALSE)","v":"P174533104211000000000273"},"여우필아클레스필",1,"ea",1,"ea",{"v":72600,"d":"72,600"},0,0,null,null,0,{"v":72600,"d":"72,600"},0,0,{"v":72600,"d":"72,600"},null,0,{"v":72600,"d":"72,600"},0,0,null,"UPDATE MU_PRODUCT SET MU_TREATMENT_ID = 'C1713152686736000000046' WHERE MU_PRODUCT_ID = 'P174533104211000000000273';"]
[{"$f":"VLOOKUP(B110,거래처ID!$A$2:$B$36,2,FALSE)","v":"C173258871030100000000070"},"아일글로벌",{"$error":"#N/A"},{"$error":"#N/A"},{"$error":"#N/A"},null,null,{"$f":"VLOOKUP(I110,Sheet1!$A$1:$B$5,2,FALSE)","v":"C1713152686736000000046"},"피부",null,{"$f":"VLOOKUP(L110,PRODUCTID!C106:D231,2,FALSE)","v":"P174533104211000000000274"},"여우필멜라리스필",1,"ea",1,"ea",{"v":84700,"d":"84,700"},0,0,null,null,0,{"v":84700,"d":"84,700"},0,0,{"v":84700,"d":"84,700"},null,0,{"v":84700,"d":"84,700"},0,0,null,"UPDATE MU_PRODUCT SET MU_TREATMENT_ID = 'C1713152686736000000046' WHERE MU_PRODUCT_ID = 'P174533104211000000000274';"]
[{"$f":"VLOOKUP(B111,거래처ID!$A$2:$B$36,2,FALSE)","v":"C173258871030100000000070"},"아일글로벌",{"$error":"#N/A"},{"$error":"#N/A"},{"$error":"#N/A"},null,null,{"$f":"VLOOKUP(I111,Sheet1!$A$1:$B$5,2,FALSE)","v":"C1713152686736000000046"},"피부",null,{"$f":"VLOOKUP(L111,PRODUCTID!C107:D232,2,FALSE)","v":"P174533104211000000000275"},"여우필옥시젠부스터",1,"ea",1,"ea",{"v":68200,"d":"68,200"},0,0,null,null,0,{"v":68200,"d":"68,200"},0,0,{"v":68200,"d":"68,200"},null,0,{"v":68200,"d":"68,200"},0,0,null,"UPDATE MU_PRODUCT SET MU_TREATMENT_ID = 'C1713152686736000000046' WHERE MU_PRODUCT_ID = 'P174533104211000000000275';"]
[{"$f":"VLOOKUP(B112,거래처ID!$A$2:$B$36,2,FALSE)","v":"C173258871030100000000070"},"아일글로벌",{"$error":"#N/A"},{"$error":"#N/A"},{"$error":"#N/A"},null,null,{"$f":"VLOOKUP(I112,Sheet1!$A$1:$B$5,2,FALSE)","v":"C1713152686736000000046"},"피부",null,{"$f":"VLOOKUP(L112,PRODUCTID!C108:D233,2,FALSE)","v":"P174533104211000000000276"},"버블씨스노우30",1,"ea",1,"ea",{"v":2904,"d":"2,904"},{"v":37.5,"d":"38"},{"v":108900,"d":"108,900"},null,null,0,null,null,0,0,null,null,{"v":2904,"d":"2,904"},37.5,{"v":108900,"d":"108,900"},null,"UPDATE MU_PRODUCT SET MU_TREATMENT_ID = 'C1713152686736000000046' WHERE MU_PRODUCT_ID = 'P174533104211000000000276';"]
[{"$f":"VLOOKUP(B113,거래처ID!$A$2:$B$36,2,FALSE)","v":"C173258871030100000000071"},"닥터랩",{"$error":"#N/A"},{"$error":"#N/A"},{"$error":"#N/A"},null,null,{"$f":"VLOOKUP(I113,Sheet1!$A$1:$B$5,2,FALSE)","v":"C1713152686736000000046"},"피부",null,{"$f":"VLOOKUP(L113,PRODUCTID!C109:D234,2,FALSE)","v":"P174533104211000000000277"},"아쿠아모델링",1,"ea",1,"ea",{"v":9000,"d":"9,000"},28,{"v":252000,"d":"252,000"},null,null,0,null,null,0,{"$nulls":3},{"v":9000,"d":"9,000"},{"v":28,"d":"28.0"},{"v":252000,"d":"252,000"},null,"UPDATE MU_PRODUCT SET MU_TREATMENT_ID = 'C1713152686736000000046' WHERE MU_PRODUCT_ID = 'P174533104211000000000277';"]
[{"$f":"VLOOKUP(B114,거래처ID!$A$2:$B$36,2,FALSE)","v":"C173258871030100000000071"},"닥터랩",{"$error":"#N/A"},{"$error":"#N/A"},{"$error":"#N/A"},null,null,{"$f":"VLOOKUP(I114,Sheet1!$A$1:$B$5,2,FALSE)","v":"C1713152686736000000046"},"피부",null,{"$f":"VLOOKUP(L114,PRODUCTID!C110:D235,2,FALSE)","v":"P174533104211000000000278"},"비타민모델링",1,"ea",1,"ea",{"v":9000,"d":"9,000"},27,{"v":243000,"d":"243,000"},null,null,0,null,null,0,{"$nulls":3},{"v":9000,"d":"9,000"},{"v":27,"d":"27.0"},{"v":243000,"d":"243,000"},null,"UPDATE MU_PRODUCT SET MU_TREATMENT_ID = 'C1713152686736000000046' WHERE MU_PRODUCT_ID = 'P174533104211000000000278';"]
[{"$f":"VLOOKUP(B115,거래처ID!$A$2:$B$36,2,FALSE)","v":"C173258871030100000000071"},"닥터랩",{"$error":"#N/A"},{"$error":"#N/A"},{"$error":"#N/A"},null,null,{"$f":"VLOOKUP(I115,Sheet1!$A$1:$B$5,2,FALSE)","v":"C1713152686736000000050"},"기타",null,{"$f":"VLOOKUP(L115,PRODUCTID!C111:D236,2,FALSE)","v":"P174533104211000000000279"},"센텔라시카 마스크",1,"ea",1,"ea",{"v":1000,"d":"1,000"},139,{"v":139000,"d":"139,000"},null,null,0,null,null,0,{"$nulls":3},{"v":1000,"d":"1,000"},{"v":139,"d":"139.0"},{"v":139000,"d":"139,000"},null,"UPDATE MU_PRODUCT SET MU_TREATMENT_ID = 'C1713152686736000000050' WHERE MU_PRODUCT_ID = 'P174533104211000000000279';"]
[{"$f":"VLOOKUP(B116,거래처ID!$A$2:$B$36,2,FALSE)","v":"C173258871030100000000071"},"닥터랩",{"$error":"#N/A"},{"$error":"#N/A"},{"$error":"#N/A"},null,null,{"$f":"VLOOKUP(I116,Sheet1!$A$1:$B$5,2,FALSE)","v":"C1713152686736000000050"},"기타",null,{"$f":"VLOOKUP(L116,PRODUCTID!C112:D237,2,FALSE)","v":"P174533104211000000000280"},"하이드라수딩 마스크",1,"ea",1,"ea",{"v":1000,"d":"1,000"},15,{"v":15000,"d":"15,000"},null,null,0,null,null,0,{"$nulls":3},{"v":1000,"d":"1,000"},{"v":15,"d":"15.0"},{"v":15000,"d":"15,000"},null,"UPDATE MU_PRODUCT SET MU_TREATMENT_ID = 'C1713152686736000000050' WHERE MU_PRODUCT_ID = 'P174533104211000000000280';"]
[{"$f":"VLOOKUP(B117,거래처ID!$A$2:$B$36,2,FALSE)","v":"C173258871030100000000071"},"닥터랩",{"$error":"#N/A"},{"$error":"#N/A"},{"$error":"#N/A"},null,null,{"$f":"VLOOKUP(I117,Sheet1!$A$1:$B$5,2,FALSE)","v":"C1713152686736000000050"},"기타",null,{"$f":"VLOOKUP(L117,PRODUCTID!C113:D238,2,FALSE)","v":"P174533104211000000000281"},"뉴트리티브 바이탈 마사지크림",1,"ea",1,"ea",{"v":33000,"d":"33,000"},0,0,null,null,0,{"v":33000,"d":"33,000"},0,0,null,null,0,{"v":33000,"d":"33,000"},0,0,null,"UPDATE MU_PRODUCT SET MU_TREATMENT_ID = 'C1713152686736000000050' WHERE MU_PRODUCT_ID = 'P174533104211000000000281';"]
[{"$f":"VLOOKUP(B118,거래처ID!$A$2:$B$36,2,FALSE)","v":"C173258871030100000000071"},"닥터랩",{"$error":"#N/A"},{"$error":"#N/A"},{"$error":"#N/A"},null,null,{"$f":"VLOOKUP(I118,Sheet1!$A$1:$B$5,2,FALSE)","v":"C1713152686736000000050"},"기타",null,{"$f":"VLOOKUP(L118,PRODUCTID!C114:D239,2,FALSE)","v":"P174533104211000000000282"},"하이드라더마아쥴렌크림",1,"ea",1,"ea",{"v":29000,"d":"29,000"},37,{"$f":"+Q118*R118","v":{"v":1073000,"d":"1,073,000"}},null,null,0,null,null,{"$f":"+W118*X118","v":0},0,null,{"$f":"+Z118*AA118","v":0},{"$f":"+Q118","v":{"v":29000,"d":"29,000"}},{"$f":"+R118+U118-X118+AA118","v":{"v":37,"d":"37.0"}},{"v":1073000,"d":"1,073,000"},null,"UPDATE MU_PRODUCT SET MU_TREATMENT_ID = 'C1713152686736000000050' WHERE MU_PRODUCT_ID = 'P174533104211000000000282';"]
[{"$f":"VLOOKUP(B119,거래처ID!$A$2:$B$36,2,FALSE)","v":"C173258871030100000000072"},"옥시젠",{"$error":"#N/A"},{"$error":"#N/A"},{"$error":"#N/A"},null,null,{"$f":"VLOOKUP(I119,Sheet1!$A$1:$B$5,2,FALSE)","v":"C1713152686736000000050"},"기타",null,{"$f":"VLOOKUP(L119,PRODUCTID!C115:D240,2,FALSE)","v":"P174533104211000000000283"},"디오투 액티베이터",1,"ea",1,"ea",{"v":11875,"d":"11,875"},1,{"v":11875,"d":"11,875"},null,null,0,null,null,0,{"$nulls":3},{"v":11875,"d":"11,875"},{"v":1,"d":"1.0"},{"v":11875,"d":"11,875"},null,"UPDATE MU_PRODUCT SET MU_TREATMENT_ID = 'C1713152686736000000050' WHERE MU_PRODUCT_ID = 'P174533104211000000000283';"]
[{"$f":"VLOOKUP(B120,거래처ID!$A$2:$B$36,2,FALSE)","v":"C173258871030100000000072"},"옥시젠",{"$f":"VLOOKUP(B120,$B$6:$C$55,2,0)","v":{"$error":"#N/A"}},{"$error":"#N/A"},{"$error":"#N/A"},null,null,{"$f":"VLOOKUP(I120,Sheet1!$A$1:$B$5,2,FALSE)","v":"C1713152686736000000050"},"기타",null,{"$f":"VLOOKUP(L120,PRODUCTID!C116:D241,2,FALSE)","v":"P174533104211000000000284"},"스킨 발란싱 토너",1,"ea",1,"ea",{"v":18000,"d":"18,000"},6,{"v":108000,"d":"108,000"},null,null,{"$f":"+T120*U120","v":0},null,null,0,{"$nulls":3},{"v":18000,"d":"18,000"},{"v":6,"d":"6.0"},{"$f":"+AC120*AD120","v":{"v":108000,"d":"108,000"}},null,"UPDATE MU_PRODUCT SET MU_TREATMENT_ID = 'C1713152686736000000050' WHERE MU_PRODUCT_ID = 'P174533104211000000000284';"]
[{"$f":"VLOOKUP(B121,거래처ID!$A$2:$B$36,2,FALSE)","v":"C173258871030100000000072"},"옥시젠",{"$error":"#N/A"},{"$error":"#N/A"},{"$error":"#N/A"},null,null,{"$f":"VLOOKUP(I121,Sheet1!$A$1:$B$5,2,FALSE)","v":"C1713152686736000000050"},"기타",null,{"$f":"VLOOKUP(L121,PRODUCTID!C117:D242,2,FALSE)","v":"P174533104211000000000285"},"레드네스 수딩 알로에 베라젤",1,"ea",1,"ea",{"v":18000,"d":"18,000"},2,{"v":36000,"d":"36,000"},null,null,0,null,null,0,{"$nulls":3},{"v":18000,"d":"18,000"},{"v":2,"d":"2.0"},{"v":36000,"d":"36,000"},null,"UPDATE MU_PRODUCT SET MU_TREATMENT_ID = 'C1713152686736000000050' WHERE MU_PRODUCT_ID = 'P174533104211000000000285';"]
[{"$f":"VLOOKUP(B122,거래처ID!$A$2:$B$36,2,FALSE)","v":"C173258871030100000000072"},"옥시젠",{"$error":"#N/A"},{"$error":"#N/A"},{"$error":"#N/A"},null,null,{"$f":"VLOOKUP(I122,Sheet1!$A$1:$B$5,2,FALSE)","v":"C1713152686736000000050"},"기타",null,{"$f":"VLOOKUP(L122,PRODUCTID!C118:D243,2,FALSE)","v":"P174533104211000000000286"},"에이셀100 플루이드",1,"ea",1,"ea",{"v":25650,"d":"25,650"},9,{"v":230850,"d":"230,850"},null,null,0,null,null,0,{"$nulls":3},{"v":25650,"d":"25,650"},{"v":9,"d":"9.0"},{"v":230850,"d":"230,850"},null,"UPDATE MU_PRODUCT SET MU_TREATMENT_ID = 'C1713152686736000000050' WHERE MU_PRODUCT_ID = 'P174533104211000000000286';"]
[{"$f":"VLOOKUP(B123,거래처ID!$A$2:$B$36,2,FALSE)","v":"C173258871030100000000072"},"옥시젠",{"$error":"#N/A"},{"$error":"#N/A"},{"$error":"#N/A"},null,null,{"$f":"VLOOKUP(I123,Sheet1!$A$1:$B$5,2,FALSE)","v":"C1713152686736000000050"},"기타",null,{"$f":"VLOOKUP(L123,PRODUCTID!C119:D244,2,FALSE)","v":"P174533104211000000000287"},"쿠퍼러스 플루이드",1,"ea",1,"ea",{"v":25650,"d":"25,650"},6,{"v":153900,"d":"153,900"},null,null,0,null,null,0,{"$nulls":3},{"v":25650,"d":"25,650"},{"v":6,"d":"6.0"},{"v":153900,"d":"153,900"},null,"UPDATE MU_PRODUCT SET MU_TREATMENT_ID = 'C1713152686736000000050' WHERE MU_PRODUCT_ID = 'P174533104211000000000287';"]
[{"$f":"VLOOKUP(B124,거래처ID!$A$2:$B$36,2,FALSE)","v":"C173258871030100000000072"},"옥시젠",{"$error":"#N/A"},{"$error":"#N/A"},{"$error":"#N/A"},null,null,{"$f":"VLOOKUP(I124,Sheet1!$A$1:$B$5,2,FALSE)","v":"C1713152686736000000050"},"기타",null,{"$f":"VLOOKUP(L124,PRODUCTID!C120:D245,2,FALSE)","v":"P174533104211000000000288"},"캐비어 플루이드",1,"ea",1,"ea",{"v":25110,"d":"25,110"},2,{"v":50220,"d":"50,220"},null,null,0,null,null,0,{"$nulls":3},{"v":25110,"d":"25,110"},{"v":2,"d":"2.0"},{"v":50220,"d":"50,220"},null,"UPDATE MU_PRODUCT SET MU_TREATMENT_ID = 'C1713152686736000000050' WHERE MU_PRODUCT_ID = 'P174533104211000000000288';"]
[{"$f":"VLOOKUP(B125,거래처ID!$A$2:$B$36,2,FALSE)","v":"C173258871030100000000072"},"옥시젠",{"$error":"#N/A"},{"$error":"#N/A"},{"$error":"#N/A"},null,null,{"$f":"VLOOKUP(I125,Sheet1!$A$1:$B$5,2,FALSE)","v":"C1713152686736000000050"},"기타",null,{"$f":"VLOOKUP(L125,PRODUCTID!C121:D246,2,FALSE)","v":"P174533104211000000000289"},"캐비어 플루이드",1,"ea",1,"ea",{"v":25650,"d":"25,650"},5,{"v":128250,"d":"128,250"},null,null,0,{"$nulls":6},{"v":25650,"d":"25,650"},{"v":5,"d":"5.0"},{"v":128250,"d":"128,250"},null,"UPDATE MU_PRODUCT SET MU_TREATMENT_ID = 'C1713152686736000000050' WHERE MU_PRODUCT_ID = 'P174533104211000000000289';"]
[{"$f":"VLOOKUP(B126,거래처ID!$A$2:$B$36,2,FALSE)","v":"C173258871030100000000072"},"옥시젠",{"$error":"#N/A"},{"$error":"#N/A"},{"$error":"#N/A"},null,null,{"$f":"VLOOKUP(I126,Sheet1!$A$1:$B$5,2,FALSE)","v":"C1713152686736000000050"},"기타",null,{"$f":"VLOOKUP(L126,PRODUCTID!C122:D247,2,FALSE)","v":"P174533104211000000000290"},"퍼멘티드 플루이드",1,"ea",1,"ea",{"v":25110,"d":"25,110"},8,{"v":200880,"d":"200,880"},null,null,0,null,null,0,{"$nulls":3},{"v":25110,"d":"25,110"},{"v":8,"d":"8.0"},{"v":200880,"d":"200,880"},null,"UPDATE MU_PRODUCT SET MU_TREATMENT_ID = 'C1713152686736000000050' WHERE MU_PRODUCT_ID = 'P174533104211000000000290';"]
["C174541386371200000000039","기타","확인필요","확인필요","확인필요",null,null,{"$f":"VLOOKUP(I127,Sheet1!$A$1:$B$5,2,FALSE)","v":"C1713152686736000000050"},"기타",null,{"$f":"VLOOKUP(L127,PRODUCTID!C123:D248,2,FALSE)","v":"P174533104211000000000291"},"쿰스필",1,"ea",1,"ea",{"v":50000,"d":"50,000"},0,0,null,null,0,null,null,0,{"$f":"+W127","v":0},null,null,{"v":50000,"d":"50,000"},0,0,null,"UPDATE MU_PRODUCT SET MU_TREATMENT_ID = 'C1713152686736000000050' WHERE MU_PRODUCT_ID = 'P174533104211000000000291';"]
[{"$f":"VLOOKUP(B128,거래처ID!$A$2:$B$36,2,FALSE)","v":"C173258871030100000000072"},"옥시젠",{"$error":"#N/A"},{"$error":"#N/A"},{"$error":"#N/A"},null,null,{"$f":"VLOOKUP(I128,Sheet1!$A$1:$B$5,2,FALSE)","v":"C1713152686736000000050"},"기타",null,{"$f":"VLOOKUP(L128,PRODUCTID!C124:D249,2,FALSE)","v":"P174533104211000000000292"},"TP썬크림",1,"ea",1,"ea",{"v":16500,"d":"16,500"},13,{"v":214500,"d":"214,500"},null,null,0,null,null,0,0,null,0,{"v":16500,"d":"16,500"},{"v":13,"d":"13.0"},{"v":214500,"d":"214,500"},null,"UPDATE MU_PRODUCT SET MU_TREATMENT_ID = 'C1713152686736000000050' WHERE MU_PRODUCT_ID = 'P174533104211000000000292';"]
[{"$f":"VLOOKUP(B129,거래처ID!$A$2:$B$36,2,FALSE)","v":"C173258871030100000000072"},"옥시젠",{"$error":"#N/A"},{"$error":"#N/A"},{"$error":"#N/A"},null,null,{"$f":"VLOOKUP(I129,Sheet1!$A$1:$B$5,2,FALSE)","v":"C1713152686736000000050"},"기타",null,{"$f":"VLOOKUP(L129,PRODUCTID!C125:D250,2,FALSE)","v":"P174533104211000000000293"},"크리오제닉 액티베이터",1,"ea",1,"ea",{"v":6500,"d":"6,500"},4,{"v":26000,"d":"26,000"},null,null,0,null,null,0,{"$nulls":3},{"v":6500,"d":"6,500"},{"v":4,"d":"4.0"},{"v":26000,"d":"26,000"},null,"UPDATE MU_PRODUCT SET MU_TREATMENT_ID = 'C1713152686736000000050' WHERE MU_PRODUCT_ID = 'P174533104211000000000293';"]
["C174541386371200000000039","기타","확인필요","확인필요","확인필요",null,null,{"$f":"VLOOKUP(I130,Sheet1!$A$1:$B$5,2,FALSE)","v":"C1713152686736000000050"},"기타",null,{"$f":"VLOOKUP(L130,PRODUCTID!C126:D251,2,FALSE)","v":"P174533104211000000000294"},"쏠라케어90겔플루이드(썬크림)",1,"ea",1,"ea",{"v":16133,"d":"16,133"},0,0,null,null,0,null,null,0,0,null,0,{"v":16133,"d":"16,133"},0,0,null,"UPDATE MU_PRODUCT SET MU_TREATMENT_ID = 'C1713152686736000000050' WHERE MU_PRODUCT_ID = 'P174533104211000000000294';"]
[{"$f":"VLOOKUP(B131,거래처ID!$A$2:$B$36,2,FALSE)","v":"C173258871030100000000055"},"㈜엠제이메디컬","406-87-01396","이만재","010-4420-1825",null,null,{"$f":"VLOOKUP(I131,Sheet1!$A$1:$B$5,2,FALSE)","v":"C1713152686736000000050"},"기타",null,{"$f":"VLOOKUP(L131,PRODUCTID!C127:D252,2,FALSE)","v":"P174533104211000000000295"},"fcr리젠트론마스크",1,"ea",1,"ea",{"v":7543,"d":"7,543"},43,{"v":324349,"d":"324,349"},null,null,0,null,null,0,0,null,null,{"v":7543,"d":"7,543"},{"v":43,"d":"43.0"},{"v":324349,"d":"324,349"},null,"UPDATE MU_PRODUCT SET MU_TREATMENT_ID = 'C1713152686736000000050' WHERE MU_PRODUCT_ID = 'P174533104211000000000295';"]
[{"$f":"VLOOKUP(B132,거래처ID!$A$2:$B$36,2,FALSE)","v":{"$error":"#N/A"}},"소계",{"$nulls":5},{"$f":"VLOOKUP(I132,Sheet1!$A$1:$B$5,2,FALSE)","v":{"$error":"#N/A"}},null,null,{"$f":"VLOOKUP(L132,PRODUCTID!C128:D253,2,FALSE)","v":{"$error":"#N/A"}},{"$nulls":7},{"$f":"SUM(S56:S131)","v":{"v":29180062.8568,"d":"29,180,063"}},null,null,{"$f":"SUM(V56:V131)","v":0},null,null,{"$f":"SUM(Y56:Y131)","v":0},0,null,{"$f":"SUM(AB56:AB131)","v":0},{"$f":"+Q132","v":0},0,{"$f":"SUM(AE56:AE131)","v":{"v":29180062.8568,"d":"29,180,063"}},null,{"$error":"#N/A"}]
[{"$f":"VLOOKUP(B133,거래처ID!$A$2:$B$36,2,FALSE)","v":{"$error":"#N/A"}},{"$nulls":6},{"$f":"VLOOKUP(I133,Sheet1!$A$1:$B$5,2,FALSE)","v":{"$error":"#N/A"}},null,null,{"$f":"VLOOKUP(L133,PRODUCTID!C129:D254,2,FALSE)","v":{"$error":"#N/A"}},"총계",{"$nulls":6},{"$f":"+#REF!+S132","v":{"$error":"#REF!"}},null,null,{"$f":"+#REF!+V132","v":{"$error":"#REF!"}},null,null,{"$f":"+#REF!+Y132","v":{"$error":"#REF!"}},0,null,{"$f":"+#REF!+AB132","v":{"$error":"#REF!"}},0,0,{"$f":"+#REF!+AE132","v":{"$error":"#REF!"}},null,{"$error":"#N/A"}]

{"sheet":"companyproduct","index":1,"n_rows":127,"n_cols":16,"rows_kept":127}
["MU_COMPANY_PRODUCT_ID","MU_COMPANY_ID","MU_PRODUCT_ID","ORDER_NUMBER","WRITE_DATE","WRITE_TIME","REMARK","CUD_FLAG","USE_YN","REG_ID","REG_DATE","MOD_ID","MOD_DATE","T_ID","T_DATE"]
["CP17453310421380000000170","C174541386371200000000039","P174533104211000000000198",{"$f":"IF(B1=B2,D1+1,1)","v":1},"2025-04-23","00:00:00",null,"C","Y","admin",null,"admin",{"$nulls":3},170]
["CP17453310421380000000171","C174541386371200000000039","P174533104211000000000215",{"$f":"IF(B2=B3,D2+1,1)","v":2},"2025-04-23","00:00:00",null,"C","Y","admin",null,"admin",{"$nulls":3},171]
["CP17453310421380000000172","C174541386371200000000039","P174533104211000000000216",3,"2025-04-23","00:00:00",null,"C","Y","admin",null,"admin",{"$nulls":3},172]
["CP17453310421380000000173","C174541386371200000000039","P174533104211000000000217",4,"2025-04-23","00:00:00",null,"C","Y","admin",null,"admin",{"$nulls":3},173]
["CP17453310421380000000174","C174541386371200000000039","P174533104211000000000218",5,"2025-04-23","00:00:00",null,"C","Y","admin",null,"admin",{"$nulls":3},174]
["CP17453310421380000000175","C174541386371200000000039","P174533104211000000000219",6,"2025-04-23","00:00:00",null,"C","Y","admin",null,"admin",{"$nulls":3},175]
["CP17453310421380000000176","C174541386371200000000039","P174533104211000000000245",7,"2025-04-23","00:00:00",null,"C","Y","admin",null,"admin",{"$nulls":3},176]
["CP17453310421380000000177","C174541386371200000000039","P174533104211000000000263",8,"2025-04-23","00:00:00",null,"C","Y","admin",null,"admin",{"$nulls":3},177]
["CP17453310421380000000178","C174541386371200000000039","P174533104211000000000291",9,"2025-04-23","00:00:00",null,"C","Y","admin",null,"admin",{"$nulls":3},178]
["CP17453310421380000000179","C174541386371200000000039","P174533104211000000000294",10,"2025-04-23","00:00:00",null,"C","Y","admin",null,"admin",{"$nulls":3},179]
["CP17453310421380000000180","C173258871030100000000072","P174533104211000000000283",1,"2025-04-23","00:00:00",null,"C","Y","admin",null,"admin",{"$nulls":3},180]
["CP17453310421380000000181","C173258871030100000000072","P174533104211000000000284",2,"2025-04-23","00:00:00",null,"C","Y","admin",null,"admin",{"$nulls":3},181]
["CP17453310421380000000182","C173258871030100000000072","P174533104211000000000285",3,"2025-04-23","00:00:00",null,"C","Y","admin",null,"admin",{"$nulls":3},182]
["CP17453310421380000000183","C173258871030100000000072","P174533104211000000000286",4,"2025-04-23","00:00:00",null,"C","Y","admin",null,"admin",{"$nulls":3},183]
["CP17453310421380000000184","C173258871030100000000072","P174533104211000000000287",5,"2025-04-23","00:00:00",null,"C","Y","admin",null,"admin",{"$nulls":3},184]
["CP17453310421380000000185","C173258871030100000000072","P174533104211000000000288",6,"2025-04-23","00:00:00",null,"C","Y","admin",null,"admin",{"$nulls":3},185]
["CP17453310421380000000186","C173258871030100000000072","P174533104211000000000289",7,"2025-04-23","00:00:00",null,"C","Y","admin",null,"admin",{"$nulls":3},186]
["CP17453310421380000000187","C173258871030100000000072","P174533104211000000000290",8,"2025-04-23","00:00:00",null,"C","Y","admin",null,"admin",{"$nulls":3},187]
["CP17453310421380000000188","C173258871030100000000072","P174533104211000000000292",9,"2025-04-23","00:00:00",null,"C","Y","admin",null,"admin",{"$nulls":3},188]
["CP17453310421380000000189","C173258871030100000000072","P174533104211000000000293",10,"2025-04-23","00:00:00",null,"C","Y","admin",null,"admin",{"$nulls":3},189]
["CP17453310421380000000190","C173258871030100000000071","P174533104211000000000277",1,"2025-04-23","00:00:00",null,"C","Y","admin",null,"admin",{"$nulls":3},190]
["CP17453310421380000000191","C173258871030100000000071","P174533104211000000000278",2,"2025-04-23","00:00:00",null,"C","Y","admin",null,"admin",{"$nulls":3},191]
["CP17453310421380000000192","C173258871030100000000071","P174533104211000000000279",3,"2025-04-23","00:00:00",null,"C","Y","admin",null,"admin",{"$nulls":3},192]
["CP17453310421380000000193","C173258871030100000000071","P174533104211000000000280",4,"2025-04-23","00:00:00",null,"C","Y","admin",null,"admin",{"$nulls":3},193]
["CP17453310421380000000194","C173258871030100000000071","P174533104211000000000281",5,"2025-04-23","00:00:00",null,"C","Y","admin",null,"admin",{"$nulls":3},194]
["CP17453310421380000000195","C173258871030100000000071","P174533104211000000000282",6,"2025-04-23","00:00:00",null,"C","Y","admin",null,"admin",{"$nulls":3},195]
["CP17453310421380000000196","C173258871030100000000070","P174533104211000000000273",1,"2025-04-23","00:00:00",null,"C","Y","admin",null,"admin",{"$nulls":3},196]
["CP17453310421380000000197","C173258871030100000000070","P174533104211000000000274",2,"2025-04-23","00:00:00",null,"C","Y","admin",null,"admin",{"$nulls":3},197]
["CP17453310421380000000198","C173258871030100000000070","P174533104211000000000275",3,"2025-04-23","00:00:00",null,"C","Y","admin",null,"admin",{"$nulls":3},198]
["CP17453310421380000000199","C173258871030100000000070","P174533104211000000000276",4,"2025-04-23","00:00:00",null,"C","Y","admin",null,"admin",{"$nulls":3},199]
["CP17453310421380000000200","C173258871030100000000069","P174533104211000000000268",1,"2025-04-23","00:00:00",null,"C","Y","admin",null,"admin",{"$nulls":3},200]
["CP17453310421380000000201","C173258871030100000000069","P174533104211000000000269",2,"2025-04-23","00:00:00",null,"C","Y","admin",null,"admin",{"$nulls":3},201]
["CP17453310421380000000202","C173258871030100000000069","P174533104211000000000270",3,"2025-04-23","00:00:00",null,"C","Y","admin",null,"admin",{"$nulls":3},202]
["CP17453310421380000000203","C173258871030100000000069","P174533104211000000000271",4,"2025-04-23","00:00:00",null,"C","Y","admin",null,"admin",{"$nulls":3},203]
["CP17453310421380000000204","C173258871030100000000069","P174533104211000000000272",5,"2025-04-23","00:00:00",null,"C","Y","admin",null,"admin",{"$nulls":3},204]
["CP17453310421380000000205","C173258871030100000000068","P174533104211000000000267",1,"2025-04-23","00:00:00",null,"C","Y","admin",null,"admin",{"$nulls":3},205]
["CP17453310421380000000206","C173258871030100000000067","P174533104211000000000259",1,"2025-04-23","00:00:00",null,"C","Y","admin",null,"admin",{"$nulls":3},206]
["CP17453310421380000000207","C173258871030100000000067","P174533104211000000000260",2,"2025-04-23","00:00:00",null,"C","Y","admin",null,"admin",{"$nulls":3},207]
["CP17453310421380000000208","C173258871030100000000067","P174533104211000000000261",3,"2025-04-23","00:00:00",null,"C","Y","admin",null,"admin",{"$nulls":3},208]
["CP17453310421380000000209","C173258871030100000000067","P174533104211000000000262",4,"2025-04-23","00:00:00",null,"C","Y","admin",null,"admin",{"$nulls":3},209]
["CP17453310421380000000210","C173258871030100000000067","P174533104211000000000264",5,"2025-04-23","00:00:00",null,"C","Y","admin",null,"admin",{"$nulls":3},210]
["CP17453310421380000000211","C173258871030100000000067","P174533104211000000000265",6,"2025-04-23","00:00:00",null,"C","Y","admin",null,"admin",{"$nulls":3},211]
["CP17453310421380000000212","C173258871030100000000067","P174533104211000000000266",7,"2025-04-23","00:00:00",null,"C","Y","admin",null,"admin",{"$nulls":3},212]
["CP17453310421380000000213","C173258871030100000000066","P174533104211000000000256",1,"2025-04-23","00:00:00",null,"C","Y","admin",null,"admin",{"$nulls":3},213]
["CP17453310421380000000214","C173258871030100000000066","P174533104211000000000257",2,"2025-04-23","00:00:00",null,"C","Y","admin",null,"admin",{"$nulls":3},214]
["CP17453310421380000000215","C173258871030100000000066","P174533104211000000000258",3,"2025-04-23","00:00:00",null,"C","Y","admin",null,"admin",{"$nulls":3},215]
["CP17453310421380000000216","C173258871030100000000065","P174533104211000000000255",1,"2025-04-23","00:00:00",null,"C","Y","admin",null,"admin",{"$nulls":3},216]
["CP17453310421380000000217","C173258871030100000000064","P174533104211000000000241",1,"2025-04-23","00:00:00",null,"C","Y","admin",null,"admin",{"$nulls":3},217]
["CP17453310421380000000218","C173258871030100000000064","P174533104211000000000242",2,"2025-04-23","00:00:00",null,"C","Y","admin",null,"admin",{"$nulls":3},218]
["CP17453310421380000000219","C173258871030100000000064","P174533104211000000000243",3,"2025-04-23","00:00:00",null,"C","Y","admin",null,"admin",{"$nulls":3},219]
["CP17453310421380000000220","C173258871030100000000064","P174533104211000000000244",4,"2025-04-23","00:00:00",null,"C","Y","admin",null,"admin",{"$nulls":3},220]
["CP17453310421380000000221","C173258871030100000000063","P174533104211000000000239",1,"2025-04-23","00:00:00",null,"C","Y","admin",null,"admin",{"$nulls":3},221]
["CP17453310421380000000222","C173258871030100000000063","P174533104211000000000240",2,"2025-04-23","00:00:00",null,"C","Y","admin",null,"admin",{"$nulls":3},222]
["CP17453310421380000000223","C173258871030100000000062","P174533104211000000000228",1,"2025-04-23","00:00:00",null,"C","Y","admin",null,"admin",{"$nulls":3},223]
["CP17453310421380000000224","C173258871030100000000062","P174533104211000000000229",2,"2025-04-23","00:00:00",null,"C","Y","admin",null,"admin",{"$nulls":3},224]
["CP17453310421380000000225","C173258871030100000000061","P174533104211000000000222",1,"2025-04-23","00:00:00",null,"C","Y","admin",null,"admin",{"$nulls":3},225]
["CP17453310421380000000226","C173258871030100000000061","P174533104211000000000223",2,"2025-04-23","00:00:00",null,"C","Y","admin",null,"admin",{"$nulls":3},226]
["CP17453310421380000000227","C173258871030100000000061","P174533104211000000000224",3,"2025-04-23","00:00:00",null,"C","Y","admin",null,"admin",{"$nulls":3},227]
["CP17453310421380000000228","C173258871030100000000061","P174533104211000000000225",4,"2025-04-23","00:00:00",null,"C","Y","admin",null,"admin",{"$nulls":3},228]
["CP17453310421380000000229","C173258871030100000000061","P174533104211000000000226",5,"2025-04-23","00:00:00",null,"C","Y","admin",null,"admin",{"$nulls":3},229]
["CP17453310421380000000230","C173258871030100000000061","P174533104211000000000227",6,"2025-04-23","00:00:00",null,"C","Y","admin",null,"admin",{"$nulls":3},230]
["CP17453310421380000000231","C173258871030100000000060","P174533104211000000000221",1,"2025-04-23","00:00:00",null,"C","Y","admin",null,"admin",{"$nulls":3},231]
["CP17453310421380000000232","C173258871030100000000059","P174533104211000000000220",1,"2025-04-23","00:00:00",null,"C","Y","admin",null,"admin",{"$nulls":3},232]
["CP17453310421380000000233","C173258871030100000000058","P174533104211000000000201",1,"2025-04-23","00:00:00",null,"C","Y","admin",null,"admin",{"$nulls":3},233]
["CP17453310421380000000234","C173258871030100000000057","P174533104211000000000170",1,"2025-04-23","00:00:00",null,"C","Y","admin",null,"admin",{"$nulls":3},234]
["CP17453310421380000000235","C173258871030100000000057","P174533104211000000000171",{"$f":"IF(B66=B67,D66+1,1)","v":2},"2025-04-23","00:00:00",null,"C","Y","admin",null,"admin",{"$nulls":3},235]
["CP17453310421380000000236","C173258871030100000000057","P174533104211000000000172",3,"2025-04-23","00:00:00",null,"C","Y","admin",null,"admin",{"$nulls":3},236]
["CP17453310421380000000237","C173258871030100000000055","P174533104211000000000246",1,"2025-04-23","00:00:00",null,"C","Y","admin",null,"admin",{"$nulls":3},237]
["CP17453310421380000000238","C173258871030100000000055","P174533104211000000000247",2,"2025-04-23","00:00:00",null,"C","Y","admin",null,"admin",{"$nulls":3},238]
["CP17453310421380000000239","C173258871030100000000055","P174533104211000000000248",3,"2025-04-23","00:00:00",null,"C","Y","admin",null,"admin",{"$nulls":3},239]
["CP17453310421380000000240","C173258871030100000000055","P174533104211000000000249",4,"2025-04-23","00:00:00",null,"C","Y","admin",null,"admin",{"$nulls":3},240]
["CP17453310421380000000241","C173258871030100000000055","P174533104211000000000250",5,"2025-04-23","00:00:00",null,"C","Y","admin",null,"admin",{"$nulls":3},241]
["CP17453310421380000000242","C173258871030100000000055","P174533104211000000000251",6,"2025-04-23","00:00:00",null,"C","Y","admin",null,"admin",{"$nulls":3},242]
["CP17453310421380000000243","C173258871030100000000055","P174533104211000000000252",7,"2025-04-23","00:00:00",null,"C","Y","admin",null,"admin",{"$nulls":3},243]
["CP17453310421380000000244","C173258871030100000000055","P174533104211000000000253",8,"2025-04-23","00:00:00",null,"C","Y","admin",null,"admin",{"$nulls":3},244]
["CP17453310421380000000245","C173258871030100000000055","P174533104211000000000254",9,"2025-04-23","00:00:00",null,"C","Y","admin",null,"admin",{"$nulls":3},245]
["CP17453310421380000000246","C173258871030100000000055","P174533104211000000000295",10,"2025-04-23","00:00:00",null,"C","Y","admin",null,"admin",{"$nulls":3},246]
["CP17453310421380000000247","C173258871030100000000053","P174533104211000000000195",1,"2025-04-23","00:00:00",null,"C","Y","admin",null,"admin",{"$nulls":3},247]
["CP17453310421380000000248","C173258871030100000000052","P174533104211000000000185",1,"2025-04-23","00:00:00",null,"C","Y","admin",null,"admin",{"$nulls":3},248]
["CP17453310421380000000249","C173258871030100000000052","P174533104211000000000196",2,"2025-04-23","00:00:00",null,"C","Y","admin",null,"admin",{"$nulls":3},249]
["CP17453310421380000000250","C173258871030100000000052","P174533104211000000000197",3,"2025-04-23","00:00:00",null,"C","Y","admin",null,"admin",{"$nulls":3},250]
["CP17453310421380000000251","C173258871030100000000051","P174533104211000000000192",1,"2025-04-23","00:00:00",null,"C","Y","admin",null,"admin",{"$nulls":3},251]
["CP17453310421380000000252","C173258871030100000000051","P174533104211000000000193",2,"2025-04-23","00:00:00",null,"C","Y","admin",null,"admin",{"$nulls":3},252]
["CP17453310421380000000253","C173258871030100000000051","P174533104211000000000194",3,"2025-04-23","00:00:00",null,"C","Y","admin",null,"admin",{"$nulls":3},253]
["CP17453310421380000000254","C173258871030100000000050","P174533104211000000000203",1,"2025-04-23","00:00:00",null,"C","Y","admin",null,"admin",{"$nulls":3},254]
["CP17453310421380000000255","C173258871030100000000049","P174533104211000000000205",1,"2025-04-23","00:00:00",null,"C","Y","admin",null,"admin",{"$nulls":3},255]
["CP17453310421380000000256","C173258871030100000000049","P174533104211000000000206",2,"2025-04-23","00:00:00",null,"C","Y","admin",null,"admin",{"$nulls":3},256]
["CP17453310421380000000257","C173258871030100000000049","P174533104211000000000207",3,"2025-04-23","00:00:00",null,"C","Y","admin",null,"admin",{"$nulls":3},257]
["CP17453310421380000000258","C173258871030100000000049","P174533104211000000000208",4,"2025-04-23","00:00:00",null,"C","Y","admin",null,"admin",{"$nulls":3},258]
["CP17453310421380000000259","C173258871030100000000049","P174533104211000000000209",5,"2025-04-23","00:00:00",null,"C","Y","admin",null,"admin",{"$nulls":3},259]
["CP17453310421380000000260","C173258871030100000000048","P174533104211000000000212",1,"2025-04-23","00:00:00",null,"C","Y","admin",null,"admin",{"$nulls":3},260]
["CP17453310421380000000261","C173258871030100000000048","P174533104211000000000213",2,"2025-04-23","00:00:00",null,"C","Y","admin",null,"admin",{"$nulls":3},261]
["CP17453310421380000000262","C173258871030100000000048","P174533104211000000000214",3,"2025-04-23","00:00:00",null,"C","Y","admin",null,"admin",{"$nulls":3},262]
["CP17453310421380000000263","C173258871030100000000047","P174533104211000000000199",1,"2025-04-23","00:00:00",null,"C","Y","admin",null,"admin",{"$nulls":3},263]
["CP17453310421380000000264","C173258871030100000000047","P174533104211000000000200",2,"2025-04-23","00:00:00",null,"C","Y","admin",null,"admin",{"$nulls":3},264]
["CP17453310421380000000265","C173258871030100000000047","P174533104211000000000202",3,"2025-04-23","00:00:00",null,"C","Y","admin",null,"admin",{"$nulls":3},265]
["CP17453310421380000000266","C173258871030100000000046","P174533104211000000000184",1,"2025-04-23","00:00:00",null,"C","Y","admin",null,"admin",{"$nulls":3},266]
["CP17453310421380000000267","C173258871030100000000045","P174533104211000000000182",1,"2025-04-23","00:00:00",null,"C","Y","admin",null,"admin",{"$nulls":3},267]
["CP17453310421380000000268","C173258871030100000000045","P174533104211000000000183",2,"2025-04-23","00:00:00",null,"C","Y","admin",null,"admin",{"$nulls":3},268]
["CP17453310421380000000269","C173258871030100000000045","P174533104211000000000204",3,"2025-04-23","00:00:00",null,"C","Y","admin",null,"admin",{"$nulls":3},269]
["CP17453310421380000000270","C173258871030100000000044","P174533104211000000000179",1,"2025-04-23","00:00:00",null,"C","Y","admin",null,"admin",{"$nulls":3},270]
["CP17453310421380000000271","C173258871030100000000044","P174533104211000000000180",2,"2025-04-23","00:00:00",null,"C","Y","admin",null,"admin",{"$nulls":3},271]
["CP17453310421380000000272","C173258871030100000000044","P174533104211000000000181",3,"2025-04-23","00:00:00",null,"C","Y","admin",null,"admin",{"$nulls":3},272]
["CP17453310421380000000273","C173258871030100000000043","P174533104211000000000176",1,"2025-04-23","00:00:00",null,"C","Y","admin",null,"admin",{"$nulls":3},273]
["CP17453310421380000000274","C173258871030100000000043","P174533104211000000000177",2,"2025-04-23","00:00:00",null,"C","Y","admin",null,"admin",{"$nulls":3},274]
["CP17453310421380000000275","C173258871030100000000043","P174533104211000000000178",3,"2025-04-23","00:00:00",null,"C","Y","admin",null,"admin",{"$nulls":3},275]
["CP17453310421380000000276","C173258871030100000000042","P174533104211000000000186",1,"2025-04-23","00:00:00",null,"C","Y","admin",null,"admin",{"$nulls":3},276]
["CP17453310421380000000277","C173258871030100000000042","P174533104211000000000187",2,"2025-04-23","00:00:00",null,"C","Y","admin",null,"admin",{"$nulls":3},277]
["CP17453310421380000000278","C173258871030100000000042","P174533104211000000000190",3,"2025-04-23","00:00:00",null,"C","Y","admin",null,"admin",{"$nulls":3},278]
["CP17453310421380000000279","C173258871030100000000042","P174533104211000000000191",4,"2025-04-23","00:00:00",null,"C","Y","admin",null,"admin",{"$nulls":3},279]
["CP17453310421380000000280","C173258871030100000000041","P174533104211000000000173",1,"2025-04-23","00:00:00",null,"C","Y","admin",null,"admin",{"$nulls":3},280]
["CP17453310421380000000281","C173258871030100000000041","P174533104211000000000174",2,"2025-04-23","00:00:00",null,"C","Y","admin",null,"admin",{"$nulls":3},281]
["CP17453310421380000000282","C173258871030100000000041","P174533104211000000000175",3,"2025-04-23","00:00:00",null,"C","Y","admin",null,"admin",{"$nulls":3},282]
["CP17453310421380000000283","C173258871030100000000041","P174533104211000000000189",4,"2025-04-23","00:00:00",null,"C","Y","admin",null,"admin",{"$nulls":3},283]
["CP17453310421380000000284","C173258871030100000000040","P174533104211000000000188",1,"2025-04-23","00:00:00",null,"C","Y","admin",null,"admin",{"$nulls":3},284]
["CP17453310421380000000285","C173258871030100000000039","P174533104211000000000210",1,"2025-04-23","00:00:00",null,"C","Y","admin",null,"admin",{"$nulls":3},285]
["CP17453310421380000000286","C173258871030100000000039","P174533104211000000000211",2,"2025-04-23","00:00:00",null,"C","Y","admin",null,"admin",{"$nulls":3},286]
["CP17453310421380000000287","C173258871030100000000039","P174533104211000000000230",3,"2025-04-23","00:00:00",null,"C","Y","admin",null,"admin",{"$nulls":3},287]
["CP17453310421380000000288","C173258871030100000000039","P174533104211000000000231",4,"2025-04-23","00:00:00",null,"C","Y","admin",null,"admin",{"$nulls":3},288]
["CP17453310421380000000289","C173258871030100000000039","P174533104211000000000232",5,"2025-04-23","00:00:00",null,"C","Y","admin",null,"admin",{"$nulls":3},289]
["CP17453310421380000000290","C173258871030100000000039","P174533104211000000000233",6,"2025-04-23","00:00:00",null,"C","Y","admin",null,"admin",{"$nulls":3},290]
["CP17453310421380000000291","C173258871030100000000039","P174533104211000000000234",7,"2025-04-23","00:00:00",null,"C","Y","admin",null,"admin",{"$nulls":3},291]
["CP17453310421380000000292","C173258871030100000000039","P174533104211000000000235",8,"2025-04-23","00:00:00",null,"C","Y","admin",null,"admin",{"$nulls":3},292]
["CP17453310421380000000293","C173258871030100000000039","P174533104211000000000236",9,"2025-04-23","00:00:00",null,"C","Y","admin",null,"admin",{"$nulls":3},293]
["CP17453310421380000000294","C173258871030100000000039","P174533104211000000000237",10,"2025-04-23","00:00:00",null,"C","Y","admin",null,"admin",{"$nulls":3},294]
["CP17453310421380000000295","C173258871030100000000039","P174533104211000000000238",11,"2025-04-23","00:00:00",null,"C","Y","admin",null,"admin",{"$nulls":3},295]

{"sheet":"25'03월 (2)","index":2,"n_rows":132,"n_cols":20,"rows_kept":132,"merged":[[1,2,2,2],[1,3,2,3],[1,4,1,6],[1,7,1,9],[1,10,1,12],[1,13,1,15],[1,16,1,18],[1,19,2,19],[3,3,20,3],[15,1,16,1],[19,1,20,1],[21,3,24,3],[23,1,24,1],[25,3,31,3],[29,1,30,1],[32,3,37,3],[38,1,39,1],[38,3,46,3],[40,1,41,1],[47,3,51,3],[120,1,121,1]]}
[]
[null,"제품명","거래처","구분","이월",null,null,"입고",null,null,"실사용",null,null,"과부족",null,null,"실재 재고",null,null,"사유"]
[{"$nulls":4},"단가","수량","금액","단가","수량","입고금액","단가","수량","사용금액","단가","수량","사용금액","단가","수량","재고금액"]
[null,"채움프리미엄 1",null,"필러",{"v":18000,"d":"18,000"},16,{"$f":"+E4*F4","v":{"v":288000,"d":"288,000"}},null,null,{"$f":"+H4*I4","v":0},null,null,{"$f":"+K4*L4","v":0},null,null,{"$f":"+N4*O4","v":0},{"$f":"+E4","v":{"v":18000,"d":"18,000"}},{"$f":"+F4+I4-L4+O4","v":{"v":16,"d":"16.0"}},{"$f":"+Q4*R4","v":{"v":288000,"d":"288,000"}}]
[null,"체움프리미엄 2",null,null,{"v":18000,"d":"18,000"},23,{"$f":"+E5*F5","v":{"v":414000,"d":"414,000"}},null,null,0,null,null,0,null,null,0,{"$f":"+E5","v":{"v":18000,"d":"18,000"}},{"$f":"+F5+I5-L5+O5","v":{"v":23,"d":"23.0"}},{"v":414000,"d":"414,000"}]
[null,"채움프리미엄 3",null,null,{"v":18000,"d":"18,000"},25,{"v":450000,"d":"450,000"},null,null,0,null,null,0,null,null,0,{"v":18000,"d":"18,000"},{"v":25,"d":"25.0"},{"v":450000,"d":"450,000"}]
[null,"뉴라미스라이트",null,null,{"v":14000,"d":"14,000"},24,{"v":336000,"d":"336,000"},null,null,0,null,null,0,null,null,0,{"v":14000,"d":"14,000"},{"v":24,"d":"24.0"},{"v":336000,"d":"336,000"}]
[null,"뉴라미스리도카인",null,null,{"v":18000,"d":"18,000"},20,{"v":360000,"d":"360,000"},null,null,0,null,null,0,null,null,0,{"v":18000,"d":"18,000"},{"v":20,"d":"20.0"},{"v":360000,"d":"360,000"}]
[null,"뉴라미스볼륨",null,null,{"v":18000,"d":"18,000"},11,{"v":198000,"d":"198,000"},null,null,0,null,null,0,null,null,0,{"v":18000,"d":"18,000"},{"v":11,"d":"11.0"},{"v":198000,"d":"198,000"}]
[null,"쥬비덤 볼벨라",null,null,{"v":130164,"d":"130,164"},18,{"v":2342952,"d":"2,342,952"},null,null,0,null,null,0,null,null,0,{"$f":"+E10","v":{"v":130164,"d":"130,164"}},{"v":18,"d":"18.0"},{"v":2342952,"d":"2,342,952"}]
[null,"쥬비덤 볼리프트",null,null,{"v":130164.1,"d":"130,164"},27,{"v":3514430.7,"d":"3,514,431"},null,null,0,null,null,0,null,null,0,{"$f":"+E11","v":{"v":130164.1,"d":"130,164"}},{"v":27,"d":"27.0"},{"v":3514430.7,"d":"3,514,431"}]
[null,"쥬비덤 볼루마",null,null,{"v":130164,"d":"130,164"},36,{"v":4685904,"d":"4,685,904"},null,null,0,null,null,0,null,null,0,{"$f":"+E12","v":{"v":130164,"d":"130,164"}},{"v":36,"d":"36.0"},{"v":4685904,"d":"4,685,904"}]
[null,"레스틸렌비탈",null,null,{"v":115500,"d":"115,500"},9,{"v":1039500,"d":"1,039,500"},null,null,0,null,null,0,null,null,0,{"v":115500,"d":"115,500"},{"v":9,"d":"9.0"},{"v":1039500,"d":"1,039,500"}]
[null,"레스틸렌리파인",null,null,{"v":110000,"d":"110,000"},18,{"v":1980000,"d":"1,980,000"},null,null,0,null,null,0,null,null,0,{"v":110000,"d":"110,000"},{"v":18,"d":"18.0"},{"v":1980000,"d":"1,980,000"}]
[null,"레스틸렌디파인",null,null,{"v":110000,"d":"110,000"},15,{"v":1650000,"d":"1,650,000"},null,null,0,null,null,0,null,null,0,{"v":110000,"d":"110,000"},{"v":15,"d":"15.0"},{"v":1650000,"d":"1,650,000"}]
[null,"엘란쎄M",null,null,{"v":211747,"d":"211,747"},32,{"v":6775904,"d":"6,775,904"},null,null,0,null,null,{"$f":"+K16*L16","v":0},null,null,0,{"$f":"+E16","v":{"v":211747,"d":"211,747"}},{"v":32,"d":"32.0"},{"v":6775904,"d":"6,775,904"}]
[{"$nulls":4},{"v":211612.52,"d":"211,613"},120,{"v":25393502.4,"d":"25,393,502"},null,null,0,{"$nulls":6},{"$f":"+E17","v":{"v":211612.52,"d":"211,613"}},{"v":120,"d":"120.0"},{"v":25393502.4,"d":"25,393,502"}]
[null,"스컬트라",null,null,{"v":242000,"d":"242,000"},40,{"v":9680000,"d":"9,680,000"},null,null,0,null,null,0,null,null,0,{"v":242000,"d":"242,000"},{"v":40,"d":"40.0"},{"v":9680000,"d":"9,680,000"}]
[null,"쥬베룩볼륨",null,null,{"v":110000,"d":"110,000"},12,{"v":1320000,"d":"1,320,000"},null,null,0,null,null,0,null,null,0,{"v":110000,"d":"110,000"},{"v":12,"d":"12.0"},{"v":1320000,"d":"1,320,000"}]
[null,"벨로테로소프트",null,null,{"v":91000,"d":"91,000"},55,{"v":5005000,"d":"5,005,000"},null,null,0,null,null,0,null,null,0,{"v":91000,"d":"91,000"},{"v":55,"d":"55.0"},{"v":5005000,"d":"5,005,000"}]
[{"$nulls":4},{"v":82727,"d":"82,727"},3,{"v":248181,"d":"248,181"},null,null,0,null,null,0,null,null,0,{"v":82727,"d":"82,727"},{"v":3,"d":"3.0"},{"v":248181,"d":"248,181"}]
[null,"리즈톡스",null,"보톡스",{"v":25000,"d":"25,000"},54,{"v":1350000,"d":"1,350,000"},null,null,0,null,null,0,null,null,0,{"v":25000,"d":"25,000"},{"v":54,"d":"54.0"},{"v":1350000,"d":"1,350,000"}]
[null,"코어톡스",null,null,{"v":33000,"d":"33,000"},37,{"v":1221000,"d":"1,221,000"},null,null,0,null,null,0,null,null,0,{"v":33000,"d":"33,000"},{"$f":"+F23+I23-L23+O23","v":{"v":37,"d":"37.0"}},{"v":1221000,"d":"1,221,000"}]
[null,"제오민",null,null,{"v":110000,"d":"110,000"},13,{"v":1430000,"d":"1,430,000"},null,null,0,null,null,0,null,null,0,{"v":110000,"d":"110,000"},{"v":13,"d":"13.0"},{"v":1430000,"d":"1,430,000"}]
[{"$nulls":4},{"v":120000,"d":"120,000"},30,{"v":3600000,"d":"3,600,000"},null,null,0,{"$nulls":6},{"v":120000,"d":"120,000"},{"v":30,"d":"30.0"},{"v":3600000,"d":"3,600,000"}]
[null,"리쥬란아이",null,"스킨부스터",{"v":52923,"d":"52,923"},25,{"v":1323075,"d":"1,323,075"},null,null,0,null,null,0,null,null,0,{"v":52923,"d":"52,923"},{"v":25,"d":"25.0"},{"v":1323075,"d":"1,323,075"}]
[null,"리쥬란",null,null,{"v":94430,"d":"94,430"},126,{"v":11898180,"d":"11,898,180"},null,null,0,null,null,0,null,null,0,{"v":94430,"d":"94,430"},{"v":126,"d":"126.0"},{"v":11898180,"d":"11,898,180"}]
[null,"리쥬란HB",null,null,{"v":55377,"d":"55,377"},51,{"v":2824227,"d":"2,824,227"},null,null,0,null,null,0,null,null,0,{"v":55377,"d":"55,377"},51,{"v":2824227,"d":"2,824,227"}]
[null,"샤넬",null,null,{"v":55648,"d":"55,648"},81,{"v":4507488,"d":"4,507,488"},null,null,0,null,null,0,null,null,0,{"v":55648,"d":"55,648"},{"v":81,"d":"81.0"},{"v":4507488,"d":"4,507,488"}]
[null,"쥬베룩",null,null,{"v":100000,"d":"100,000"},16,{"v":1600000,"d":"1,600,000"},null,null,0,null,null,0,null,null,0,{"v":100000,"d":"100,000"},{"v":16,"d":"16.0"},{"v":1600000,"d":"1,600,000"}]
[{"$nulls":4},{"v":121000,"d":"121,000"},50,{"v":6050000,"d":"6,050,000"},null,null,0,{"$nulls":5},0,{"v":121000,"d":"121,000"},{"v":50,"d":"50.0"},{"v":6050000,"d":"6,050,000"}]
[null,"하이주",null,null,{"v":9616,"d":"9,616"},52,{"v":500032,"d":"500,032"},null,null,0,null,null,0,null,null,0,{"v":9616,"d":"9,616"},{"v":52,"d":"52.0"},{"v":500032,"d":"500,032"}]
[null,"하이코(4cm)",null,"실리프팅",{"v":4950,"d":"4,950"},84,{"v":415800,"d":"415,800"},null,null,0,null,null,0,null,null,0,{"v":4950,"d":"4,950"},{"v":84,"d":"84.0"},{"v":415800,"d":"415,800"}]
[null,"메이드코(6cm)",null,null,{"v":4950,"d":"4,950"},20,{"v":99000,"d":"99,000"},null,null,0,null,null,0,null,null,0,{"v":4950,"d":"4,950"},{"v":20,"d":"20.0"},{"v":99000,"d":"99,000"}]
[null,"오메가",null,null,{"v":5500,"d":"5,500"},188,{"v":1034000,"d":"1,034,000"},null,null,0,null,null,0,null,null,0,{"v":5500,"d":"5,500"},{"v":188,"d":"188.0"},{"v":1034000,"d":"1,034,000"}]
[null,"울트라V",null,null,550,960,{"v":528000,"d":"528,000"},null,null,0,null,null,0,null,null,0,550,{"v":960,"d":"960.0"},{"v":528000,"d":"528,000"}]
[null,"민트쁘띠",null,null,{"v":9000,"d":"9,000"},168,{"v":1512000,"d":"1,512,000"},null,null,0,null,null,0,null,null,0,{"v":9000,"d":"9,000"},{"v":168,"d":"168.0"},{"v":1512000,"d":"1,512,000"}]
[null,"실루엣8콘",null,null,{"v":107250,"d":"107,250"},28,{"v":3003000,"d":"3,003,000"},null,null,0,null,null,0,null,null,0,{"v":107250,"d":"107,250"},{"v":28,"d":"28.0"},{"v":3003000,"d":"3,003,000"}]
[null,"울쎄라-DS 10-1.5N",null,"레이저",{"v":1271,"d":"1,271"},{"v":1106,"d":"1,106"},{"v":1405726,"d":"1,405,726"},null,null,0,null,null,0,null,null,0,{"v":1271,"d":"1,271"},{"$f":"+F39+I39-L39+O39","v":{"v":1106,"d":"1,106.0"}},{"v":1405726,"d":"1,405,726"}]
[{"$nulls":4},{"v":1121,"d":"1,121"},{"v":12000,"d":"12,000"},{"v":13452000,"d":"13,452,000"},null,null,0,{"$nulls":6},{"v":1121,"d":"1,121"},{"$f":"+F40+I40-L40+O40","v":{"v":12000,"d":"12,000.0"}},{"v":13452000,"d":"13,452,000"}]
[null,"울쎄라-DS 7-3.0",null,null,{"v":1121,"d":"1,121"},{"v":1419,"d":"1,419"},{"v":1590699,"d":"1,590,699"},null,null,0,null,null,0,null,null,0,{"v":1121,"d":"1,121"},{"$f":"+F41+I41-L41+O41","v":{"v":1419,"d":"1,419.0"}},{"v":1590699,"d":"1,590,699"}]
[{"$nulls":4},{"v":1145.9,"d":"1,146"},{"v":12000,"d":"12,000"},{"v":13750800.000000002,"d":"13,750,800"},null,null,0,{"$nulls":6},{"v":1145.9,"d":"1,146"},{"$f":"+F42+I42-L42+O42","v":{"v":12000,"d":"12,000.0"}},{"v":13750800.000000002,"d":"13,750,800"}]
[null,"울쎄라-DS 4-4.5",null,null,{"v":1145.9,"d":"1,146"},{"v":98243,"d":"98,243"},{"v":112576653.7,"d":"112,576,654"},null,null,0,null,null,0,null,null,0,{"v":1145.9,"d":"1,146"},{"$f":"+F43+I43-L43+O43","v":{"v":98243,"d":"98,243.0"}},{"v":112576653.7,"d":"112,576,654"}]
[null,"울핏6.0",null,null,22,{"v":67892,"d":"67,892"},{"v":1493624,"d":"1,493,624"},null,null,0,null,null,0,null,null,0,22,{"v":67892,"d":"67,892.0"},{"v":1493624,"d":"1,493,624"}]
[null,"울핏9.0",null,null,22,{"v":69660,"d":"69,660"},{"v":1532520,"d":"1,532,520"},null,null,0,null,null,0,null,null,0,22,{"v":69660,"d":"69,660.0"},{"v":1532520,"d":"1,532,520"}]
[null,"써마지 FLX 600샷",null,null,0,0,0,null,null,0,null,null,0,{"$nulls":3},0,0,0]
[null,"써마지 FLX 600샷",null,null,{"v":960000,"d":"960,000"},18,{"v":17280000,"d":"17,280,000"},null,null,0,null,null,0,{"$nulls":3},{"v":960000,"d":"960,000"},{"v":18,"d":"18.0"},{"v":17280000,"d":"17,280,000"}]
[null,"멀티블루",null,null,{"v":8800,"d":"8,800"},19,{"v":167200,"d":"167,200"},null,null,0,null,null,0,null,null,0,{"v":8800,"d":"8,800"},{"v":19,"d":"19.0"},{"v":167200,"d":"167,200"}]
[null,"아르기닌",null,null,{"v":20000,"d":"20,000"},16,{"v":320000,"d":"320,000"},null,null,0,null,null,0,null,null,0,{"v":20000,"d":"20,000"},{"v":16,"d":"16.0"},{"v":320000,"d":"320,000"}]
[null,"BSC-30",null,null,{"v":170000,"d":"170,000"},3,{"v":510000,"d":"510,000"},null,null,0,null,null,0,null,null,0,{"v":170000,"d":"170,000"},{"v":3,"d":"3.0"},{"v":510000,"d":"510,000"}]
[null,"BSC-60",null,null,{"v":350000,"d":"350,000"},6,{"v":2100000,"d":"2,100,000"},null,null,0,null,null,0,null,null,0,{"v":350000,"d":"350,000"},{"v":6,"d":"6.0"},{"v":2100000,"d":"2,100,000"}]
[null,"BSC-120",null,null,{"v":600000,"d":"600,000"},3,{"v":1800000,"d":"1,800,000"},null,null,0,null,null,0,null,null,0,{"v":600000,"d":"600,000"},{"v":3,"d":"3.0"},{"v":1800000,"d":"1,800,000"}]
[null,null,"소계",{"$nulls":3},{"$f":"SUM(G4:G52)","v":{"v":276556398.8,"d":"276,556,399"}},null,null,{"$f":"SUM(J4:J52)","v":0},null,null,{"$f":"SUM(M4:M52)","v":0},{"$f":"+K53","v":0},null,{"$f":"SUM(P4:P52)","v":0},null,null,{"$f":"SUM(S4:S52)","v":{"v":276556398.8,"d":"276,556,399"}}]
[null,"NDA플러스","유벤타헬스케어",null,{"v":15400,"d":"15,400"},55,{"$f":"+E54*F54","v":{"v":847000,"d":"847,000"}},null,null,{"$f":"+H54*I54","v":0},{"v":15400,"d":"15,400"},0,{"$f":"+K54*L54","v":0},{"v":15400,"d":"15,400"},null,{"$f":"+N54*O54","v":0},{"$f":"+E54","v":{"v":15400,"d":"15,400"}},{"$f":"+F54+I54-L54+O54","v":{"v":55,"d":"55.0"}},{"$f":"+Q54*R54","v":{"v":847000,"d":"847,000"}}]
[null,"큐티셀","에스테팜",null,{"v":33000,"d":"33,000"},24,{"v":792000,"d":"792,000"},null,null,0,{"v":33000,"d":"33,000"},0,0,{"v":33000,"d":"33,000"},null,0,{"v":33000,"d":"33,000"},{"v":24,"d":"24.0"},{"v":792000,"d":"792,000"}]
[null,"N-25","제이시스",null,{"v":33000,"d":"33,000"},14,{"v":462000,"d":"462,000"},{"v":33000,"d":"33,000"},15,{"v":495000,"d":"495,000"},{"v":33000,"d":"33,000"},{"v":19,"d":"19.0"},{"v":627000,"d":"627,000"},null,null,0,{"v":33000,"d":"33,000.0"},{"v":10,"d":"10.0"},{"v":330000,"d":"330,000"},"DIA팁 교환건"]
[null,"I-25","제이시스",null,{"v":33000,"d":"33,000"},7,{"v":231000,"d":"231,000"},null,null,0,{"v":33000,"d":"33,000"},{"v":1,"d":"1.0"},{"v":33000,"d":"33,000"},{"v":33000,"d":"33,000"},null,0,{"v":33000,"d":"33,000.0"},{"v":6,"d":"6.0"},{"v":198000,"d":"198,000"}]
[null,"CP-25","제이시스",null,{"v":49000,"d":"49,000"},38,{"v":1862000,"d":"1,862,000"},{"v":49000,"d":"49,000"},20,{"v":980000,"d":"980,000"},{"v":49000,"d":"49,000"},{"v":26,"d":"26.0"},{"v":1274000,"d":"1,274,000"},{"v":49000,"d":"49,000"},null,0,{"v":49000,"d":"49,000.0"},{"v":32,"d":"32.0"},{"v":1568000,"d":"1,568,000"},"DIA팁 교환건"]
[null,"DDR","제이시스",null,44,{"v":7954,"d":"7,954"},{"v":349976,"d":"349,976"},null,null,0,44,0,0,null,null,0,{"v":44,"d":"44.0"},{"v":7954,"d":"7,954.0"},{"v":349976,"d":"349,976"}]
[null,"DIA","제이시스",null,165,{"v":10901,"d":"10,901"},{"v":1798665,"d":"1,798,665"},null,null,0,165,{"v":9000,"d":"9,000.0"},{"v":1485000,"d":"1,485,000"},165,null,0,165,{"v":1901,"d":"1,901.0"},{"v":313665,"d":"313,665"},"팁 교환 (CP25-20개 , N25-15개)"]
[null,"포텐자 젤(s.v)","제이시스",null,0,4,0,null,null,0,0,0,0,null,null,0,0,{"v":4,"d":"4.0"},0]
[null,"듀엣써마지 팁","은성메디컬",null,11,{"v":3153,"d":"3,153"},{"v":34683,"d":"34,683"},null,null,0,11,{"v":300,"d":"300.0"},{"v":3300,"d":"3,300"},11,null,0,11,{"v":2853,"d":"2,853.0"},{"v":31383,"d":"31,383"}]
[null,"듀엣써마지 패드","은성메디컬",null,{"v":5500,"d":"5,500"},19,{"v":104500,"d":"104,500"},null,null,0,{"v":5500,"d":"5,500"},0,0,{"v":5500,"d":"5,500"},null,0,{"v":5500,"d":"5,500"},{"v":19,"d":"19.0"},{"v":104500,"d":"104,500"}]
[null,"슈링크U L-4.5(2만)","㈜클래시스",null,110,{"v":48505,"d":"48,505"},{"v":5335550,"d":"5,335,550"},110,{"v":40200,"d":"40,200"},{"v":4400000,"d":"4,400,000"},110,{"v":42713,"d":"42,713.0"},{"$f":"+K64*L64","v":{"v":4698430,"d":"4,698,430"}},null,null,0,110,{"v":45992,"d":"45,992.0"},{"v":5059120,"d":"5,059,120"},"단가변경"]
[null,"슈링크U C-3.0(2만)","㈜클래시스",null,110,{"v":45443,"d":"45,443"},{"v":4998730,"d":"4,998,730"},null,null,0,110,{"v":13154,"d":"13,154.0"},{"v":1446940,"d":"1,446,940"},null,null,0,110,{"v":32289,"d":"32,289.0"},{"v":3551790,"d":"3,551,790"}]
[null,"슈링크U I-.2.0(2만)","㈜클래시스",null,110,{"v":11690,"d":"11,690"},{"v":1285900,"d":"1,285,900"},null,null,0,110,0,0,110,null,0,110,{"v":11690,"d":"11,690.0"},{"v":1285900,"d":"1,285,900"}]
[null,"슈링크B L-.4.5","㈜클래시스",null,87,{"v":3682,"d":"3,682"},{"v":320334,"d":"320,334"},null,null,0,87,0,{"$f":"+K67*L67","v":0},87,null,0,87,{"v":3682,"d":"3,682.0"},{"v":320334,"d":"320,334"}]
[null,"슈링크B D-1.5","㈜클래시스",null,87,{"v":1527,"d":"1,527"},{"v":132849,"d":"132,849"},null,null,0,87,0,{"$f":"+K68*L68","v":0},87,null,0,87,{"v":1527,"d":"1,527.0"},{"v":132849,"d":"132,849"}]
[null,"슈링크B L-4.5(2만)","㈜클래시스",null,87,0,0,null,null,0,87,0,0,87,null,0,87,0,0]
[null,"슈링크B C-3.0(2만)","㈜클래시스",null,87,{"v":15570,"d":"15,570"},{"v":1354590,"d":"1,354,590"},null,null,0,87,0,0,87,null,0,87,{"v":15570,"d":"15,570.0"},{"v":1354590,"d":"1,354,590"}]
[null,"슈링크B D-1.5(2만)","㈜클래시스",null,87,0,0,null,null,0,87,0,0,87,null,0,87,0,0]
[null,"GT38앰플","㈜클래시스",null,{"v":5000,"d":"5,000"},34,{"v":170000,"d":"170,000"},null,null,0,{"v":5000,"d":"5,000"},0,0,{"v":5000,"d":"5,000"},null,0,{"v":5000,"d":"5,000"},{"v":34,"d":"34.0"},{"v":170000,"d":"170,000"}]
[null,"더블로M7","하이로닉",null,104,{"v":12513,"d":"12,513"},{"v":1301352,"d":"1,301,352"},null,null,0,104,0,0,104,null,{"$f":"+N73*O73","v":0},104,{"v":12513,"d":"12,513.0"},{"v":1301352,"d":"1,301,352"}]
[null,"더블러D4","하이로닉",null,104,721,{"v":74984,"d":"74,984"},null,null,0,104,0,0,104,null,{"$f":"+N74*O74","v":0},104,{"v":721,"d":"721.0"},{"v":74984,"d":"74,984"}]
[null,"라라필 폼클렌져","에이치투메디",null,{"v":29700,"d":"29,700"},1,{"v":29700,"d":"29,700"},null,null,0,{"v":29700,"d":"29,700"},{"v":1,"d":"1.0"},{"v":29700,"d":"29,700"},{"v":29700,"d":"29,700"},null,{"$f":"+N75*O75","v":0},{"v":29700,"d":"29,700"},0,0]
[null,"라라필 1제","에이치투메디",null,{"v":55000,"d":"55,000"},2,{"v":110000,"d":"110,000"},null,null,0,{"v":55000,"d":"55,000"},0,0,null,null,0,{"v":55000,"d":"55,000"},{"v":2,"d":"2.0"},{"v":110000,"d":"110,000"}]
[null,"라라필 2제","에이치투메디",null,{"v":55000,"d":"55,000"},4,{"v":220000,"d":"220,000"},null,null,0,{"v":55000,"d":"55,000"},0,0,null,null,0,{"v":55000,"d":"55,000"},{"v":4,"d":"4.0"},{"v":220000,"d":"220,000"}]
[null,"라라필 마스크팩","에이치투메디",null,{"v":4125,"d":"4,125"},37,{"v":152625,"d":"152,625"},null,null,0,{"v":4125,"d":"4,125"},{"v":6,"d":"6.0"},{"v":24750,"d":"24,750"},null,null,0,{"v":4125,"d":"4,125"},{"v":31,"d":"31.0"},{"v":127875,"d":"127,875"}]
[null,"라라젯 x로션 ","㈜엠제이메디컬",null,{"v":55000,"d":"55,000"},3,{"v":165000,"d":"165,000"},null,null,0,{"v":55000,"d":"55,000"},0,0,null,null,0,{"v":55000,"d":"55,000"},{"v":3,"d":"3.0"},{"v":165000,"d":"165,000"}]
[null,"라라젯 s1","㈜엠제이메디컬",null,{"v":55000,"d":"55,000"},1,{"v":55000,"d":"55,000"},null,null,0,{"v":55000,"d":"55,000"},0,0,{"v":55000,"d":"55,000"},null,0,{"v":55000,"d":"55,000"},{"v":1,"d":"1.0"},{"v":55000,"d":"55,000"}]
[null,"라라젯 s2","㈜엠제이메디컬",null,{"v":55000,"d":"55,000"},3,{"v":165000,"d":"165,000"},null,null,0,{"v":55000,"d":"55,000"},0,0,{"v":55000,"d":"55,000"},null,0,{"v":55000,"d":"55,000"},{"v":3,"d":"3.0"},{"v":165000,"d":"165,000"}]
[null,"라라젯 s3","㈜엠제이메디컬",null,{"v":55000,"d":"55,000"},1,{"v":55000,"d":"55,000"},null,null,0,{"v":55000,"d":"55,000"},0,0,{"v":55000,"d":"55,000"},null,0,{"v":55000,"d":"55,000"},{"v":1,"d":"1.0"},{"v":55000,"d":"55,000"}]
[null,"라라젯 팁","㈜엠제이메디컬",null,{"v":2750,"d":"2,750"},39,{"v":107250,"d":"107,250"},null,null,0,{"v":2750,"d":"2,750"},{"v":11,"d":"11.0"},{"v":30250,"d":"30,250"},null,null,0,{"v":2750,"d":"2,750"},{"v":28,"d":"28.0"},{"v":77000,"d":"77,000"}]
[null,"아쿠아필S1","㈜엠제이메디컬",null,{"v":11000,"d":"11,000"},10,{"v":110000,"d":"110,000"},{"v":11000,"d":"11,000"},10,{"v":110000,"d":"110,000"},{"v":11000,"d":"11,000"},14,{"v":154000,"d":"154,000"},{"v":11000,"d":"11,000"},null,0,{"v":11000,"d":"11,000"},{"v":6,"d":"6.0"},{"v":66000,"d":"66,000"}]
[null,"아쿠아필S2","㈜엠제이메디컬",null,{"v":11000,"d":"11,000"},15,{"v":165000,"d":"165,000"},{"v":11000,"d":"11,000"},5,{"v":55000,"d":"55,000"},{"v":11000,"d":"11,000"},14,{"v":154000,"d":"154,000"},{"v":11000,"d":"11,000"},null,0,{"v":11000,"d":"11,000"},{"v":6,"d":"6.0"},{"v":66000,"d":"66,000"}]
[null,"아쿠아필S3","㈜엠제이메디컬",null,{"v":11000,"d":"11,000"},9,{"v":99000,"d":"99,000"},{"v":11000,"d":"11,000"},5,{"v":55000,"d":"55,000"},{"v":11000,"d":"11,000"},11,{"v":121000,"d":"121,000"},{"v":11000,"d":"11,000"},null,0,{"v":11000,"d":"11,000"},{"v":3,"d":"3.0"},{"v":33000,"d":"33,000"}]
[null,"디아지팁(인트라셀)","㈜엠제이메디컬",null,{"v":22000,"d":"22,000"},15,{"v":330000,"d":"330,000"},null,null,0,{"v":22000,"d":"22,000"},{"v":4,"d":"4.0"},{"v":88000,"d":"88,000"},{"v":22000,"d":"22,000"},null,0,{"v":22000,"d":"22,000"},{"v":11,"d":"11.0"},{"v":242000,"d":"242,000"}]
[null,"PDT","㈜엠제이메디컬",null,{"v":14850,"d":"14,850"},29,{"v":430650,"d":"430,650"},null,null,0,{"v":14850,"d":"14,850"},0,0,{"v":14850,"d":"14,850"},null,0,{"v":14850,"d":"14,850"},{"v":29,"d":"29.0"},{"v":430650,"d":"430,650"}]
[null,"골드PTT","원진메디팜",null,{"v":29333,"d":"29,333"},23,{"v":674659,"d":"674,659"},null,null,0,{"v":29333,"d":"29,333"},{"v":8,"d":"8.0"},{"v":234664,"d":"234,664.0"},{"v":29333,"d":"29,333"},null,0,{"v":29333,"d":"29,333"},{"v":15,"d":"15.0"},{"v":439995,"d":"439,995"}]
[null,"산소필1-젤","더메스테릭스",null,{"v":75000,"d":"75,000"},1,{"v":75000,"d":"75,000"},null,null,0,{"v":75000,"d":"75,000"},0,0,{"v":75000,"d":"75,000"},null,0,{"v":75000,"d":"75,000"},{"v":1,"d":"1.0"},{"v":75000,"d":"75,000"}]
[null,"산소필2-젤","더메스테릭스",null,{"v":75000,"d":"75,000"},0,0,null,null,0,{"v":75000,"d":"75,000"},0,0,{"v":75000,"d":"75,000"},null,0,{"v":75000,"d":"75,000"},0,0]
[null,"비타민C파우더","더메스테릭스",null,{"v":89000,"d":"89,000"},0,0,null,null,0,{"v":89000,"d":"89,000"},0,0,{"v":89000,"d":"89,000"},null,0,{"v":89000,"d":"89,000"},0,0]
[null,"씨위드 크림팩","쎄라덤",null,{"v":44000,"d":"44,000"},1,{"v":44000,"d":"44,000"},null,null,0,{"v":44000,"d":"44,000"},0,0,{"v":44000,"d":"44,000"},null,0,{"v":44000,"d":"44,000"},{"v":1,"d":"1.0"},{"v":44000,"d":"44,000"}]
[null,"아세로라크림팩","쎄라덤",null,{"v":44000,"d":"44,000"},1,{"v":44000,"d":"44,000"},null,null,0,{"v":44000,"d":"44,000"},0,0,{"v":44000,"d":"44,000"},null,0,{"v":44000,"d":"44,000"},{"v":1,"d":"1.0"},{"v":44000,"d":"44,000"}]
[null,"야쥴렌크림팩","쎄라덤",null,{"v":44000,"d":"44,000"},0,0,null,null,0,{"v":44000,"d":"44,000"},0,0,{"v":44000,"d":"44,000"},null,0,{"v":44000,"d":"44,000"},0,0]
[null,"캄퍼크림팩","쎄라덤",null,{"v":44000,"d":"44,000"},0,0,null,null,0,{"v":44000,"d":"44,000"},0,0,{"v":44000,"d":"44,000"},null,0,{"v":44000,"d":"44,000"},0,0]
[null,"블랙필","쎄라덤",null,{"v":73333,"d":"73,333"},3,{"v":219999,"d":"219,999"},null,null,0,{"v":73333,"d":"73,333"},0,0,{"v":73333,"d":"73,333"},null,0,{"v":73333,"d":"73,333"},{"v":3,"d":"3.0"},{"v":219999,"d":"219,999"}]
[null,"그린티중화제","쎄라덤",null,{"v":27500,"d":"27,500"},2,{"v":55000,"d":"55,000"},null,null,0,{"v":27500,"d":"27,500"},0,0,{"v":27500,"d":"27,500"},null,0,{"v":27500,"d":"27,500"},{"v":2,"d":"2.0"},{"v":55000,"d":"55,000"}]
[null,"GA 40%","쎄라덤",null,{"v":75200,"d":"75,200"},1,{"v":75200,"d":"75,200"},null,null,0,{"v":75200,"d":"75,200"},0,0,{"v":75200,"d":"75,200"},null,0,{"v":75200,"d":"75,200"},{"v":1,"d":"1.0"},{"v":75200,"d":"75,200"}]
[null,"벨벳M","C&K",null,{"v":8500,"d":"8,500"},84,{"v":714000,"d":"714,000"},null,null,0,{"v":8500,"d":"8,500"},{"v":11,"d":"11.0"},{"v":93500,"d":"93,500"},{"v":8500,"d":"8,500"},null,0,{"v":8500,"d":"8,500"},{"v":73,"d":"73.0"},{"v":620500,"d":"620,500"}]
[null,"K크림(멍크림)","히스토랩",null,0,2,0,null,null,0,0,0,0,0,null,0,0,{"v":2,"d":"2.0"},0]
[null,"밀크클렌져","히스토랩",null,{"v":32857.1428,"d":"32,857"},6,{"v":197142.8568,"d":"197,143"},null,null,0,{"v":32857.1428,"d":"32,857"},0,0,null,null,0,{"v":32857.1428,"d":"32,857"},{"v":6,"d":"6.0"},{"v":197142.8568,"d":"197,143"}]
[null,"폼클렌저","히스토랩",null,{"v":30000,"d":"30,000"},3,{"v":90000,"d":"90,000"},{"v":30000,"d":"30,000"},7,{"v":210000,"d":"210,000"},{"v":30000,"d":"30,000"},{"v":4,"d":"4.0"},{"v":120000,"d":"120,000"},{"v":30000,"d":"30,000"},null,0,{"v":30000,"d":"30,000"},{"v":6,"d":"6.0"},{"v":180000,"d":"180,000"}]
[null,"클리어로션","히스토랩",null,{"v":53600,"d":"53,600"},0,0,null,null,0,{"v":53600,"d":"53,600"},0,0,{"v":53600,"d":"53,600"},null,0,{"v":53600,"d":"53,600"},0,0]
[null,"이온토비타민","히스토랩",null,{"v":2500,"d":"2,500"},10,{"v":25000,"d":"25,000"},null,null,0,{"v":2500,"d":"2,500"},{"v":5,"d":"5.0"},{"v":12500,"d":"12,500"},{"v":2500,"d":"2,500"},null,0,{"v":2500,"d":"2,500"},{"v":5,"d":"5.0"},{"v":12500,"d":"12,500"}]
[null,"여우필아클레스필","아일글로벌",null,{"v":72600,"d":"72,600"},0,0,null,null,0,{"v":72600,"d":"72,600"},0,0,{"v":72600,"d":"72,600"},null,0,{"v":72600,"d":"72,600"},0,0]
[null,"여우필멜라리스필","아일글로벌",null,{"v":84700,"d":"84,700"},0,0,null,null,0,{"v":84700,"d":"84,700"},0,0,{"v":84700,"d":"84,700"},null,0,{"v":84700,"d":"84,700"},0,0]
[null,"여우필옥시젠부스터","아일글로벌",null,{"v":68200,"d":"68,200"},0,0,null,null,0,{"v":68200,"d":"68,200"},0,0,{"v":68200,"d":"68,200"},null,0,{"v":68200,"d":"68,200"},0,0]
[null,"버블씨스노우30","아일글로벌",null,{"v":2904,"d":"2,904"},{"v":37.5,"d":"38"},{"v":108900,"d":"108,900"},null,null,0,{"v":2904,"d":"2,904"},0.5,{"v":1452,"d":"1,452"},{"v":2904,"d":"2,904"},null,0,{"v":2904,"d":"2,904"},{"v":37,"d":"37.0"},{"v":107448,"d":"107,448"}]
[null,"아쿠아모델링","닥터랩",null,{"v":9000,"d":"9,000"},28,{"v":252000,"d":"252,000"},null,null,0,{"v":9000,"d":"9,000"},{"v":5,"d":"5.0"},{"v":45000,"d":"45,000"},null,null,0,{"v":9000,"d":"9,000"},{"v":23,"d":"23.0"},{"v":207000,"d":"207,000"}]
[null,"비타민모델링","닥터랩",null,{"v":9000,"d":"9,000"},27,{"v":243000,"d":"243,000"},null,null,0,{"v":9000,"d":"9,000"},{"v":5,"d":"5.0"},{"v":45000,"d":"45,000"},null,null,0,{"v":9000,"d":"9,000"},{"v":22,"d":"22.0"},{"v":198000,"d":"198,000"}]
[null,"센텔라시카 마스크","닥터랩",null,{"v":1000,"d":"1,000"},139,{"v":139000,"d":"139,000"},null,null,0,{"v":1000,"d":"1,000"},{"v":25,"d":"25.0"},{"v":25000,"d":"25,000"},null,null,0,{"v":1000,"d":"1,000"},{"v":114,"d":"114.0"},{"v":114000,"d":"114,000"}]
[null,"하이드라수딩 마스크","닥터랩",null,{"v":1000,"d":"1,000"},15,{"v":15000,"d":"15,000"},null,null,0,{"v":1000,"d":"1,000"},0,0,null,null,0,{"v":1000,"d":"1,000"},{"v":15,"d":"15.0"},{"v":15000,"d":"15,000"}]
[null,"뉴트리티브 바이탈 마사지크림","닥터랩",null,{"v":33000,"d":"33,000"},0,0,null,null,0,{"v":33000,"d":"33,000"},0,0,null,null,0,{"v":33000,"d":"33,000"},0,0]
[null,"하이드라더마아쥴렌크림","닥터랩",null,{"v":29000,"d":"29,000"},37,{"v":1073000,"d":"1,073,000"},null,null,0,{"v":29000,"d":"29,000"},{"v":3,"d":"3.0"},{"v":87000,"d":"87,000"},{"v":29000,"d":"29,000"},null,0,{"v":29000,"d":"29,000"},{"v":34,"d":"34.0"},{"v":986000,"d":"986,000"}]
[null,"디오투 액티베이터","옥시젠",null,{"v":11875,"d":"11,875"},1,{"v":11875,"d":"11,875"},null,null,0,{"v":11875,"d":"11,875"},{"v":1,"d":"1.0"},{"v":11875,"d":"11,875"},null,null,0,{"v":11875,"d":"11,875"},0,0]
[null,"스킨 발란싱 토너","옥시젠",null,{"v":18000,"d":"18,000"},6,{"v":108000,"d":"108,000"},null,null,0,{"v":18000,"d":"18,000"},{"v":4,"d":"4.0"},{"v":72000,"d":"72,000"},null,null,0,{"v":18000,"d":"18,000"},{"v":2,"d":"2.0"},{"v":36000,"d":"36,000"}]
[null,"레드네스 수딩 알로에 베라젤","옥시젠",null,{"v":18000,"d":"18,000"},2,{"$f":"+E118*F118","v":{"v":36000,"d":"36,000"}},{"v":18000,"d":"18,000"},10,{"$f":"+H118*I118","v":{"v":180000,"d":"180,000"}},{"v":18000,"d":"18,000"},1,{"$f":"+K118*L118","v":{"v":18000,"d":"18,000"}},null,null,{"$f":"+N118*O118","v":0},{"$f":"+E118","v":{"v":18000,"d":"18,000"}},{"$f":"+F118+I118-L118+O118","v":{"v":11,"d":"11.0"}},{"$f":"+Q118*R118","v":{"v":198000,"d":"198,000"}}]
[null,"에이셀100 플루이드","옥시젠",null,{"v":25650,"d":"25,650"},9,{"v":230850,"d":"230,850"},null,null,0,{"v":25650,"d":"25,650"},5,{"v":128250,"d":"128,250"},null,null,0,{"v":25650,"d":"25,650"},{"v":4,"d":"4.0"},{"v":102600,"d":"102,600"}]
[null,"쿠퍼러스 플루이드","옥시젠",null,{"v":25650,"d":"25,650"},6,{"v":153900,"d":"153,900"},null,null,0,{"v":25650,"d":"25,650"},0,0,null,null,0,{"v":25650,"d":"25,650"},{"v":6,"d":"6.0"},{"v":153900,"d":"153,900"}]
[null,"캐비어 플루이드","옥시젠",null,{"v":25110,"d":"25,110"},2,{"v":50220,"d":"50,220"},null,null,0,{"v":25110,"d":"25,110"},2,{"v":50220,"d":"50,220"},null,null,0,{"v":25110,"d":"25,110"},0,0]
[null,null,"옥시젠",null,{"v":25650,"d":"25,650"},5,{"v":128250,"d":"128,250"},null,null,0,{"v":25650,"d":"25,650"},2,{"v":51300,"d":"51,300"},null,null,0,{"v":25650,"d":"25,650"},{"v":3,"d":"3.0"},{"v":76950,"d":"76,950"}]
[null,"퍼멘티드 플루이드","옥시젠",null,{"v":25110,"d":"25,110"},8,{"v":200880,"d":"200,880"},null,null,0,{"v":25110,"d":"25,110"},1,{"v":25110,"d":"25,110"},null,null,0,{"v":25110,"d":"25,110"},{"v":7,"d":"7.0"},{"v":175770,"d":"175,770"}]
[null,"TP썬크림","옥시젠",null,{"v":16500,"d":"16,500"},13,{"v":214500,"d":"214,500"},null,null,0,{"v":16500,"d":"16,500"},{"v":7,"d":"7.0"},{"v":115500,"d":"115,500"},{"$f":"+K124","v":{"v":16500,"d":"16,500"}},null,0,{"v":16500,"d":"16,500"},{"v":6,"d":"6.0"},{"v":99000,"d":"99,000"}]
[null,"크리오제닉 액티베이터","옥시젠",null,{"v":6500,"d":"6,500"},4,{"v":26000,"d":"26,000"},null,null,0,{"v":6500,"d":"6,500"},{"v":4,"d":"4.0"},{"v":26000,"d":"26,000"},null,null,0,{"v":6500,"d":"6,500"},0,0]
[null,"크리오제닉 액티베이터1","옥시젠",{"$nulls":3},0,0,18,0,0,{"v":2,"d":"2.0"},0,{"$nulls":3},0,{"v":16,"d":"16.0"},0,"단가변경(적립금 사용하여 단가0원)"]
[null,"fcr리젠트론마스크","㈜엠제이메디컬",null,{"v":7543,"d":"7,543"},43,{"v":324349,"d":"324,349"},null,null,0,{"v":7543,"d":"7,543"},{"v":1,"d":"1.0"},{"v":7543,"d":"7,543"},{"v":7543,"d":"7,543"},null,0,{"v":7543,"d":"7,543"},{"v":42,"d":"42.0"},{"v":316806,"d":"316,806"}]
[null,"fcr리젠트론엑티바","㈜엠제이메디컬",null,{"v":90200,"d":"90,200"},0,0,null,null,0,{"v":90200,"d":"90,200"},0,0,null,null,0,{"v":90200,"d":"90,200"},0,0]
[null,"fcr리젠트론디악엑티바","㈜엠제이메디컬",null,{"v":90200,"d":"90,200"},0,0,null,null,0,{"v":90200,"d":"90,200"},0,0,null,null,0,{"v":90200,"d":"90,200"},0,0]
[null,"fcr맥스하이트로오투겔마스크","㈜엠제이메디컬",null,{"v":42900,"d":"42,900"},0,0,null,null,0,{"v":42900,"d":"42,900"},0,0,null,null,0,{"v":42900,"d":"42,900"},0,0]
[null,"소계",{"$nulls":4},{"$f":"SUM(G54:G127)","v":{"v":29180062.8568,"d":"29,180,063"}},null,null,{"$f":"SUM(J54:J127)","v":{"v":6485000,"d":"6,485,000"}},null,null,{"$f":"SUM(M54:M127)","v":{"v":11339284,"d":"11,339,284"}},0,null,{"$f":"SUM(P54:P127)","v":0},{"$f":"+E131","v":0},0,{"$f":"SUM(S54:S127)","v":{"v":24347778.8568,"d":"24,347,779"}}]
[null,"총계",{"$nulls":4},{"$f":"+G53+G131","v":{"v":305736461.65680003,"d":"305,736,462"}},null,null,{"$f":"+J53+J131","v":{"v":6485000,"d":"6,485,000"}},null,null,{"$f":"+M53+M131","v":{"v":11339284,"d":"11,339,284"}},0,null,{"$f":"+P53+P131","v":0},0,0,{"$f":"+S53+S131","v":{"v":300904177.65680003,"d":"300,904,178"}}]

{"sheet":"Sheet1","index":3,"n_rows":5,"n_cols":2,"rows_kept":5}
["피부","C1713152686736000000046"]
["쁘띠","C1713152686736000000047"]
["비만","C1713152686736000000048"]
["기타","C1713152686736000000050"]
["제모","CI1722329371468000000081"]

{"sheet":"PRODUCTID","index":4,"n_rows":127,"n_cols":21,"rows_kept":127}
["MU_PRODUCT_ID","PRODUCT_CODE","PRODUCT_NAME",null,"MU_TREATMENT_ID","VOLUME","UNIT_CODE","UNIT_NAME","USAGE_VOLUME","USAGE_UNIT_CODE","WRITE_DATE","WRITE_TIME","REMARK","CUD_FLAG","USE_YN","REG_ID","REG_DATE","MOD_ID","MOD_DATE","T_ID","T_DATE"]
["P174533104211000000000170","P202504220174","채움프리미엄 1","P174533104211000000000170",null,2,{"$f":"VLOOKUP(H2,거래처ID!$C$2:$D$8,2,FALSE)","v":{"$error":"#N/A"}},"cc",2,"cc","2025-04-23","00:00:00",null,"C","Y","admin",null,"admin"]
["P174533104211000000000171","P202504220175","체움프리미엄 2","P174533104211000000000171",null,2,{"$f":"VLOOKUP(H3,거래처ID!$C$2:$D$8,2,FALSE)","v":{"$error":"#N/A"}},"cc",2,"cc","2025-04-23","00:00:00",null,"C","Y","admin",null,"admin"]
["P174533104211000000000172","P202504220176","채움프리미엄 3","P174533104211000000000172",null,2,{"$f":"VLOOKUP(H4,거래처ID!$C$2:$D$8,2,FALSE)","v":{"$error":"#N/A"}},"cc",2,"cc","2025-04-23","00:00:00",null,"C","Y","admin",null,"admin"]
["P174533104211000000000173","P202504220177","뉴라미스라이트","P174533104211000000000173",null,1,{"$f":"VLOOKUP(H5,거래처ID!$C$2:$D$8,2,FALSE)","v":{"$error":"#N/A"}},"cc",1,"cc","2025-04-23","00:00:00",null,"C","Y","admin",null,"admin"]
["P174533104211000000000174","P202504220178","뉴라미스리도카인","P174533104211000000000174",null,1,{"$f":"VLOOKUP(H6,거래처ID!$C$2:$D$8,2,FALSE)","v":{"$error":"#N/A"}},"cc",1,"cc","2025-04-23","00:00:00",null,"C","Y","admin",null,"admin"]
["P174533104211000000000175","P202504220179","뉴라미스볼륨","P174533104211000000000175",null,1,{"$f":"VLOOKUP(H7,거래처ID!$C$2:$D$8,2,FALSE)","v":{"$error":"#N/A"}},"cc",1,"cc","2025-04-23","00:00:00",null,"C","Y","admin",null,"admin"]
["P174533104211000000000176","P202504220180","쥬비덤 볼벨라","P174533104211000000000176",null,2,{"$f":"VLOOKUP(H8,거래처ID!$C$2:$D$8,2,FALSE)","v":{"$error":"#N/A"}},"cc",2,"cc","2025-04-23","00:00:00",null,"C","Y","admin",null,"admin"]
["P174533104211000000000177","P202504220181","쥬비덤 볼리프트","P174533104211000000000177",null,2,{"$f":"VLOOKUP(H9,거래처ID!$C$2:$D$8,2,FALSE)","v":{"$error":"#N/A"}},"cc",2,"cc","2025-04-23","00:00:00",null,"C","Y","admin",null,"admin"]
["P174533104211000000000178","P202504220182","쥬비덤 볼루마","P174533104211000000000178",null,2,{"$f":"VLOOKUP(H10,거래처ID!$C$2:$D$8,2,FALSE)","v":{"$error":"#N/A"}},"cc",2,"cc","2025-04-23","00:00:00",null,"C","Y","admin",null,"admin"]
["P174533104211000000000179","P202504220183","레스틸렌비탈","P174533104211000000000179",null,1,{"$f":"VLOOKUP(H11,거래처ID!$C$2:$D$8,2,FALSE)","v":{"$error":"#N/A"}},"cc",1,"cc","2025-04-23","00:00:00",null,"C","Y","admin",null,"admin"]
["P174533104211000000000180","P202504220184","레스틸렌리파인","P174533104211000000000180",null,1,{"$f":"VLOOKUP(H12,거래처ID!$C$2:$D$8,2,FALSE)","v":{"$error":"#N/A"}},"cc",1,"cc","2025-04-23","00:00:00",null,"C","Y","admin",null,"admin"]
["P174533104211000000000181","P202504220185","레스틸렌디파인","P174533104211000000000181",null,1,{"$f":"VLOOKUP(H13,거래처ID!$C$2:$D$8,2,FALSE)","v":{"$error":"#N/A"}},"cc",1,"cc","2025-04-23","00:00:00",null,"C","Y","admin",null,"admin"]
["P174533104211000000000182","P202504220186","엘란쎄M(1)","P174533104211000000000182",null,2,{"$f":"VLOOKUP(H14,거래처ID!$C$2:$D$8,2,FALSE)","v":{"$error":"#N/A"}},"cc",2,"cc","2025-04-23","00:00:00",null,"C","Y","admin",null,"admin"]
["P174533104211000000000183","P202504220187","엘란쎄M(2)","P174533104211000000000183",null,2,{"$f":"VLOOKUP(H15,거래처ID!$C$2:$D$8,2,FALSE)","v":{"$error":"#N/A"}},"cc",2,"cc","2025-04-23","00:00:00",null,"C","Y","admin",null,"admin"]
["P174533104211000000000184","P202504220188","스컬트라","P174533104211000000000184",null,10,{"$f":"VLOOKUP(H16,거래처ID!$C$2:$D$8,2,FALSE)","v":{"$error":"#N/A"}},"cc",10,"cc","2025-04-23","00:00:00",null,"C","Y","admin",null,"admin"]
["P174533104211000000000185","P202504220189","쥬베룩볼륨","P174533104211000000000185",null,9,{"$f":"VLOOKUP(H17,거래처ID!$C$2:$D$8,2,FALSE)","v":{"$error":"#N/A"}},"cc",9,"cc","2025-04-23","00:00:00",null,"C","Y","admin",null,"admin"]
["P174533104211000000000186","P202504220190","벨로테로소프트(1)","P174533104211000000000186",null,1,{"$f":"VLOOKUP(H18,거래처ID!$C$2:$D$8,2,FALSE)","v":{"$error":"#N/A"}},"cc",1,"cc","2025-04-23","00:00:00",null,"C","Y","admin",null,"admin"]
["P174533104211000000000187","P202504220191","벨로테로소프트(2)","P174533104211000000000187",null,1,{"$f":"VLOOKUP(H19,거래처ID!$C$2:$D$8,2,FALSE)","v":{"$error":"#N/A"}},"cc",1,"cc","2025-04-23","00:00:00",null,"C","Y","admin",null,"admin"]
["P174533104211000000000188","P202504220192","리즈톡신","P174533104211000000000188",null,200,{"$f":"VLOOKUP(H20,거래처ID!$C$2:$D$8,2,FALSE)","v":{"$error":"#N/A"}},"unit",8,"cc","2025-04-23","00:00:00","분말 200unit을 액체 8cc로 사용","C","Y","admin",null,"admin"]
["P174533104211000000000189","P202504220193","코어톡스","P174533104211000000000189",null,100,{"$f":"VLOOKUP(H21,거래처ID!$C$2:$D$8,2,FALSE)","v":{"$error":"#N/A"}},"unit",4,"cc","2025-04-23","00:00:00","분말 100unit을 액체 4cc로 사용","C","Y","admin",null,"admin"]
["P174533104211000000000190","P202504220194","제오민(1)","P174533104211000000000190",null,100,{"$f":"VLOOKUP(H22,거래처ID!$C$2:$D$8,2,FALSE)","v":{"$error":"#N/A"}},"unit",4,"cc","2025-04-23","00:00:00","분말 100unit을 액체 4cc로 사용","C","Y","admin",null,"admin"]
["P174533104211000000000191","P202504220195","제오민(2)","P174533104211000000000191",null,100,{"$f":"VLOOKUP(H23,거래처ID!$C$2:$D$8,2,FALSE)","v":{"$error":"#N/A"}},"unit",4,"cc","2025-04-23","00:00:00","분말 100unit을 액체 4cc로 사용","C","Y","admin",null,"admin"]
["P174533104211000000000192","P202504220196","리쥬란아이","P174533104211000000000192",null,1,{"$f":"VLOOKUP(H24,거래처ID!$C$2:$D$8,2,FALSE)","v":{"$error":"#N/A"}},"cc",1,"cc","2025-04-23","00:00:00",null,"C","Y","admin",null,"admin"]
["P174533104211000000000193","P202504220197","리쥬란","P174533104211000000000193",null,4,{"$f":"VLOOKUP(H25,거래처ID!$C$2:$D$8,2,FALSE)","v":{"$error":"#N/A"}},"cc",4,"cc","2025-04-23","00:00:00",null,"C","Y","admin",null,"admin"]
["P174533104211000000000194","P202504220198","리쥬란HB","P174533104211000000000194",null,1,{"$f":"VLOOKUP(H26,거래처ID!$C$2:$D$8,2,FALSE)","v":{"$error":"#N/A"}},"cc",1,"cc","2025-04-23","00:00:00",null,"C","Y","admin",null,"admin"]
["P174533104211000000000195","P202504220199","샤넬","P174533104211000000000195",null,3,{"$f":"VLOOKUP(H27,거래처ID!$C$2:$D$8,2,FALSE)","v":{"$error":"#N/A"}},"cc",3,"cc","2025-04-23","00:00:00",null,"C","Y","admin",null,"admin"]
["P174533104211000000000196","P202504220200","쥬베룩(1)","P174533104211000000000196",null,8,{"$f":"VLOOKUP(H28,거래처ID!$C$2:$D$8,2,FALSE)","v":{"$error":"#N/A"}},"cc",8,"cc","2025-04-23","00:00:00",null,"C","Y","admin",null,"admin"]
["P174533104211000000000197","P202504220201","쥬베룩(2)","P174533104211000000000197",null,8,{"$f":"VLOOKUP(H29,거래처ID!$C$2:$D$8,2,FALSE)","v":{"$error":"#N/A"}},"cc",8,"cc","2025-04-23","00:00:00",null,"C","Y","admin",null,"admin"]
["P174533104211000000000198","P202504220202","하이주","P174533104211000000000198",null,6,{"$f":"VLOOKUP(H30,거래처ID!$C$2:$D$8,2,FALSE)","v":{"$error":"#N/A"}},"cc",6,"cc","2025-04-23","00:00:00",null,"C","Y","admin",null,"admin"]
["P174533104211000000000199","P202504220203","하이코(4cm)","P174533104211000000000199",null,4,{"$f":"VLOOKUP(H31,거래처ID!$C$2:$D$8,2,FALSE)","v":{"$error":"#N/A"}},"ea",4,"ea","2025-04-23","00:00:00",null,"C","Y","admin",null,"admin"]
["P174533104211000000000200","P202504220204","메이드코(6cm)","P174533104211000000000200",null,4,{"$f":"VLOOKUP(H32,거래처ID!$C$2:$D$8,2,FALSE)","v":{"$error":"#N/A"}},"ea",4,"ea","2025-04-23","00:00:00",null,"C","Y","admin",null,"admin"]
["P174533104211000000000201","P202504220205","오메가","P174533104211000000000201",null,2,{"$f":"VLOOKUP(H33,거래처ID!$C$2:$D$8,2,FALSE)","v":{"$error":"#N/A"}},"ea",2,"ea","2025-04-23","00:00:00",null,"C","Y","admin",null,"admin"]
["P174533104211000000000202","P202504220206","울트라V","P174533104211000000000202",null,10,{"$f":"VLOOKUP(H34,거래처ID!$C$2:$D$8,2,FALSE)","v":{"$error":"#N/A"}},"ea",10,"ea","2025-04-23","00:00:00",null,"C","Y","admin",null,"admin"]
["P174533104211000000000203","P202504220207","민트쁘띠","P174533104211000000000203",null,4,{"$f":"VLOOKUP(H35,거래처ID!$C$2:$D$8,2,FALSE)","v":{"$error":"#N/A"}},"ea",4,"ea","2025-04-23","00:00:00",null,"C","Y","admin",null,"admin"]
["P174533104211000000000204","P202504220208","실루엣8콘","P174533104211000000000204",null,2,{"$f":"VLOOKUP(H36,거래처ID!$C$2:$D$8,2,FALSE)","v":{"$error":"#N/A"}},"ea",2,"ea","2025-04-23","00:00:00",null,"C","Y","admin",null,"admin"]
["P174533104211000000000205","P202504220209","울쎄라-DS 10-1.5N(1)","P174533104211000000000205",null,2400,{"$f":"VLOOKUP(H37,거래처ID!$C$2:$D$8,2,FALSE)","v":{"$error":"#N/A"}},"shot",2400,"shot","2025-04-23","00:00:00",null,"C","Y","admin",null,"admin"]
["P174533104211000000000206","P202504220210","울쎄라-DS 10-1.5N(2)","P174533104211000000000206",null,2400,{"$f":"VLOOKUP(H38,거래처ID!$C$2:$D$8,2,FALSE)","v":{"$error":"#N/A"}},"shot",2400,"shot","2025-04-23","00:00:00",null,"C","Y","admin",null,"admin"]
["P174533104211000000000207","P202504220211","울쎄라-DS 7-3.0(1)","P174533104211000000000207",null,2400,{"$f":"VLOOKUP(H39,거래처ID!$C$2:$D$8,2,FALSE)","v":{"$error":"#N/A"}},"shot",2400,"shot","2025-04-23","00:00:00",null,"C","Y","admin",null,"admin"]
["P174533104211000000000208","P202504220212","울쎄라-DS 7-3.0(2)","P174533104211000000000208",null,2400,{"$f":"VLOOKUP(H40,거래처ID!$C$2:$D$8,2,FALSE)","v":{"$error":"#N/A"}},"shot",2400,"shot","2025-04-23","00:00:00",null,"C","Y","admin",null,"admin"]
["P174533104211000000000209","P202504220213","울쎄라-DS 4-4.5","P174533104211000000000209",null,2400,{"$f":"VLOOKUP(H41,거래처ID!$C$2:$D$8,2,FALSE)","v":{"$error":"#N/A"}},"shot",2400,"shot","2025-04-23","00:00:00",null,"C","Y","admin",null,"admin"]
["P174533104211000000000210","P202504220214","울핏6.0","P174533104211000000000210",null,60100,{"$f":"VLOOKUP(H42,거래처ID!$C$2:$D$8,2,FALSE)","v":{"$error":"#N/A"}},"shot",60100,"shot","2025-04-23","00:00:00",null,"C","Y","admin",null,"admin"]
["P174533104211000000000211","P202504220215","울핏9.0","P174533104211000000000211",null,60100,{"$f":"VLOOKUP(H43,거래처ID!$C$2:$D$8,2,FALSE)","v":{"$error":"#N/A"}},"shot",60100,"shot","2025-04-23","00:00:00",null,"C","Y","admin",null,"admin"]
["P174533104211000000000212","P202504220216","써마지 FLX 600샷","P174533104211000000000212",null,600,{"$f":"VLOOKUP(H44,거래처ID!$C$2:$D$8,2,FALSE)","v":{"$error":"#N/A"}},"shot",600,"shot","2025-04-23","00:00:00",null,"C","Y","admin",null,"admin"]
["P174533104211000000000213","P202504220217","써마지 FLX 600샷","P174533104211000000000213",null,600,{"$f":"VLOOKUP(H45,거래처ID!$C$2:$D$8,2,FALSE)","v":{"$error":"#N/A"}},"shot",600,"shot","2025-04-23","00:00:00",null,"C","Y","admin",null,"admin"]
["P174533104211000000000214","P202504220218","써마지 FLX 300샷","P174533104211000000000214",null,300,{"$f":"VLOOKUP(H46,거래처ID!$C$2:$D$8,2,FALSE)","v":{"$error":"#N/A"}},"shot",300,"shot","2025-04-23","00:00:00",null,"C","Y","admin",null,"admin"]
["P174533104211000000000215","P202504220219","멀티블루","P174533104211000000000215",null,10,{"$f":"VLOOKUP(H47,거래처ID!$C$2:$D$8,2,FALSE)","v":{"$error":"#N/A"}},"cc",10,"cc","2025-04-23","00:00:00",null,"C","Y","admin",null,"admin"]
["P174533104211000000000216","P202504220220","아르기닌","P174533104211000000000216",null,100,{"$f":"VLOOKUP(H48,거래처ID!$C$2:$D$8,2,FALSE)","v":{"$error":"#N/A"}},"cc",100,"cc","2025-04-23","00:00:00",null,"C","Y","admin",null,"admin"]
["P174533104211000000000217","P202504220221","BSC-30","P174533104211000000000217",null,1,{"$f":"VLOOKUP(H49,거래처ID!$C$2:$D$8,2,FALSE)","v":{"$error":"#N/A"}},"ea",1,"ea","2025-04-23","00:00:00",null,"C","Y","admin",null,"admin"]
["P174533104211000000000218","P202504220222","BSC-60","P174533104211000000000218",null,1,{"$f":"VLOOKUP(H50,거래처ID!$C$2:$D$8,2,FALSE)","v":{"$error":"#N/A"}},"ea",1,"ea","2025-04-23","00:00:00",null,"C","Y","admin",null,"admin"]
["P174533104211000000000219","P202504220223","BSC-120","P174533104211000000000219",null,1,{"$f":"VLOOKUP(H51,거래처ID!$C$2:$D$8,2,FALSE)","v":{"$error":"#N/A"}},"ea",1,"ea","2025-04-23","00:00:00",null,"C","Y","admin",null,"admin"]
["P174533104211000000000220","P202504220224","NDA플러스","P174533104211000000000220",null,1,{"$f":"VLOOKUP(H52,거래처ID!$C$2:$D$8,2,FALSE)","v":{"$error":"#N/A"}},"cc",1,"cc","2025-04-23","00:00:00",null,"C","Y","admin",null,"admin"]
["P174533104211000000000221","P202504220225","큐티셀","P174533104211000000000221",null,1,{"$f":"VLOOKUP(H53,거래처ID!$C$2:$D$8,2,FALSE)","v":{"$error":"#N/A"}},"ea",1,"ea","2025-04-23","00:00:00",null,"C","Y","admin",null,"admin"]
["P174533104211000000000222","P202504220226","N-25","P174533104211000000000222",null,1,{"$f":"VLOOKUP(H54,거래처ID!$C$2:$D$8,2,FALSE)","v":{"$error":"#N/A"}},"ea",1,"ea","2025-04-23","00:00:00",null,"C","Y","admin",null,"admin"]
["P174533104211000000000223","P202504220227","I-25","P174533104211000000000223",null,1,{"$f":"VLOOKUP(H55,거래처ID!$C$2:$D$8,2,FALSE)","v":{"$error":"#N/A"}},"ea",1,"ea","2025-04-23","00:00:00",null,"C","Y","admin",null,"admin"]
["P174533104211000000000224","P202504220228","CP-25","P174533104211000000000224",null,1,{"$f":"VLOOKUP(H56,거래처ID!$C$2:$D$8,2,FALSE)","v":{"$error":"#N/A"}},"ea",1,"ea","2025-04-23","00:00:00",null,"C","Y","admin",null,"admin"]
["P174533104211000000000225","P202504220229","DDR","P174533104211000000000225",null,5000,{"$f":"VLOOKUP(H57,거래처ID!$C$2:$D$8,2,FALSE)","v":{"$error":"#N/A"}},"ea",5000,"ea","2025-04-23","00:00:00",null,"C","Y","admin",null,"admin"]
["P174533104211000000000226","P202504220230","DIA","P174533104211000000000226",null,10000,{"$f":"VLOOKUP(H58,거래처ID!$C$2:$D$8,2,FALSE)","v":{"$error":"#N/A"}},"ea",10000,"ea","2025-04-23","00:00:00",null,"C","Y","admin",null,"admin"]
["P174533104211000000000227","P202504220231","포텐자 젤(s.v)","P174533104211000000000227",null,1,{"$f":"VLOOKUP(H59,거래처ID!$C$2:$D$8,2,FALSE)","v":{"$error":"#N/A"}},"ea",1,"ea","2025-04-23","00:00:00",null,"C","Y","admin",null,"admin"]
["P174533104211000000000228","P202504220232","듀엣써마지 팁","P174533104211000000000228",null,1,{"$f":"VLOOKUP(H60,거래처ID!$C$2:$D$8,2,FALSE)","v":{"$error":"#N/A"}},"ea",1,"ea","2025-04-23","00:00:00",null,"C","Y","admin",null,"admin"]
["P174533104211000000000229","P202504220233","듀엣써마지 패드","P174533104211000000000229",null,1,{"$f":"VLOOKUP(H61,거래처ID!$C$2:$D$8,2,FALSE)","v":{"$error":"#N/A"}},"ea",1,"ea","2025-04-23","00:00:00",null,"C","Y","admin",null,"admin"]
["P174533104211000000000230","P202504220234","슈링크U L-4.5(2만)","P174533104211000000000230",null,20100,{"$f":"VLOOKUP(H62,거래처ID!$C$2:$D$8,2,FALSE)","v":{"$error":"#N/A"}},"shot",20100,"shot","2025-04-23","00:00:00",null,"C","Y","admin",null,"admin"]
["P174533104211000000000231","P202504220235","슈링크U C-3.0(2만)","P174533104211000000000231",null,20100,{"$f":"VLOOKUP(H63,거래처ID!$C$2:$D$8,2,FALSE)","v":{"$error":"#N/A"}},"shot",20100,"shot","2025-04-23","00:00:00",null,"C","Y","admin",null,"admin"]
["P174533104211000000000232","P202504220236","슈링크U I-.2.0(2만)","P174533104211000000000232",null,20100,{"$f":"VLOOKUP(H64,거래처ID!$C$2:$D$8,2,FALSE)","v":{"$error":"#N/A"}},"shot",20100,"shot","2025-04-23","00:00:00",null,"C","Y","admin",null,"admin"]
["P174533104211000000000233","P202504220237","슈링크B L-.4.5","P174533104211000000000233",null,100,{"$f":"VLOOKUP(H65,거래처ID!$C$2:$D$8,2,FALSE)","v":{"$error":"#N/A"}},"shot",100,"shot","2025-04-23","00:00:00",null,"C","Y","admin",null,"admin"]
["P174533104211000000000234","P202504220238","슈링크B D-1.5","P174533104211000000000234",null,100,{"$f":"VLOOKUP(H66,거래처ID!$C$2:$D$8,2,FALSE)","v":{"$error":"#N/A"}},"shot",100,"shot","2025-04-23","00:00:00",null,"C","Y","admin",null,"admin"]
["P174533104211000000000235","P202504220239","슈링크B L-4.5(2만)","P174533104211000000000235",null,100,{"$f":"VLOOKUP(H67,거래처ID!$C$2:$D$8,2,FALSE)","v":{"$error":"#N/A"}},"shot",100,"shot","2025-04-23","00:00:00",null,"C","Y","admin",null,"admin"]
["P174533104211000000000236","P202504220240","슈링크B C-3.0(2만)","P174533104211000000000236",null,100,{"$f":"VLOOKUP(H68,거래처ID!$C$2:$D$8,2,FALSE)","v":{"$error":"#N/A"}},"shot",100,"shot","2025-04-23","00:00:00",null,"C","Y","admin",null,"admin"]
["P174533104211000000000237","P202504220241","슈링크B D-1.5(2만)","P174533104211000000000237",null,100,{"$f":"VLOOKUP(H69,거래처ID!$C$2:$D$8,2,FALSE)","v":{"$error":"#N/A"}},"shot",100,"shot","2025-04-23","00:00:00",null,"C","Y","admin",null,"admin"]
["P174533104211000000000238","P202504220242","GT38앰플","P174533104211000000000238",null,1,{"$f":"VLOOKUP(H70,거래처ID!$C$2:$D$8,2,FALSE)","v":{"$error":"#N/A"}},"ea",1,"cc","2025-04-23","00:00:00",null,"C","Y","admin",null,"admin"]
["P174533104211000000000239","P202504220243","더블로M7","P174533104211000000000239",null,1,{"$f":"VLOOKUP(H71,거래처ID!$C$2:$D$8,2,FALSE)","v":{"$error":"#N/A"}},"ea",1,"ea","2025-04-23","00:00:00",null,"C","Y","admin",null,"admin"]
["P174533104211000000000240","P202504220244","더블러D4","P174533104211000000000240",null,1,{"$f":"VLOOKUP(H72,거래처ID!$C$2:$D$8,2,FALSE)","v":{"$error":"#N/A"}},"ea",1,"ea","2025-04-23","00:00:00",null,"C","Y","admin",null,"admin"]
["P174533104211000000000241","P202504220245","라라필 폼클렌져","P174533104211000000000241",null,1,{"$f":"VLOOKUP(H73,거래처ID!$C$2:$D$8,2,FALSE)","v":{"$error":"#N/A"}},"ea",1,"ea","2025-04-23","00:00:00",null,"C","Y","admin",null,"admin"]
["P174533104211000000000242","P202504220246","라라필 1제","P174533104211000000000242",null,1,{"$f":"VLOOKUP(H74,거래처ID!$C$2:$D$8,2,FALSE)","v":{"$error":"#N/A"}},"ea",1,"ea","2025-04-23","00:00:00",null,"C","Y","admin",null,"admin"]
["P174533104211000000000243","P202504220247","라라필 2제","P174533104211000000000243",null,1,{"$f":"VLOOKUP(H75,거래처ID!$C$2:$D$8,2,FALSE)","v":{"$error":"#N/A"}},"ea",1,"ea","2025-04-23","00:00:00",null,"C","Y","admin",null,"admin"]
["P174533104211000000000244","P202504220248","라라필 마스크팩","P174533104211000000000244",null,1,{"$f":"VLOOKUP(H76,거래처ID!$C$2:$D$8,2,FALSE)","v":{"$error":"#N/A"}},"ea",1,"ea","2025-04-23","00:00:00",null,"C","Y","admin",null,"admin"]
["P174533104211000000000245","P202504220249","라라젯 x로션 1","P174533104211000000000245",null,1,{"$f":"VLOOKUP(H77,거래처ID!$C$2:$D$8,2,FALSE)","v":{"$error":"#N/A"}},"ea",1,"ea","2025-04-23","00:00:00",null,"C","Y","admin",null,"admin"]
["P174533104211000000000246","P202504220250","라라젯 s1","P174533104211000000000246",null,1,{"$f":"VLOOKUP(H78,거래처ID!$C$2:$D$8,2,FALSE)","v":{"$error":"#N/A"}},"ea",1,"ea","2025-04-23","00:00:00",null,"C","Y","admin",null,"admin"]
["P174533104211000000000247","P202504220251","라라젯 s2","P174533104211000000000247",null,1,{"$f":"VLOOKUP(H79,거래처ID!$C$2:$D$8,2,FALSE)","v":{"$error":"#N/A"}},"ea",1,"ea","2025-04-23","00:00:00",null,"C","Y","admin",null,"admin"]
["P174533104211000000000248","P202504220252","라라젯 s3","P174533104211000000000248",null,1,{"$f":"VLOOKUP(H80,거래처ID!$C$2:$D$8,2,FALSE)","v":{"$error":"#N/A"}},"ea",1,"ea","2025-04-23","00:00:00",null,"C","Y","admin",null,"admin"]
["P174533104211000000000249","P202504220253","라라젯 팁","P174533104211000000000249",null,1,{"$f":"VLOOKUP(H81,거래처ID!$C$2:$D$8,2,FALSE)","v":{"$error":"#N/A"}},"ea",1,"ea","2025-04-23","00:00:00",null,"C","Y","admin",null,"admin"]
["P174533104211000000000250","P202504220254","아쿠아필S1","P174533104211000000000250",null,1,{"$f":"VLOOKUP(H82,거래처ID!$C$2:$D$8,2,FALSE)","v":{"$error":"#N/A"}},"ea",1,"ea","2025-04-23","00:00:00",null,"C","Y","admin",null,"admin"]
["P174533104211000000000251","P202504220255","아쿠아필S2","P174533104211000000000251",null,1,{"$f":"VLOOKUP(H83,거래처ID!$C$2:$D$8,2,FALSE)","v":{"$error":"#N/A"}},"ea",1,"ea","2025-04-23","00:00:00",null,"C","Y","admin",null,"admin"]
["P174533104211000000000252","P202504220256","아쿠아필S3","P174533104211000000000252",null,1,{"$f":"VLOOKUP(H84,거래처ID!$C$2:$D$8,2,FALSE)","v":{"$error":"#N/A"}},"ea",1,"ea","2025-04-23","00:00:00",null,"C","Y","admin",null,"admin"]
["P174533104211000000000253","P202504220257","디아지팁(인트라셀)","P174533104211000000000253",null,1,{"$f":"VLOOKUP(H85,거래처ID!$C$2:$D$8,2,FALSE)","v":{"$error":"#N/A"}},"ea",1,"ea","2025-04-23","00:00:00",null,"C","Y","admin",null,"admin"]
["P174533104211000000000254","P202504220258","PDT","P174533104211000000000254",null,1,{"$f":"VLOOKUP(H86,거래처ID!$C$2:$D$8,2,FALSE)","v":{"$error":"#N/A"}},"ea",1,"ea","2025-04-23","00:00:00",null,"C","Y","admin",null,"admin"]
["P174533104211000000000255","P202504220259","골드PTT","P174533104211000000000255",null,1,{"$f":"VLOOKUP(H87,거래처ID!$C$2:$D$8,2,FALSE)","v":{"$error":"#N/A"}},"ea",1,"ea","2025-04-23","00:00:00",null,"C","Y","admin",null,"admin"]
["P174533104211000000000256","P202504220260","산소필1-젤","P174533104211000000000256",null,1,{"$f":"VLOOKUP(H88,거래처ID!$C$2:$D$8,2,FALSE)","v":{"$error":"#N/A"}},"ea",1,"ea","2025-04-23","00:00:00",null,"C","Y","admin",null,"admin"]
["P174533104211000000000257","P202504220261","산소필2-젤","P174533104211000000000257",null,1,{"$f":"VLOOKUP(H89,거래처ID!$C$2:$D$8,2,FALSE)","v":{"$error":"#N/A"}},"ea",1,"ea","2025-04-23","00:00:00",null,"C","Y","admin",null,"admin"]
["P174533104211000000000258","P202504220262","비타민C파우더","P174533104211000000000258",null,1,{"$f":"VLOOKUP(H90,거래처ID!$C$2:$D$8,2,FALSE)","v":{"$error":"#N/A"}},"ea",1,"ea","2025-04-23","00:00:00",null,"C","Y","admin",null,"admin"]
["P174533104211000000000259","P202504220263","씨위드 크림팩","P174533104211000000000259",null,1,{"$f":"VLOOKUP(H91,거래처ID!$C$2:$D$8,2,FALSE)","v":{"$error":"#N/A"}},"ea",1,"ea","2025-04-23","00:00:00",null,"C","Y","admin",null,"admin"]
["P174533104211000000000260","P202504220264","아세로라크림팩","P174533104211000000000260",null,1,{"$f":"VLOOKUP(H92,거래처ID!$C$2:$D$8,2,FALSE)","v":{"$error":"#N/A"}},"ea",1,"ea","2025-04-23","00:00:00",null,"C","Y","admin",null,"admin"]
["P174533104211000000000261","P202504220265","야쥴렌크림팩","P174533104211000000000261",null,1,{"$f":"VLOOKUP(H93,거래처ID!$C$2:$D$8,2,FALSE)","v":{"$error":"#N/A"}},"ea",1,"ea","2025-04-23","00:00:00",null,"C","Y","admin",null,"admin"]
["P174533104211000000000262","P202504220266","캄퍼크림팩","P174533104211000000000262",null,1,{"$f":"VLOOKUP(H94,거래처ID!$C$2:$D$8,2,FALSE)","v":{"$error":"#N/A"}},"ea",1,"ea","2025-04-23","00:00:00",null,"C","Y","admin",null,"admin"]
["P174533104211000000000263","P202504220267","데콘겔","P174533104211000000000263",null,1,{"$f":"VLOOKUP(H95,거래처ID!$C$2:$D$8,2,FALSE)","v":{"$error":"#N/A"}},"ea",1,"ea","2025-04-23","00:00:00",null,"C","Y","admin",null,"admin"]
["P174533104211000000000264","P202504220268","블랙필","P174533104211000000000264",null,1,{"$f":"VLOOKUP(H96,거래처ID!$C$2:$D$8,2,FALSE)","v":{"$error":"#N/A"}},"ea",1,"ea","2025-04-23","00:00:00",null,"C","Y","admin",null,"admin"]
["P174533104211000000000265","P202504220269","그린티중화제","P174533104211000000000265",null,1,{"$f":"VLOOKUP(H97,거래처ID!$C$2:$D$8,2,FALSE)","v":{"$error":"#N/A"}},"ea",1,"ea","2025-04-23","00:00:00",null,"C","Y","admin",null,"admin"]
["P174533104211000000000266","P202504220270","GA 40%","P174533104211000000000266",null,1,{"$f":"VLOOKUP(H98,거래처ID!$C$2:$D$8,2,FALSE)","v":{"$error":"#N/A"}},"ea",1,"ea","2025-04-23","00:00:00",null,"C","Y","admin",null,"admin"]
["P174533104211000000000267","P202504220271","벨벳M","P174533104211000000000267",null,1,{"$f":"VLOOKUP(H99,거래처ID!$C$2:$D$8,2,FALSE)","v":{"$error":"#N/A"}},"ea",1,"ea","2025-04-23","00:00:00",null,"C","Y","admin",null,"admin"]
["P174533104211000000000268","P202504220272","K크림(멍크림)","P174533104211000000000268",null,1,{"$f":"VLOOKUP(H100,거래처ID!$C$2:$D$8,2,FALSE)","v":{"$error":"#N/A"}},"ea",1,"ea","2025-04-23","00:00:00",null,"C","Y","admin",null,"admin"]
["P174533104211000000000269","P202504220273","밀크클렌져","P174533104211000000000269",null,1,{"$f":"VLOOKUP(H101,거래처ID!$C$2:$D$8,2,FALSE)","v":{"$error":"#N/A"}},"ea",1,"ea","2025-04-23","00:00:00",null,"C","Y","admin",null,"admin"]
["P174533104211000000000270","P202504220274","폼클렌저","P174533104211000000000270",null,1,{"$f":"VLOOKUP(H102,거래처ID!$C$2:$D$8,2,FALSE)","v":{"$error":"#N/A"}},"ea",1,"ea","2025-04-23","00:00:00",null,"C","Y","admin",null,"admin"]
["P174533104211000000000271","P202504220275","클리어로션","P174533104211000000000271",null,1,{"$f":"VLOOKUP(H103,거래처ID!$C$2:$D$8,2,FALSE)","v":{"$error":"#N/A"}},"ea",1,"ea","2025-04-23","00:00:00",null,"C","Y","admin",null,"admin"]
["P174533104211000000000272","P202504220276","이온토비타민","P174533104211000000000272",null,1,{"$f":"VLOOKUP(H104,거래처ID!$C$2:$D$8,2,FALSE)","v":{"$error":"#N/A"}},"ea",1,"ea","2025-04-23","00:00:00",null,"C","Y","admin",null,"admin"]
["P174533104211000000000273","P202504220277","여우필아클레스필","P174533104211000000000273",null,1,{"$f":"VLOOKUP(H105,거래처ID!$C$2:$D$8,2,FALSE)","v":{"$error":"#N/A"}},"ea",1,"ea","2025-04-23","00:00:00",null,"C","Y","admin",null,"admin"]
["P174533104211000000000274","P202504220278","여우필멜라리스필","P174533104211000000000274",null,1,{"$f":"VLOOKUP(H106,거래처ID!$C$2:$D$8,2,FALSE)","v":{"$error":"#N/A"}},"ea",1,"ea","2025-04-23","00:00:00",null,"C","Y","admin",null,"admin"]
["P174533104211000000000275","P202504220279","여우필옥시젠부스터","P174533104211000000000275",null,1,{"$f":"VLOOKUP(H107,거래처ID!$C$2:$D$8,2,FALSE)","v":{"$error":"#N/A"}},"ea",1,"ea","2025-04-23","00:00:00",null,"C","Y","admin",null,"admin"]
["P174533104211000000000276","P202504220280","버블씨스노우30","P174533104211000000000276",null,1,{"$f":"VLOOKUP(H108,거래처ID!$C$2:$D$8,2,FALSE)","v":{"$error":"#N/A"}},"ea",1,"ea","2025-04-23","00:00:00",null,"C","Y","admin",null,"admin"]
["P174533104211000000000277","P202504220281","아쿠아모델링","P174533104211000000000277",null,1,{"$f":"VLOOKUP(H109,거래처ID!$C$2:$D$8,2,FALSE)","v":{"$error":"#N/A"}},"ea",1,"ea","2025-04-23","00:00:00",null,"C","Y","admin",null,"admin"]
["P174533104211000000000278","P202504220282","비타민모델링","P174533104211000000000278",null,1,{"$f":"VLOOKUP(H110,거래처ID!$C$2:$D$8,2,FALSE)","v":{"$error":"#N/A"}},"ea",1,"ea","2025-04-23","00:00:00",null,"C","Y","admin",null,"admin"]
["P174533104211000000000279","P202504220283","센텔라시카 마스크","P174533104211000000000279",null,1,{"$f":"VLOOKUP(H111,거래처ID!$C$2:$D$8,2,FALSE)","v":{"$error":"#N/A"}},"ea",1,"ea","2025-04-23","00:00:00",null,"C","Y","admin",null,"admin"]
["P174533104211000000000280","P202504220284","하이드라수딩 마스크","P174533104211000000000280",null,1,{"$f":"VLOOKUP(H112,거래처ID!$C$2:$D$8,2,FALSE)","v":{"$error":"#N/A"}},"ea",1,"ea","2025-04-23","00:00:00",null,"C","Y","admin",null,"admin"]
["P174533104211000000000281","P202504220285","뉴트리티브 바이탈 마사지크림","P174533104211000000000281",null,1,{"$f":"VLOOKUP(H113,거래처ID!$C$2:$D$8,2,FALSE)","v":{"$error":"#N/A"}},"ea",1,"ea","2025-04-23","00:00:00",null,"C","Y","admin",null,"admin"]
["P174533104211000000000282","P202504220286","하이드라더마아쥴렌크림","P174533104211000000000282",null,1,{"$f":"VLOOKUP(H114,거래처ID!$C$2:$D$8,2,FALSE)","v":{"$error":"#N/A"}},"ea",1,"ea","2025-04-23","00:00:00",null,"C","Y","admin",null,"admin"]
["P174533104211000000000283","P202504220287","디오투 액티베이터","P174533104211000000000283",null,1,{"$f":"VLOOKUP(H115,거래처ID!$C$2:$D$8,2,FALSE)","v":{"$error":"#N/A"}},"ea",1,"ea","2025-04-23","00:00:00",null,"C","Y","admin",null,"admin"]
["P174533104211000000000284","P202504220288","스킨 발란싱 토너","P174533104211000000000284",null,1,{"$f":"VLOOKUP(H116,거래처ID!$C$2:$D$8,2,FALSE)","v":{"$error":"#N/A"}},"ea",1,"ea","2025-04-23","00:00:00",null,"C","Y","admin",null,"admin"]
["P174533104211000000000285","P202504220289","레드네스 수딩 알로에 베라젤","P174533104211000000000285",null,1,{"$f":"VLOOKUP(H117,거래처ID!$C$2:$D$8,2,FALSE)","v":{"$error":"#N/A"}},"ea",1,"ea","2025-04-23","00:00:00",null,"C","Y","admin",null,"admin"]
["P174533104211000000000286","P202504220290","에이셀100 플루이드","P174533104211000000000286",null,1,{"$f":"VLOOKUP(H118,거래처ID!$C$2:$D$8,2,FALSE)","v":{"$error":"#N/A"}},"ea",1,"ea","2025-04-23","00:00:00",null,"C","Y","admin",null,"admin"]
["P174533104211000000000287","P202504220291","쿠퍼러스 플루이드","P174533104211000000000287",null,1,{"$f":"VLOOKUP(H119,거래처ID!$C$2:$D$8,2,FALSE)","v":{"$error":"#N/A"}},"ea",1,"ea","2025-04-23","00:00:00",null,"C","Y","admin",null,"admin"]
["P174533104211000000000288","P202504220292","캐비어 플루이드","P174533104211000000000288",null,1,{"$f":"VLOOKUP(H120,거래처ID!$C$2:$D$8,2,FALSE)","v":{"$error":"#N/A"}},"ea",1,"ea","2025-04-23","00:00:00",null,"C","Y","admin",null,"admin"]
["P174533104211000000000289","P202504220293","캐비어 플루이드","P174533104211000000000289",null,1,{"$f":"VLOOKUP(H121,거래처ID!$C$2:$D$8,2,FALSE)","v":{"$error":"#N/A"}},"ea",1,"ea","2025-04-23","00:00:00",null,"C","Y","admin",null,"admin"]
["P174533104211000000000290","P202504220294","퍼멘티드 플루이드","P174533104211000000000290",null,1,{"$f":"VLOOKUP(H122,거래처ID!$C$2:$D$8,2,FALSE)","v":{"$error":"#N/A"}},"ea",1,"ea","2025-04-23","00:00:00",null,"C","Y","admin",null,"admin"]
["P174533104211000000000291","P202504220295","쿰스필","P174533104211000000000291",null,1,{"$f":"VLOOKUP(H123,거래처ID!$C$2:$D$8,2,FALSE)","v":{"$error":"#N/A"}},"ea",1,"ea","2025-04-23","00:00:00",null,"C","Y","admin",null,"admin"]
["P174533104211000000000292","P202504220296","TP썬크림","P174533104211000000000292",null,1,{"$f":"VLOOKUP(H124,거래처ID!$C$2:$D$8,2,FALSE)","v":{"$error":"#N/A"}},"ea",1,"ea","2025-04-23","00:00:00",null,"C","Y","admin",null,"admin"]
["P174533104211000000000293","P202504220297","크리오제닉 액티베이터","P174533104211000000000293",null,1,{"$f":"VLOOKUP(H125,거래처ID!$C$2:$D$8,2,FALSE)","v":{"$error":"#N/A"}},"ea",1,"ea","2025-04-23","00:00:00",null,"C","Y","admin",null,"admin"]
["P174533104211000000000294","P202504220298","쏠라케어90겔플루이드(썬크림)","P174533104211000000000294",null,1,{"$f":"VLOOKUP(H126,거래처ID!$C$2:$D$8,2,FALSE)","v":{"$error":"#N/A"}},"ea",1,"ea","2025-04-23","00:00:00",null,"C","Y","admin",null,"admin"]
["P174533104211000000000295","P202504220299","fcr리젠트론마스크","P174533104211000000000295",null,1,{"$f":"VLOOKUP(H127,거래처ID!$C$2:$D$8,2,FALSE)","v":{"$error":"#N/A"}},"ea",1,"ea","2025-04-23","00:00:00",null,"C","Y","admin",null,"admin"]

{"sheet":"거래처ID","index":5,"n_rows":36,"n_cols":19,"rows_kept":36}
[null,"MU_COMPANY_ID","COMPANY_NAME","BUSINESS_NUMBER","USER_NAME","PHONE_NUMBER","EMAIL","MEMO","WRITE_DATE","WRITE_TIME","REMARK","CUD_FLAG","USE_YN","REG_ID","REG_DATE","MOD_ID","MOD_DATE","T_ID","T_DATE"]
["휴젤","C173258871030100000000057","휴젤","확인필요","이창기","010-2869-0068",null,"㈜블루엠텍","2025-04-23","00:00:00",null,"C","Y","admin",null,"admin"]
["(주)아프로메디온","C173258871030100000000058","(주)아프로메디온","-","박세호부장","010-6411-0772",null,null,"2025-04-23","00:00:00",null,"C","Y","admin",null,"admin"]
["유벤타헬스케어","C173258871030100000000059","유벤타헬스케어","-","-","-",null,null,"2025-04-23","00:00:00",null,"C","Y","admin",null,"admin"]
["에스테팜","C173258871030100000000060","에스테팜","-","-","-",null,null,"2025-04-23","00:00:00",null,"C","Y","admin",null,"admin"]
["제이시스","C173258871030100000000061","제이시스","424-87-00852","-","-",null,null,"2025-04-23","00:00:00",null,"C","Y","admin",null,"admin"]
["은성메디컬","C173258871030100000000062","은성메디컬","-","-","010-5323-3196",null,null,"2025-04-23","00:00:00",null,"C","Y","admin",null,"admin"]
["하이로닉","C173258871030100000000063","하이로닉","-","-","-",null,null,"2025-04-23","00:00:00",null,"C","Y","admin",null,"admin"]
["에이치투메디","C173258871030100000000064","에이치투메디","-","-","-",null,null,"2025-04-23","00:00:00",null,"C","Y","admin",null,"admin"]
["원진메디팜","C173258871030100000000065","원진메디팜","-","-","-",null,null,"2025-04-23","00:00:00",null,"C","Y","admin",null,"admin"]
["더메스테릭스","C173258871030100000000066","더메스테릭스","-","-","-",null,null,"2025-04-23","00:00:00",null,"C","Y","admin",null,"admin"]
["쎄라덤","C173258871030100000000067","쎄라덤","-","-","-",null,null,"2025-04-23","00:00:00",null,"C","Y","admin",null,"admin"]
["C&K","C173258871030100000000068","C&K","-","-","-",null,null,"2025-04-23","00:00:00",null,"C","Y","admin",null,"admin"]
["히스토랩","C173258871030100000000069","히스토랩","-","성기문 팀장","010-8502-1669",null,null,"2025-04-23","00:00:00",null,"C","Y","admin",null,"admin"]
["아일글로벌","C173258871030100000000070","아일글로벌","-","-","-",null,null,"2025-04-23","00:00:00",null,"C","Y","admin",null,"admin"]
["닥터랩","C173258871030100000000071","닥터랩","-","-","-",null,null,"2025-04-23","00:00:00",null,"C","Y","admin",null,"admin"]
["옥시젠","C173258871030100000000072","옥시젠","-","-","-",null,null,"2025-04-23","00:00:00",null,"C","Y","admin",null,"admin"]
["㈜클래시스","C173258871030100000000039","㈜클래시스"]
["㈜휴메딕스","C173258871030100000000040","㈜휴메딕스"]
["뉴메코","C173258871030100000000041","뉴메코"]
["멀츠아시아퍼스픽피티이엘티디","C173258871030100000000042","멀츠아시아퍼스픽피티이엘티디"]
["한국애브비㈜","C173258871030100000000043","한국애브비㈜"]
["우노스킨","C173258871030100000000044","우노스킨"]
["한국싱클레어(유)","C173258871030100000000045","한국싱클레어(유)"]
["(주)한용팜","C173258871030100000000046","(주)한용팜"]
["라윤코리아","C173258871030100000000047","라윤코리아"]
["㈜지오영","C173258871030100000000048","㈜지오영"]
["케어캠프㈜","C173258871030100000000049","케어캠프㈜"]
["민트메디컬㈜","C173258871030100000000050","민트메디컬㈜"]
["파마리서치","C173258871030100000000051","파마리서치"]
["바임글로벌","C173258871030100000000052","바임글로벌"]
["㈜아이더마바이오","C173258871030100000000053","㈜아이더마바이오"]
["㈜제이시스메디칼","C173258871030100000000054","㈜제이시스메디칼"]
["㈜엠제이메디컬","C173258871030100000000055","㈜엠제이메디컬"]
["미라셀㈜","C173258871030100000000056","미라셀㈜"]
["메이드유의원","C174504737937400000000038","메이드유의원"]